{"text_format":"3","workbook":"xlsx","n_sheets":14,"sheets":["Summary","Prelims","ALT","MAS","WPROOFING","C&J","CPAF","FCWL","IRON","PLUM","Glazing","PAINT","EST-ECPTA","PROV"],"not_rendered":{"defined_names":1},"read":"whole","date_system":"1900"}

{"sheet":"Summary","index":0,"n_rows":23,"n_cols":4,"rows_kept":23}
["SUMMARY PAGE"]
[]
["Preliminaries","Page",-1]
[]
["Prefab structure, Mansonry & concrete works","Page",-2]
[]
["Provisional Sums","Page",-3]
[]
["TOTAL OF BUILDING WORKS"]
[]
["CONTINGENCIES "]
[]
["Provide the Sum of R 30 000,00 (TenThirty Thousand Rand) ",null,1,{"v":30000,"d":"30,000.00"}]
["for Contingencies to be deducted in part or all if not"]
[" required."]
[]
["TOTAL OF BUILDING WORKS & CONTINGENCIES"]
[]
["SUB-TOTAL"]
[]
["VAT at the rate of 15%","VAT",{"v":0.15,"d":"15%"}]
[]
["TOTAL"]

{"sheet":"Prelims","index":1,"n_rows":2425,"n_cols":5,"rows_kept":2425}
["DESCRIPTION","UNIT","QUANTITY","RATE","AMOUNT"]
[]
["BILL No. 1",null,0]
[]
["PRELIMINARIES",null,0]
[]
["(CPAP Work Group No. 190 Unless Otherwise Stated)",null,0]
[]
["MEANING OF TERMS \"TENDER / TENDERER\" ",null,0]
[]
["Any reference to the words \"Tender\" or \"Tenderer\" herein",null,0]
[" and/or in any other documentation shall be construed to have"]
[" the same meaning as the words \"Bid\" or \"Bidder\""]
[]
["PRELIMINARIES ",null,0]
[]
["The JBCC Preliminaries Code 2103, May 2005 edition for use",null,0]
[" with the JBCC Principal Building Agreement Edition 4.1 Code"]
[" 2101, March 2005 is taken to be incorporated herein. The"]
[" tenderer is deemed to have referred to these documents for the"]
[" full intent and meaning of each clause. These clauses are"]
[" referred to by number and heading only. Where standard"]
[" clauses or options are not applicable to the contract such"]
[" modifications or corrections as are necessary are given under"]
[" each relevant clause. Where an item is not relevant to this"]
[" specific contract such item is marked. \"N/A\" signifying \"Not"]
[" Applicable\"."]
[]
["The Contract Data C1.2 shall have precedence in the",null,0]
[" interpretation of any ambiguity or inconsistency between it and"]
[" the Preliminaries"]
[]
["PRICING OF PRELIMINARIES ",null,0]
[]
["Should Option A, as set out in clause B10.3.1 hereinafter be",null,0]
[" used for the adjustment of preliminaries then each item priced"]
[" is to be allocated to one or more of the three categories Fixed,"]
[" Value Related or Time Related and the respective amounts"]
[" entered in the spaces provided under each item"]
[]
["Items not priced in these Preliminaries shall be deemed to be",null,0]
[" included elsewhere in these Bills of Quantities."]
[]
["SECTION A: JBCC PRINCIPAL BUILDING",null,0]
[" AGREEMENT "]
[]
["DEFINITIONS ",null,0]
[]
["A1.0\tDEFINITIONS AND INTERPRETATION",null,0]
[]
["Clause 1.0",null,0]
[]
["Clause 1.1 Definition of \"Commencement Date\" is added:",null,0]
[]
["\"COMMENCEMENT DATE\" means the date that the",null,0]
[" agreement, made in terms of the Form of Offer and"]
[" Acceptance, comes into effect"]
[]
["Clause 1.1 Definition of \"Construction Guarantee\" is",null,0]
[" amended by replacing it with the following:"]
[]
["\"CONSTRUCTION GUARANTEE\" means a guarantee at call",null,0]
[" obtained by the contractor from an institution approved by the"]
[" employer in terms of the employer's construction guarantee"]
[" form as selected in the schedule"]
[]
["Clause 1.1 Definition of \"Construction Period\" is amended by",null,0]
[" replacing it with the following:"]
[]
["\"CONSTRUCTION PERIOD\" means the period commencing",null,0]
[" on the commencement date and ending on the date of"]
[" practical completion"]
[]
["Clause 1.1 Definition of \"Corrupt Practice\" is added:",null,0]
[]
["\"CORRUPT PRACTICE\" means the offering, giving, receiving",null,0]
[" or soliciting of anything of value to influence the action of a"]
[" public official in the procurement process or in contract"]
[" execution."]
[]
[" "]
[]
["Clause 1.1 Definition of \"Fraudulent Practice\" is added:",null,0]
[]
[" "]
[]
["\"FRAUDULENT PRACTICE\" means a misrepresentation of",null,0]
[" facts in order to influence a procurement process or the"]
[" execution of a contract to the detriment of any tenderer and"]
[" includes collusive practice among tenderers (prior to or after"]
[" the tender submission) designed to establish tender prices at"]
[" artificial non-competitive levels and to deprive the tenderer of"]
[" the benefits of free and open competition"]
[]
[" "]
[]
["Clause 1.1 Definition of \"Interest\" is amended by replacing it",null,0]
[" with the following:"]
[]
[" "]
[]
["\"INTEREST\" means the interest rates applicable on this",null,0]
[" contract, whether specifically indicated in the relevant clauses"]
[" or not, will be the rate as determined by the Minister of Finance,"]
[" from time to time, in terms of section 80(1)(b) of the Public"]
[" Finance Management Act, 1999 (Act No.1 of 1999)."]
[]
[" "]
[]
["Clause 1.1 Definition of \"Principal Agent\" is amended by",null,0]
[" replacing it with the following:"]
[]
[" "]
[]
["\"PRINCIPAL AGENT\" means the person or entity appointed by",null,0]
[" the employer and named in the schedule.  In the event of a"]
[" principal agent not being appointed, then all the duties and"]
[" obligations of a principal agent as detailed in the agreement"]
[" shall be fulfilled by a representative of the employer as named"]
[" in the schedule"]
[]
[" "]
[]
["Clause 1.1 Definition of \"Security\" is amended by replacing it",null,0]
[" with the following:"]
[]
[" "]
[]
["\"SECURITY\" means the form of security provided by the",null,0]
[" employer or contractor, as stated in the schedule, from which"]
[" the contractor or employer may recover expense or loss"]
[]
[" "]
[]
["Clause 1.6 is amended by replacing the words \"prepaid",null,0]
[" registered post, telefax or e-mail\" with \"prepaid registered post"]
[" or telefax\""]
[]
[" "]
[]
["Clause 1.6.4 is amended by replacing it with the following:",null,0]
[]
[" "]
[]
["No clause","Item",0]
[]
[]
[]
["Fixed:____________ Value related:____________ Time"]
[" related:____________"]
[]
[" "]
[]
["OBJECTIVE AND PREPARATION ",null,0]
[]
["A2.0\tOFFER, ACCEPTANCE AND PERFORMANCE","Item",0]
[]
[]
[]
["Clause 2.0"]
[]
[]
[]
["Fixed:__________ Value related:__________ Time"]
[" related:__________"]
[]
[" "]
[]
["A5.0\tEMPLOYER'S AGENTS ","Item",0]
[]
[]
[]
["Clause 5.0 "]
[]
[]
[]
["Clause 5.1.2 is amended to include clauses 32.6.3, 34.3, 34.4"]
[" and 38.5.8"]
[]
[]
[]
["Fixed:____________ Value related:____________ Time"]
[" related:____________"]
[]
[" "]
[]
["A6.0\tSITE REPRESENTATIVE ","Item",1]
[]
[]
[]
["Clause 6.0 "]
[]
[]
[]
["Fixed:_________ Value related:_________ Time"]
[" related:_________"]
[]
[" "]
[]
["A7.0\tCOMPLIANCE WITH REGULATIONS ","Item",0]
[]
[]
[]
["Clause 7.0 "]
[]
[]
[]
["Note: A separate clause has been included in Section C :"]
[" Specific Preliminaries of the bills of quantities / lump sum"]
[" document for the contractor to have the opportunity to price"]
[" for all the reequirements of the Occupational Health and Safety"]
[" Act, Construction Regulations and Health and Safety"]
[" Specification "]
[]
[]
[]
["Fixed:  __________  Value related:____________ Time"]
[" related:  ____________"]
[]
[" "]
[]
["A8.0\tWORKS RISK ","Item",0]
[]
[]
[]
["Clause 8.0 "]
[]
[]
[]
["Fixed:____________ Value related:____________ Time"]
[" related:____________"]
[]
[" "]
[]
["A9.0\tINDEMNITIES ","Item",0]
[]
[]
[]
["Clause 9.0 "]
[]
[]
[]
["Fixed:____________ Value related:____________ Time"]
[" related:____________"]
[]
[" "]
[]
["A10.0\tWORKS INSURANCES ",null,0]
[]
[]
[]
["Clause 10.0 "]
[]
[]
[]
["Clause 10.0 is amended by the addition of the following"]
[" clauses:"]
[]
[" "]
[]
["10.5 Damage to the Works",null,0]
[]
[]
[]
["(a) \tWithout in any way limiting the contractor's"]
[" obligations in terms of the contract, the contractor"]
[" shall bear the full risk of damage to and/or destruction"]
[" of the works by whatever cause during construction of"]
[" the works and hereby indemnifies and holds harmless"]
[" the employer against any such damage. The"]
[" contractor shall take such precautions and security"]
[" measures and other steps for the protection and"]
[" security of the works as the contractor may deem"]
[" necessary"]
[]
[" "]
[]
["(b)\tThe contractor shall at all times proceed",null,0]
[" immediately to remove or dispose of any debris arising"]
[" from damage to or destruction of the works and to"]
[" rebuild, restore, replace and/or repair the works"]
[]
[" "]
[]
["(c)\tThe employer shall carry the risk of damage to or",null,0]
[" destruction of the works and materials paid for by the"]
[" employer that is the result of the excepted risks as set"]
[" out in 10.6"]
[]
[" "]
[]
["(d)\tWhere the employer bears the risk in terms of this",null,0]
[" contract, the contractor shall, if requested to do so,"]
[" reinstate any damage or destroyed portions of the"]
[" works and the costs of such reinstatement shall be"]
[" measured and valued in terms of 32.0 hereof"]
[]
[" "]
[]
["10.6 Injury to Persons or loss of or damage to Properties",null,0]
[]
[]
[]
["(a)\tThe contractor shall be liable for and hereby"]
[" indemnifies the employer against any liability, loss,"]
[" claim or proceeding whether arising in common law or"]
[" by statute, consequent upon personal injuries to or the"]
[" death of any person whomsoever arising out of or in"]
[" the course of or caused by the execution of the works"]
[" unless due to any act or negligence of any person for"]
[" whose actions the employer is legally liable"]
[]
[" "]
[]
["(b)\tThe contractor shall be liable for and hereby",null,0]
[" indemnifies the employer against any liability, loss,"]
[" claim or proceeding consequent upon loss of or"]
[" damage to any moveable or immovable or personal"]
[" property or property contiguous to the site, whether"]
[" belonging to or under the control of the employer or"]
[" any other body or person, arising out of or in the course"]
[" of or by reason of the execution of the works unless"]
[" due to any act or negligence of any person for whose"]
[" actions the employer is legally liable"]
[]
[" "]
[]
["(c)\tThe contractor shall, upon receiving a contract",null,0]
[" instruction from the principal agent, cause the same"]
[" to be made good in a perfect and workmanlike manner"]
[" at his own cost and in default thereof the employer"]
[" shall be entitled to cause it to be made good and to"]
[" recover the cost thereof from the contractor or to"]
[" deduct the same from amounts due to the contractor"]
[]
[" "]
[]
["(d)\tThe contractor shall be responsible for the",null,0]
[" protection and safety of such portions of the premises"]
[" placed under his control by the employer for the"]
[" purpose of executing the works until the issue of the"]
[" certificate of practical completion"]
[]
[" "]
[]
["(e)\tWhere the execution of the works involves the risk",null,0]
[" of removal of or interference with support to adjoining"]
[" properties including land or structures or any structures"]
[" to be altered or added to, the contractor shall obtain"]
[" adequately insurance and will remain adequately"]
[" insured or insured to the specific limit stated in the"]
[" contract against the death of or injury to persons or"]
[" damage to such property consequent on such removal"]
[" or interference with the support until such portion of the"]
[" works has been completed "]
[]
[" "]
[]
["(f)\tThe contractor shall at all times proceed",null,0]
[" immediately at his own cost to remove or dispose of"]
[" any debris and to rebuild, restore, replace and/or repair"]
[" such property and to execute the works"]
[]
[" "]
[]
["10.7 High risk insurance ",null,0]
[]
[]
[]
["In the event of the project being executed in a geological area"]
[" classified as a \"High Risk Area\", that is an area which is subject"]
[" to highly unstable subsurface conditions that might result in"]
[" catastrophic ground movement evident by sinkhole or doline"]
[" formation the following will apply:"]
[]
[" "]
[]
["10.7.1 Damage to the works",null,0]
[]
[]
[]
["The contractor shall, from the commencement date of the"]
[" works until the date of the certificate of practical completion"]
[" bear the full risk of and hereby indemnifies and holds harmless"]
[" the employer against any damage to and/or destruction of the"]
[" works consequent upon a catastrophic ground movement as"]
[" mentioned above. The contractor shall take such precautions"]
[" and security measures and other steps for the protection of the"]
[" works as he may deem necessary"]
[]
[" "]
[]
["When so instructed to do so by the principal agent, the",null,0]
[" contractor shall proceed immediately to remove and/or"]
[" dispose of any debris arising from damage to or destruction of"]
[" the works and to rebuild, restore, replace and/or repair the"]
[" works, at the contractor's own costs"]
[]
[" "]
[]
["10.7.2 Injury to persons or loss of or damage to property",null,0]
[]
[]
[]
["The contractor shall be liable for and hereby indemnifies and"]
[" holds harmless the employer against any liability, loss, claim or"]
[" proceeding arising at any time during the period of the contract"]
[" whether arising in common law or by statute, consequent upon"]
[" personal injuries to or the death of any person whomsoever"]
[" resulting from, arising out of or caused by a catastrophic"]
[" ground movement as mentioned above"]
[]
[" "]
[]
["The contractor shall be liable for and hereby indemnifies the",null,0]
[" employer against any and all liability, loss, claim or proceeding"]
[" consequent upon loss of or damage to any moveable or"]
[" immovable or personal property or property contiguous to the"]
[" site, whether belonging to or under the control of the employer"]
[" or any other body or person whomsoever arising out of or"]
[" caused by a catastrophic ground movement, as mentioned"]
[" above, which occurred during the period of the contract"]
[]
[" "]
[]
["10.7.3 It is the responsibility of the contractor to ensure that he",null,0]
[" has adequate insurance to cover his risk and liability as"]
[" mentioned in 10.7.1 and 10.7.2. Without limiting the"]
[" contractor's obligations in terms of the contract, the"]
[" contractor shall, within twenty-one (21) calendar days of the"]
[" commencement date but before commencement of the works"]
[", submit to the employer proof of such insurance policy, if"]
[" requested to do so"]
[]
[" "]
[]
["10.7.4 The employer shall be entitled to recover any and all","Item",0]
[" losses and/or damages of whatever nature suffered or incurred"]
[" consequent upon the contractor's default of his obligations as"]
[" set out in 10.7.1; 10.7.2 and 10.7.3. Such losses or damages"]
[" may be recovered from the contractor or by deducting the"]
[" same from any amounts still due under this contract or under"]
[" any other contract presently or hereafter existing between the"]
[" employer and the contractor and for this purpose all these"]
[" contracts shall be considered one indivisible whole "]
[]
[]
[]
["Fixed:  ____________   Value related:____________ Time"]
[" related:____________"]
[]
[" "]
[]
["A11.0\tLIABILITY INSURANCES","Item",0]
[]
[]
[]
["Clause 11.0"]
[]
[]
[]
["Fixed:_________ Value related:_________ Time"]
[" related:_________"]
[]
[]
[]
[" "]
[]
["A12.0\tEFFECTING INSURANCES","Item",0]
[]
[]
[]
["Clause 12.0"]
[]
[]
[]
["Fixed:___________ Value related:____________ Time"]
[" related:____________"]
[]
[" "]
[]
["A13.0\tNo clause",null,0]
[]
[" "]
[]
["A14.0\tSECURITY",null,0]
[]
[]
[]
["Clause 14.0"]
[]
[]
[]
["Clauses 14.1 is amended by replacing them with the following:"]
[]
[" "]
[]
["14.1 The employer shall choose the security to be provided.",null,0]
[" The contractor shall provide the security required or chosen by"]
[" the employee in the contract data C1.2.3."]
[]
[" "]
[]
["Clause 14.4.1 is amended by replacing it with the following:","Item",0]
[]
[]
[]
["\"equal to 10 per cent (10%) of the contract sum\"."]
[]
[" "]
[]
["EXECUTION ",null,0]
[]
["A15.0\tPREPARATION FOR AND EXECUTION OF THE",null,0]
[" WORKS"]
[]
[]
[]
["Clause 15.0"]
[]
[]
[]
["Clause 15.1.1 is amended by replacing it with:"]
[]
[]
[]
["No Clause"]
[]
[" "]
[]
["Clause 15.1 is amended by the addition of the following clause: ",null,0]
[]
[]
[]
["15.1.4 An acceptable health and safety plan, required in terms"]
[" of the Occupational Health and Safety Act, 1993 (Act 85 of"]
[" 1993), within twenty-one (21) calendar days of"]
[" commencement date"]
[]
[" "]
[]
["Clause 15.2.1 is amended by replacing it with the following","Item",0]
[" clause:"]
[]
[" "]
[]
["Give the contractor possession of the site within ten (10)","Item",0]
[" working days of the contractor complying with the terms of"]
[" 15.1.4"]
[]
[]
[]
["Fixed:____________ Value related:____________ Time"]
[" related:____________"]
[]
[" "]
[]
["A16.0\tACCESS TO THE WORKS","Item",0]
[]
[]
[]
["Clause 16.0"]
[]
[]
[]
["Fixed:____________ Value related:____________ Time"]
[" related:____________"]
[]
[" "]
[]
["A18.0\tSETTING OUT OF THE WORKS","Item",0]
[]
[]
[]
["Clause 18.0"]
[]
[]
[]
["Fixed:___100%______ Value related:_________ Time"]
[" related:_________"]
[]
[" "]
[]
["A20.0\tNOMINATED SUB-CONTRACTORS","Item",0]
[]
[]
[]
["Clause 20.0"]
[]
[]
[]
["Clause 20.1.3 is amended by replacing it with the following: "]
[]
[]
[]
["No Clause"]
[]
[]
[]
["Note: See item B9.1 hereinafter for adjustment of attendance"]
[" on nominated subcontractors executing work allowed for"]
[" under provisional sums \t"]
[]
[]
[]
["Fixed:____________ Value related:____________ Time"]
[" related:____________"]
[]
[" "]
[]
["A21.0\tSELECTED SUBCONTRACTORS","Item",0]
[]
[]
[]
["Clause 21.0"]
[]
[]
[]
["Fixed:____________ Value related:____________ Time"]
[" related:____________"]
[]
[" "]
[]
["A22.0\tEMPLOYER'S DIRECT CONTRACTORS","Item",0]
[]
[]
[]
["Clause 22.0"]
[]
[]
[]
["Fixed:____________ Value related:____________ Time"]
[" related:____________"]
[]
[" "]
[]
["A23.0\tCONTRACTOR'S DOMESTIC SUBCONTRACTORS","Item",0]
[]
[]
[]
["Clause 23.0"]
[]
[]
[]
["Fixed:____________ Value related:____________ Time"]
[" related:____________"]
[]
[" "]
[]
["COMPLETION ",null,0]
[]
["A24.0\tPRACTICAL COMPLETION","Item",0]
[]
[]
[]
["Clause 24.0"]
[]
[]
[]
["Fixed:____________ Value related:____________ Time"]
[" related:____________"]
[]
[" "]
[]
["A25.0\tWORKS COMPLETION","Item",0]
[]
[]
[]
["Clause 25.0"]
[]
[]
[]
["Fixed:____________ Value related:____________ Time"]
[" related:____________"]
[]
[" "]
[]
["A26.0\tFINAL COMPLETION","Item",0]
[]
[]
[]
["Clause 26.0"]
[]
[]
[]
["Clause 26.1.2 is amended by inserting \"#\" next to 26.1.2"]
[]
[]
[]
["Fixed:____________ Value related:____________ Time"]
[" related:____________ \t"]
[]
[" "]
[]
["A27.0\tLATENT DEFECTS LIABILITY PERIOD","Item",0]
[]
[]
[]
["Clause 27.0"]
[]
[]
[]
["Fixed:____________ Value related:____________ Time"]
[" related:____________"]
[]
[" "]
[]
["A28.0\tSECTIONAL COMPLETION","Item",0]
[]
[]
[]
["Clause 28.0"]
[]
[]
[]
["Fixed:____________ Value related:____________ Time"]
[" related:____________"]
[]
[]
[]
[" "]
[]
["A29.0\tREVISION OF DATE FOR PRACTICAL","Item",0]
[" COMPLETION"]
[]
[]
[]
["Clause 29.0"]
[]
[]
[]
["Fixed:____________ Value related:____________ Time"]
[" related:____________"]
[]
[" "]
[]
["A30.0\tPENALTY FOR NON-COMPLETION","Item",0]
[]
[]
[]
["Clause 30.0"]
[]
[]
[]
["Fixed:____________ Value related:____________ Time"]
[" related:____________"]
[]
[" "]
[]
["PAYMENT ",null,0]
[]
["A31.0\tINTERIM PAYMENT TO THE CONTRACTOR",null,0]
[]
[]
[]
["Clause 31.0"]
[]
[]
[]
["Clause 31.5.2 is amended by replacing \"14.7.1\" with \"14.0\""]
[]
[" "]
[]
["A32.0\tADJUSTMENT TO THE CONTRACT VALUE","Item",0]
[]
[]
[]
["Clause 32.0"]
[]
[]
[]
["Clauses 32.5.1, 32.5.4 and 32.5.7 are amended by the addition"]
[" of the following at the end of the sentence:"]
[]
[]
[]
["\"due to no fault of the contractor\""]
[]
[]
[]
["Fixed:____________ Value related:____________ Time"]
[" related:____________"]
[]
[" "]
[]
["A33.0\tRECOVERY OF EXPENSE AND LOSS",null,0]
[]
[]
[]
["Clause 33.0"]
[]
[" "]
[]
["Fixed:____________ Value related:____________ Time","Item",0]
[" related:____________"]
[]
[" "]
[]
["A34.0 \tFINAL ACCOUNT AND FINAL PAYMENT","Item",0]
[]
[]
[]
["Clause 34.0"]
[]
[]
[]
["Clause 34.2 is amended by inserting \"#\" next to 34.2"]
[]
[]
[]
["Clause 34.8 is amended by deleting the words \"where security"]
[" as a fixed construction guarantee in terms of 14.4 has been"]
[" selected or where payment reduction has been applied in terms"]
[" of 14.7.1\""]
[]
[]
[]
["Clause 34.13 is amended by replacing \"seven (7) calendar"]
[" days\" with \"twenty-one (21) calendar days\"."]
[]
[]
[]
["Fixed:____________ Value related:____________ Time"]
[" related:____________"]
[]
[" "]
[]
["A35.0\tPAYMENT TO OTHER PARTIES","Item",0]
[]
[]
[]
["Clause 35.0"]
[]
[]
[]
["Fixed:____________ Value related:____________ Time"]
[" related:____________"]
[]
[" "]
[]
["CANCELLATION ",null,0]
[]
["A36.0\tCANCELLATION BY EMPLOYER - CONTRACTOR'S",null,0]
[" DEFAULT \t"]
[]
[]
[]
["Clause 36.0"]
[]
[]
[]
["Clause 36.1 is amended by the addition of the following"]
[" clauses:"]
[]
[]
[]
["36.1.3 refuses or neglects to comply strictly with any of the"]
[" conditions of contract"]
[]
[]
[]
["36.1.4 estate being sequestrated, liquidated or surrendered in"]
[" terms of the insovency laws in force within the Republic of"]
[" South Africa"]
[]
[]
[]
["36.1.5 in the judgement of the employer, has engaged in"]
[" corrupt or fraudulent practices in competing for or in"]
[" executing the contract"]
[]
[]
[]
["Clause 36.3 is amended by removing the reference to \"No"]
[" clause\" and replacing the words \"principal agent\" with \""]
["employer\""]
[]
[" "]
[]
["Clause 36.0 is amended by the addition of the following clause:",null,0]
[]
[" "]
[]
["36.7 Notwithstanding any clause to the contrary, on cancellation","Item",0]
[" of this agreement either by the employer or the contractor; or"]
[" for any reason whatsoever, the contractor shall on written"]
[" instruction, discontinue with the works on a date stated and"]
[" withdraw himself from the site. The contractor shall not be"]
[" entitled to refuse to withdraw from the works on the grounds of"]
[" any lien or right of retention or on the grounds of any other right"]
[" whatsoever"]
[]
[]
[]
["Fixed:____________ Value related:____________ Time"]
[" related:____________"]
[]
[" "]
[]
["A37.0\tCANCELLATION BY EMPLOYER - LOSS AND",null,0]
[" DAMAGE"]
[]
[]
[]
["Clause 37.0"]
[]
[" "]
[]
["Clause 37.0 is amended by the addition of the following clause:","Item",0]
[]
[]
[]
["37.5 Notwithstanding any clause to the contrary, on cancellation"]
[" of this agreement either by the employer or the contractor; or"]
[" for any reason whatsoever, the contractor shall on written"]
[" instruction, discontinue with the works on a date stated and"]
[" withdraw himself from the site. The contractor shall not be"]
[" entitled to refuse to withdraw from the works on the grounds of"]
[" any lien or right of retention or on the grounds of any other right"]
[" whatsoever"]
[]
[]
[]
["Fixed:____________ Value related:____________ Time"]
[" related:____________"]
[]
[" "]
[]
["A38.0\tCANCELLATION BY CONTRACTOR - EMPLOYERS",null,0]
[" DEFAULT"]
[]
[]
[]
["Clause 38.0"]
[]
[]
[]
["Clause 38.0 is amended by the addition of the following clause:"]
[]
[" "]
[]
["38.7 Notwithstanding any clause to the contrary, on cancellation","Item",0]
[" of this agreement either by the employer or the contractor; or"]
[" for any reason whatsoever, the contractor shall on written"]
[" instruction, discontinue with the works on a date stated and"]
[" withdraw himself from the site. The contractor shall not be"]
[" entitled to refuse to withdraw from the works on the grounds of"]
[" any lien or right of retention or on the grounds of any other right"]
[" whatsoever"]
[]
[]
[]
["Fixed:____________ Value related:____________ Time"]
[" related:____________"]
[]
[" "]
[]
["A39.0\tCANCELLATION - CESSATION OF THE WORKS","Item",0]
[]
[]
[]
["Clause 39.0"]
[]
[]
[]
["Fixed:____________ Value related:____________ Time"]
[" related:____________"]
[]
[" "]
[]
["DISPUTE ",null,0]
[]
["A40.0\tDISPUTE SETTLEMENT ","Item",0]
[]
[]
[]
["Clause 40.0 "]
[]
["\t"]
[]
["Clause 40.2.2 is amended by replacing \"one (1) year\" with"]
[" \"three (3) years\"  "]
[]
[]
[]
["Clause 40.6 is amended by removing the reference to:  "]
[]
[]
[]
["No clause \t"]
[]
[]
[]
["Clause 40.7.1 is amended by replacing \"(10)\" with \"(15)\" and by"]
[" the addition of the following: "]
[]
["\t"]
[]
["Whether or not mediation resolves the dispute, the parties shall"]
[" bear their own cost concerning the mediation and equally share"]
[" the costs of the mediator and related costs \t"]
[]
[]
[]
["Fixed:____________ Value related:____________ Time"]
[" related:____________ \t"]
[]
[" "]
[]
["SUBSTITUTE PROVISIONS ",null,0]
[]
["A41.0\tSTATE CLAUSES","Item",0]
[]
[]
[]
["Clause 41.0"]
[]
[]
[]
["Fixed:____________ Value related:____________ Time"]
[" related:____________"]
[]
[" "]
[]
["CONTRACT VARIABLES ",null,0]
[]
["THE SCHEDULE (C1.2 CONTRACT DATA) ",null,0]
[]
["A42.0\tPRE-TENDER INFORMATION","Item",0]
[]
[]
[]
["Clause 42.0"]
[]
[]
[]
["Tenderers are referred to the document C1.2 Contract Data for"]
[" variables pertaining to this contract"]
[]
[]
[]
["Fixed:____________ Value related:____________ Time"]
[" related:____________"]
[]
[" "]
[]
["SECTION B: JBCC PRELIMINARIES ",null,0]
[]
["B1.0\tDEFINITIONS AND INTERPRETATION","Item",0]
[]
[" "]
[]
["B1.1\tDefinitions and interpretation","Item",0]
[]
[]
[]
["See also clause A1.0 of Section A for additional and/or"]
[" amended definitions which shall apply equally to this Section"]
[]
[]
[]
["Fixed:____________ Value related:____________ Time"]
[" related:____________"]
[]
[" "]
[]
["B2.0\tDOCUMENTS","Item",0]
[]
[" "]
[]
["B2.1\tChecking of documents","Item",0]
[]
[]
[]
["Fixed:____________ Value related:____________ Time"]
[" related:____________"]
[]
[" "]
[]
["B2.2\tProvisional bills of quantities","Item",0]
[]
[]
[]
["Fixed:____________ Value related:____________ Time"]
[" related:____________"]
[]
[" "]
[]
["B2.3\tAvailability of construction documentation","Item",0]
[]
[]
[]
["Fixed:____________ Value related:____________ Time"]
[" related:____________"]
[]
[" "]
[]
["B2.4\tInterests of agents","Item",0]
[]
[]
[]
["Fixed:____________ Value related:____________ Time"]
[" related:____________"]
[]
[" "]
[]
["B2.5\tPriced documents","Item",0]
[]
[]
[]
["Fixed:____________ Value related:____________ Time"]
[" related:____________"]
[]
[" "]
[]
["B2.6\tTender submission","Item",0]
[]
[]
[]
["Clause 2.6 is amended by replacing \"JBCC Form of Tender\""]
[" with \"Form of Offer and Acceptance\""]
[]
[]
[]
["Fixed:____________ Value related:____________ Time"]
[" related:____________"]
[]
[" "]
[]
["B3.0\tTHE SITE","Item",0]
[]
[" "]
[]
["B3.1\tDefined works area","Item",0]
[]
[]
[]
["Fixed:____________ Value related:____________ Time"]
[" related:____________"]
[]
[" "]
[]
["B3.2\tGeotechnical investigation","Item",0]
[]
[]
[]
["Fixed:____________ Value related:____________ Time"]
[" related:____________"]
[]
[" "]
[]
["B3.3\tInspection of the site","Item",0]
[]
[]
[]
["Tenderers shall complete the Site Inspection Certificate"]
[" included in the tender documents and return the same with the"]
[" tender submission."]
[]
[]
[]
["Fixed:____________ Value related:____________ Time"]
[" related:____________"]
[]
[" "]
[]
["B3.4\tExisting premises occupied","Item",0]
[]
[]
[]
["Fixed:____________ Value related:____________ Time"]
[" related:____________"]
[]
[" "]
[]
["B3.5\tPrevious work - dimensional accuracy","Item",0]
[]
[]
[]
["Fixed:____________ Value related:____________ Time"]
[" related:____________"]
[]
[" "]
[]
["B3.6\tPrevious work - defects","Item",0]
[]
[]
[]
["Fixed:____________ Value related:____________ Time"]
[" related:____________"]
[]
[" "]
[]
["B3.7\tServices - known","Item",0]
[]
[]
[]
["Fixed:____________ Value related:____________ Time"]
[" related:____________"]
[]
[" "]
[]
["B3.8\tServices - unknown","Item",0]
[]
[]
[]
["Fixed:____________ Value related:____________ Time"]
[" related:____________"]
[]
[" "]
[]
["B3.9\tProtection of trees","Item",0]
[]
[]
[]
["Fixed:____________ Value related:____________ Time"]
[" related:____________"]
[]
[" "]
[]
["B3.10\tArticles of value","Item",0]
[]
[]
[]
["Fixed:____________ Value related:____________ Time"]
[" related:___________"]
[]
[" "]
[]
["B3.11\tInspection of adjoining properties","Item",0]
[]
[]
[]
["Fixed:____________ Value related:____________ Time"]
[" related:____________"]
[]
[" "]
[]
["B4.0\tMANAGEMENT OF CONTRACT","Item",0]
[]
[" "]
[]
["B4.1\tManagement of the works","Item",0]
[]
[]
[]
["Fixed:_________ Value related:_________ Time"]
[" related:_________"]
[]
[" "]
[]
["B4.2\tProgramme for the works","Item",0]
[]
[]
[]
["Fixed:  ____________ Value related:____________ Time"]
[" related:____________"]
[]
[" "]
[]
["B4.3\tProgress meetings","Item",0]
[]
[]
[]
["Fixed:____________ Value related:____________ Time"]
[" related: ____________"]
[]
[" "]
[]
["B4.4\tTechnical meetings","Item",0]
[]
[]
[]
["Fixed:____________ Value related:____________ Time"]
[" related: ____________"]
[]
[" "]
[]
["B4.5\tLabour and plant records","Item",0]
[]
[]
[]
["Fixed:____________ Value related:____________ Time"]
[" related: ____________"]
[]
[" "]
[]
["B5.0\tSAMPLES, SHOP DRAWINGS AND","Item",0]
[" MANUFACTURERS' INSTRUCTIONS"]
[]
[" "]
[]
["B5.1\tSamples of materials","Item",0]
[]
[]
[]
["Fixed:____________ Value related:____________ Time"]
[" related:____________"]
[]
[" "]
[]
["B5.2\tWorkmanship samples","Item",0]
[]
[]
[]
["Fixed:____________ Value related:____________ Time"]
[" related:____________"]
[]
[" "]
[]
["B5.3\tShop drawings","Item",0]
[]
[]
[]
["Fixed:____________ Value related:____________ Time"]
[" related:____________"]
[]
[" "]
[]
["B5.4\tCompliance with manufacturers' instructions","Item",0]
[]
[]
[]
["Fixed:____________ Value related:____________ Time"]
[" related:____________"]
[]
[" "]
[]
["B6.0\tTEMPORARY WORKS AND PLANT","Item",0]
[]
[" "]
[]
["B6.1\tDeposits and fees","Item",0]
[]
[]
[]
["Fixed:____________ Value related:____________ Time"]
[" related:____________"]
[]
[" "]
[]
["B6.2\tEnclosure of the works","Item",0]
[]
[]
[]
["Fixed:____________ Value related:____________ Time"]
[" related:____________"]
[]
[" "]
[]
["B6.3\tAdvertising","Item",0]
[]
[]
[]
["Fixed:____________ Value related:____________ Time"]
[" related:____________"]
[]
[" "]
[]
["B6.4\tPlant, equipment, sheds and offices","Item",0]
[]
[]
[]
["Fixed:____33.33%_____ Value related:___66.67%______"]
[" Time related:_________"]
[]
[" "]
[]
["B6.5\tMain notice board","Item",0]
[]
[]
[]
["Fixed:_________ Value related:_________ Time"]
[" related:_________"]
[]
[" "]
[]
["B6.6\tSubcontractors' notice board","Item",0]
[]
[]
[]
["Fixed:____________ Value related:____________ Time"]
[" related:____________"]
[]
[" "]
[]
["B7.0\tTEMPORARY SERVICES","Item",0]
[]
[" "]
[]
["B7.1\tLocation","Item",0]
[]
[]
[]
["Fixed:____________ Value related:____________ Time"]
[" related:____________"]
[]
[" "]
[]
["B7.2\tWater","Item",0]
[]
[]
[]
["Fixed:_________ Value related:_________ Time"]
[" related:__100%_______"]
[]
[" "]
[]
["B7.3\tElectricity","Item",0]
[]
[]
[]
["Fixed:_________ Value related:_________ Time"]
[" related:__100%_______"]
[]
[" "]
[]
["B7.4\tTelecommunication facilities","Item",0]
[]
[]
[]
["Fixed:_________ Value related:_________ Time"]
[" related:_______"]
["Fixed:_________ Value related:_________ Time"]
[" related:_________"]
[]
[" "]
[]
["B8.0\tPRIME COST AMOUNTS","Item",0]
[]
[" "]
[]
["B8.1\tResponsibility for prime cost amounts","Item",0]
[]
[]
[]
["Fixed:____________ Value related:____________ Time"]
[" related:____________"]
[]
[" "]
[]
["B9.0\tATTENDANCE ON N/S SUBCONTRACTORS","Item",0]
[]
[" "]
[]
["B9.1\tGeneral attendance","Item",0]
[]
[]
[]
["Fixed:____________ Value related:____________ Time"]
[" related:____________"]
[]
[" "]
[]
["B9.2\tSpecial attendance","Item",0]
[]
[]
[]
["Fixed:____________ Value related:____________ Time"]
[" related:____________"]
[]
[" "]
[]
["B9.3\tCommissioning - fuel, water and electricity","Item",0]
[]
[]
[]
["Fixed:____________ Value related:____________ Time"]
[" related:____________"]
[]
[" "]
[]
["B10.0\tFINANCIAL ASPECTS","Item",0]
[]
[" "]
[]
["B10.1\tStatutory taxes, duties and levies","Item",0]
[]
[]
[]
["Fixed:____________ Value related:____________ Time"]
[" related:____________"]
[]
[" "]
[]
["B10.2\tPayment for preliminaries","Item",0]
[]
[]
[]
["Fixed:____________ Value related:____________ Time"]
[" related:____________"]
[]
[" "]
[]
["B10.3\tAdjustment of preliminaries","Item",0]
[]
[]
[]
["Clauses B10.3.1 and B10.3.2 are amended by replacing \"within"]
[" fifteen (15) working days of taking possession of the site\" with"]
[" \"when submitting his priced bills of quantities / lump sum"]
[" document\""]
[]
[]
[]
["Fixed:____________ Value related:____________ Time"]
[" related:____________"]
[]
[" "]
[]
["B10.4\tPayment certificate cash flow","Item",0]
[]
[]
[]
["Fixed:____________ Value related:____________ Time"]
[" related:____________"]
[]
[" "]
[]
["B11.0\tGENERAL","Item",0]
[]
[" "]
[]
["B11.1\tProtection of the works","Item",0]
[]
[]
[]
["Fixed:____________ Value related:____________ Time"]
[" related:____________"]
[]
[" "]
[]
["B11.2\tProtection / isolation of existing / sectionally","Item",0]
[" occupied works"]
[]
[]
[]
["Fixed:____________ Value related:____________ Time"]
[" related:____________"]
[]
[" "]
[]
["B11.3\tSecurity of the works","Item",0]
[]
[]
[]
["Fixed:____________ Value related:____________ Time"]
[" related: __100%__________"]
[]
[" "]
[]
["B11.4\tNotice before covering work","Item",0]
[]
[]
[]
["Fixed:____________ Value related:____________ Time"]
[" related:____________"]
[]
[" "]
[]
["B11.5\tDisturbance","Item",0]
[]
[]
[]
["Fixed:____________ Value related:____________ Time"]
[" related:____________"]
[]
[" "]
[]
["B11.6\tEnvironmental disturbance","Item",0]
[]
[]
[]
["Fixed:____________ Value related:____________ Time"]
[" related:____________"]
[]
[" "]
[]
["B11.7\tWorks cleaning and clearing","Item",0]
[]
[]
[]
["Fixed:_________ Value related:_________ Time"]
[" related:_________"]
[]
[" "]
[]
["B11.8\tVermin","Item",0]
[]
[]
[]
["Fixed:____________ Value related:____________ Time"]
[" related:____________"]
[]
[" "]
[]
["B11.9\tOverhand work","Item",0]
[]
[]
[]
["Fixed:____________ Value related:____________ Time"]
[" related:____________"]
[]
[" "]
[]
["B11.10\tInstruction manuals and guarantees","Item",0]
[]
[]
[]
["Fixed:____________ Value related:____________ Time"]
[" related:____________"]
[]
[" "]
[]
["B11.11\tAs built information","Item",0]
[]
[]
[]
["Fixed:____________ Value related:____________ Time"]
[" related:____________"]
[]
[" "]
[]
["B11.12\tTenant installations","Item",0]
[]
[]
[]
["Fixed:____________ Value related:____________ Time"]
[" related:____________"]
[]
[" "]
[]
["B12.0\tSCHEDULE OF VARIABLES","Item",0]
[]
[" "]
[]
["B12.1\tSchedule of variables","Item",0]
[]
[]
[]
["Fixed:____________ Value related:____________ Time"]
[" related:____________"]
[]
[" "]
[]
["This schedule contains all variables referred to in this",null,0]
[" document and is divided into pre-tender and post-tender"]
[" categories. The pre-tender category must be completed in full"]
[" and included in the tender documents. Both the pre-tender and"]
[" post-tender categories form part of these Preliminaries."]
[]
[" "]
[]
["Spaces requiring information must be filled in, shown as \"not",null,0]
[" applicable\" or deleted and not left blank. Where choices are"]
[" offered, the non-applicable items are to be deleted.  Where"]
[" insufficient space is provided the information should be"]
[" annexed hereto and cross-referenced to the applicable clause"]
[" of the schedule. Key cross reference clauses are italicised in ["]
[" ] brackets"]
[]
[" "]
[]
["12.1\tPRE-TENDER INFORMATION",null,0]
[]
["12.1.1\tProvisional Bills of Quantities"]
[]
["[2.2]\tThe quantities are provisional"]
[]
["YES"]
[]
[" "]
[]
["12.1.2\tAvailability of construction documentation",null,0]
[]
["[2.3]\tConstruction documentation is complete"]
[]
["YES"]
[]
[" "]
[]
["12.1.3\tInterest of agents",null,0]
[]
["[2.4]\tDetails:"]
[]
["NIL"]
[]
[" "]
[]
["12.1.4\tDefined works area",null,0]
[]
["[3.1]\tDetails:"]
[]
["\tThe work area will be pointed out by the principal"]
[" agent to the contractor who will sign written"]
[" acknowledgement therefore before commencing"]
[" operations."]
[]
[" "]
[]
["12.1.5\tGeotechnical investigation",null,0]
[]
["[3.2]\tDetails:"]
[]
["\tTrail holes, soils investigation, etc have been carried"]
["\tout."]
[]
[" "]
[]
["12.1.6\tExisting premises occupied",null,0]
[]
["[3.4]\tSpecific requirements:"]
[]
["\tThe premises will be in use and occupied during the"]
[" course of this contract. The contractor shall execute"]
[" the works in such a manner as will least interfere with"]
[" the general routine of the occupants of the premises"]
[" and shall minimise any nuisance from dust, noise or"]
[" other causes."]
[]
[" "]
[]
["12.1.7\tPrevious work - dimensional accuracy",null,0]
[]
["[3.5]\tDetails:"]
[]
["N/A"]
[]
[" "]
[]
["12.1.8\tPrevious work - defects",null,0]
[]
["[3.6]\tDetails:"]
[]
["N/A"]
[]
[" "]
[]
["12.1.9.\tServices - known",null,0]
[]
["[3.7]\tDetails:"]
[]
["\tShould the contractor encounter any existing services"]
[" such as underground cables, pipes or sewer during the"]
[" execution of the works he shall notify the principal"]
[" agent immediatly and suspend all affected work in the"]
[" immediate vicinity until instruction to proceed has been"]
[" given by the principal agent."]
[]
[" "]
[]
["12.1.10\tProtection of trees",null,0]
[]
["[3.9]\tSpecific requirements:"]
[]
["\tOnly those trees and shrubs indicated as such on the"]
[" drawings shall be removed or cut down. The remainder"]
[" of the trees and shrubs shall be left undamaged."]
[]
[" "]
[]
["12.1.11\tInspection of adjoining properties",null,0]
[]
["[3.11]\tSpecific requirements:"]
[]
["N/A"]
[]
[" "]
[]
["12.1.12\tEnclosure of the works",null,0]
[]
["[6.2]\tSpecific requirements:"]
[]
["\tThe contractor shall enclose the areas of work and"]
[" mark areas with danger tape."]
[]
[" "]
[]
["12.1.13\tOffices",null,0]
[]
["[6.4.3]\tSpecific requirements:"]
[]
["\tSee Scope of Works C3.1, Project Specification, item"]
[" 4.14.3"]
[]
[" "]
[]
["12.1.14\tMain notice board",null,0]
[]
["[6.5]\tSpecific requirements:"]
[]
["\tSee Scope of Works C3.1, Project Specification, item"]
[" 4.14.6"]
[]
[" "]
[]
["12.1.15\tSubcontractors' notice board",null,0]
[]
["[6.6]\tA notice board is required\t\t\t"]
["\t\t\t\t\t\t\tNO "]
[]
["\tSpecific requirements:"]
[]
[" "]
[]
["12.1.16\tWater",null,0]
[]
["[7.2]\tOption A (by contractor)"]
[]
["YES"]
[]
["\tOption B (by employer - free of charge)"]
[]
["NO"]
[]
["\tOption C (by employer - metered)"]
[]
["NO"]
[]
[" "]
[]
["12.1.17\tElectricity",null,0]
[]
["[7.3]\tOption A (by contractor)"]
[]
["YES"]
[]
["\tOption B (by employer - free of charge)"]
[]
["NO"]
[]
["\tOption C (by employer - metered)"]
[]
["NO"]
[]
[" "]
[]
["12.1.18\tTelecommunications",null,0]
[]
["[7.4]\tTelephone"]
[]
["YES"]
[]
["\tFacsimile"]
[]
["YES"]
[]
["\tE-mail"]
[]
["YES"]
[]
[" "]
[]
["12.1.19\tAblution facilities",null,0]
[]
["[7.5]\tOption A (by contractor)"]
[]
["YES"]
[]
["\tOption B (by employer)"]
[]
["NO"]
[]
[" "]
[]
["12.1.20\tProtection of existing/sectionally occupied works ",null,0]
[]
["[11.2]\tProtection is required"]
[]
["YES"]
[]
[" "]
[]
["12.1.21\tSpecial attendance",null,0]
[]
["[9.2]\tSubcontractor (1) details:"]
[]
[]
[]
["\tSubcontractor (2) details:"]
[]
[]
[]
["\tSubcontractor (3) details:"]
[]
[]
[]
["\tSubcontractor (4) details:"]
[]
[" "]
[]
["12.1.22\tProtection of works",null,0]
[]
["[11.1]\tSpecific requirements:"]
[]
["N/A"]
[]
[" "]
[]
["12.1.23\tDisturbance",null,0]
[]
["[11.5]\tSpecific requirements:"]
[]
["\tThe contractor shall keep the site, structures, etc well"]
[" watered during operations to prevent dust and shall"]
[" provide and erect and remove on completion of the"]
[" works all necessary temporary dust screens all to the"]
[" satisfaction of the principal agent"]
[]
[" "]
[]
["12.1.24\tEnvironmental disturbance",null,0]
[]
["[11.6]\tSpecific requirements: "]
[]
["NONE"]
[]
[" "]
[]
["12.2\tPOST-TENDER INFORMATION",null,0]
[]
[" "]
[]
["12.2.1\tPayment of preliminaries",null,0]
[]
[]
[]
["[10.2]\tOption A (prorated)"]
[]
["YES/NO"]
[]
["\tOption B (calculated)"]
[]
["YES/NO"]
[]
[" "]
[]
["12.2.2\tAdjustment of preliminaries",null,0]
[]
["[10.3]\tOption A (three categories)"]
[]
["YES/NO"]
[]
["\tOption B (detailed breakdown)"]
[]
["YES/NO"]
[]
[" "]
[]
["12.2.3\tAdditional agreed preliminaries items",null,0]
[]
["\tDetails:"]
[]
[" "]
[]
["SECTION C: SPECIFIC PRELIMINARIES ",null,0]
[]
["Section C contains specific preliminary items which apply to",null,0]
[" this contract except where N/A (Not Applicable) appears"]
[" against an item"]
[]
[" "]
[]
["C1\tCONTRACT DRAWINGS","Item",0]
[]
[]
[]
["The drawings issued with the tender documents do not"]
[" comprise the complete set but serve as a guide only for"]
[" tendering purposes and for indicating the scope of the work to"]
[" enable the tenderer to acquaint himself with the nature and"]
[" extent of the works and the manner in which they are to be"]
[" executed."]
[]
[]
[]
["Should any part of the drawings not be clearly understood by"]
[" the tenderer he shall, before submitting his tender, obtain"]
[" clarification in writing from the principal agent."]
[]
[]
[]
["Fixed: ____________ Value related:____________ Time"]
[" related:____________"]
[]
[" "]
[]
["C2\tGENERAL PREAMBLES","Item",0]
[]
[]
[]
["The document \"Specification of Materials and Methods to be"]
[" used (PW371)\" is obtainable on the Department's website ("]
["http://www.publicworks.gov.za/ under \"Consultants Guidelines\")"]
[]
["and shall be read in conjunction with the bills of quantities and"]
[" be referred to for the full descriptions of work to be done and"]
[" materials to be used"]
[]
[]
[]
["Fixed: ____________ Value related:____________ Time"]
[" related:____________"]
[]
[" "]
[]
["C3\tTRADE NAMES","Item",0]
[]
[]
[]
["Wherever a trade name for any product has been described in"]
[" the bills of quantities, the tenderer's attention is drawn to the"]
[" fact that any other product of equal quality may be used subject"]
[" to the written approval of the principal agent being obtained"]
[" prior to the closing date for submission of tenders."]
[]
[]
[]
["If prior written approval for an alternative product is not"]
[" obtained, the product described shall be deemed to have been"]
[" tendered for."]
[]
[]
[]
["Fixed: ____________ Value related:____________ Time"]
[" related:____________"]
[]
[" "]
[]
["C4        IMPORTED MATERIALS AND EQUIPMENT","Item",0]
[]
[]
[]
["Where imported items are listed in the tender documents, the"]
[" tenderer shall provide all the information called for, failing which"]
[" the price of any such item, materials or equipment shall be"]
[" excluded from currency fluctuations. (refer to Schedule of"]
[" Imported Materials and Equipment DPW-23(EC) to be"]
[" completed by tenderer)."]
[]
[]
[]
["Notwithstanding any provisions elsewhere regarding the"]
[" adjustment of contract prices, the price of any item, material or"]
[" equipment listed in terms of this clause shall be excluded from"]
[" the Contract Price Adjustment Provisions."]
[]
[]
[]
["Fixed: ____________ Value related:____________ Time"]
[" related:____________"]
[]
[" "]
[]
["C5        CONTRACT INSTRUCTIONS","Item",0]
[]
[]
[]
["Contract instructions issued on site are to be recorded in"]
[" triplicate in a site instruction book which is to be maintained on"]
[" site by the Contractor."]
[]
[]
[]
["Fixed: ____________ Value related:____________ Time"]
[" related:____________"]
[]
[]
[]
[" "]
[]
["C6        SITE LEVELS","Item",0]
[]
[]
[]
["Before commencement of the works the Contractor shall carry"]
[" out and provide the Principal Agent for approval a survey of the"]
[" existing site levels in sufficient detail to enable the preparation"]
[" of a final account."]
[]
[]
[]
["Fixed: ____________ Value related:____________ Time"]
[" related:____________"]
[]
[]
[]
[" "]
[]
["C7        UNAUTHORISED PERSONS ON SITE","Item",0]
[]
[]
[]
["The Contractor shall not permit unauthorised persons onto and"]
[" workmen to lodge on the site."]
[]
[]
[]
["Fixed: ____________ Value related:____________ Time"]
[" related:____________"]
[]
[]
[]
[" "]
[]
["C8       PLANT AND LABOUR RECORD","Item",0]
[]
[]
[]
["At the end of each week the Contractor shall provide the"]
[" Principal Agent with a written record, in schedule form,"]
[" reflecting the number and description of tradesmen and"]
[" labourers employed by him and all subcontractors on the works"]
[" each day and the number, type and capacity of all plant,"]
[" excluding hand tools, currently used on the works."]
[]
[]
[]
["Fixed: ____________ Value related:____________ Time"]
[" related:____________"]
[]
[]
[]
[" "]
[]
["C9        USE OF LOCAL LABOUR FROM THE EMPLOYER'S","Item",0]
[" AREA OF OPERATION"]
[]
[]
[]
["It is a requirement of the contract that the work be executed in"]
[" such a manner as to maximise the use of local labour in order"]
[" to provide the local community with employment opportunities."]
[" It is a specific requirement of this tender that the successful"]
[" tenderer employs, in consultation with the Employer's"]
[" representative, unemployed persons from the ranks of the local"]
[" communities and the immediate surroundings, who possess"]
[" the appropriate skills required for a contract of this nature."]
[]
[{"$f":"- In order to achieve the recruitment of local labour, the","v":{"$error":"#NAME?"}}]
[" Employer' representative will establish, a database of"]
[" unemployed persons, indicating their specialised training,"]
[" previous experience and employment, etc. The successful"]
[" tenderer will be required to directly employ suitable persons"]
[" recruited from the employer's database and ensure that all"]
[" legislative requirements regarding their employment are"]
[" complied with and provide the Employer with the necessary"]
[" documentary proof, if required."]
[]
[{"$f":"- the Contractor is required to produce weekly records suitably","v":{"$error":"#NAME?"}}]
[" detailed to enable the Employer's representative to monitor the"]
[" achievement of the required local labour."]
[]
[{"$f":"- the Contractor is required to provide informal skills training so","v":{"$error":"#NAME?"}}]
[" that the required standard of workmanship is maintained."]
[]
[{"$f":"- With respect to labour, the minimum rate for any and all","v":{"$error":"#NAME?"}}]
[" workers contracted for this project shall be as stated in the"]
[" latest published regulations from the Department of Labour."]
[]
[]
[]
["Fixed: ____________ Value related:____________ Time"]
[" related:____________"]
[]
[]
[]
[" "]
[]
["C10        COMMUNITY LIASON OFFICER","Item",0]
[]
[]
[]
["It is a requirement of this Contract that a Community Liaison"]
[" Officer (CLO) be appointed for the contract. The function of the"]
[" CLO shall be to represent the local community in matters"]
[" concerning the use of local labour on the works and to assist"]
[" with and facilitate communication between the Contractor, the"]
[" Employer and the local communities. It must be noted that the"]
[" date of commencement of temporary employment of the CLO"]
[" shall be no later than the date of commencement of the"]
[" Contract. The identification of the approved CLO to be"]
[" appointed by the Contractor under the Contract shall be"]
[" resolved by the Contractor and the particular Ward Councillors"]
[" in collaboration with the Local Communities."]
[]
["It will be required, therefore, that the successful Tenderer (i.e."]
[" the Contractor) enter into a contract for the employment of the"]
[" above-mentioned CLO. The Contract must set out, inter alia,"]
[" the agreement between the parties, the duties and conditions of"]
[" employment of the CLO, etc. The said contract will be between"]
[" the Contractor and the CLO."]
[]
["A separate item, subject to re-measurement, has been"]
[" scheduled in - Provisional Sums - to cover the direct costs"]
[" associated with the CLO. The sum allowed is not to be"]
[" exceeded."]
[]
[]
[]
["Fixed: ____________ Value related:____________ Time"]
[" related:___100%_________"]
[]
[]
[]
[" "]
[]
["C11        GUARANTEES","Item",0]
[]
[]
[]
["Where guarantees are called for, the Contractor shall obtain a"]
[" written guarantee, addressed to the Employer, from the firm"]
[" supplying the materials and/or doing the work and shall deliver"]
[" same to the Principal Agent no later than the works completion"]
[" date. The guarantee shall state that workmanship, materials"]
[" and installation are guaranteed for a specified period from the"]
[" final completion dated and that any defects that may arise"]
[" during the specified period shall be made good at the expense"]
[" of the firm supplying the materials and/or doing the work, upon"]
[" written notice from the Principal Agent to do so. This guarantee"]
[" will not be enforced if the work is damaged by defects in the"]
[" construction of the building in which case the responsibility for"]
[" replacement shall rest entirely with the Contractor. The"]
[" Principal Agent shall be the sole judge of the cause responsible"]
[" for defect of the works and his decision shall be final and"]
[" binding in terms of clause 40.2 of the agreement."]
[]
[]
[]
["Fixed: _____100%_______ Value related:____________ Time"]
[" related:____________"]
[]
[]
[]
[" "]
[]
["C12        WARRANTIES FOR MATERIAL AND","Item",0]
[" WORKMANSHIP"]
[]
[]
[]
["Where warranties for materials and/or workmanship are called"]
[" for, the Contractor shall obtain a written warranty, addressed to"]
[" the Employer, from the firm supplying the materials and/or"]
[" doing the work and shall deliver same to the Principal Agent on"]
[" the certified practical completion of the contract The warranty"]
[" shall state that workmanship, materials and installation are"]
[" warranteed for a specified period from the date of final"]
[" completion and that any defects that may arise during the"]
[" specified period shall be made good at the expense of the firm"]
[" supplying the materials and/or doing the work, upon written"]
[" notice to do so. The warranty will not be enforced if the work is"]
[" damaged by defects in the construction of the building in which"]
[" case the responsibility for replacement shall rest entirely with"]
[" the Contractor."]
[]
[]
[]
["Fixed: ____________ Value related:____________ Time"]
[" related:____________"]
[]
[]
[]
[" "]
[]
["C13        OVERTIME","Item",0]
[]
[]
[]
["Should overtime be required to be worked for any reason"]
[" whatsoever, the costs of such overtime are to be borne by the"]
[" Contractor unless the Principal Agent has specifically"]
[" authorised, in writing, prior to execution thereof, that costs for"]
[" such overtime are to be borne by the Employer."]
[]
[]
[]
["Fixed: ____________ Value related:____________ Time"]
[" related:____________"]
[]
[]
[]
[" "]
[]
["C14        CO-OPERATION OF CONTRACTOR FOR COST","Item",0]
[" MANAGEMENT"]
[]
[]
[]
["It is specifically agreed that the Contractor accepts the"]
[" obligation of assisting the agents in implementing proper cost"]
[" management on this project. The Contractor will be advised by"]
[" the Principal Agent of all cost management procedures which"]
[" will be implemented to ensure that the final account does not"]
[" exceed the budget."]
[]
[]
[]
["Fixed: _____16.67%_______ Value related:____________"]
[" Time related:____83.33%________"]
[]
[]
[]
[" "]
[]
["C15\tHIV/AIDS AWARENESS",null,0]
[]
[]
[]
["It is required of the contractor to thoroughly study the"]
[" HIV/AIDS Specification (PW1544) of the Department that must"]
[" be read together with and is deemed to be incorporated under"]
[" this Section of the bills of quantities. Provision for pricing of"]
[" HIV/AIDS awareness is made under items C15.1 to C15.5"]
[" hereafter and it is explicitly pointed out that all requirements of"]
[" the aforementioned specification are deemed to be priced"]
[" hereunder, as the said items represent the only method of"]
[" measurement and no additional items or extras to the contract"]
[" in this regard shall be entertained"]
[]
[]
[]
["The contractor must take note that compliance with the"]
[" HIV/AIDS Specification is compulsory. In the event of partial or"]
[" total non-compliance, the principal agent, notwithstanding the"]
[" provisions of Clause A 31.0 of Section A or any other clause to"]
[" the contrary, reserves the right to delay issuing any progress"]
[" payment certificate until the contractor provides satisfactory"]
[" proof of compliance. The contractor shall not be entitled to any"]
[" compensation of whatsoever nature, including interest, due to"]
[" such delay of payment."]
[]
[" "]
[]
["C15.1\tAWARENESS CHAMPION","Item",0]
[]
[]
[]
["Selection, appointment, briefing and making available of an"]
[" Awareness Champion including provision of all relevant"]
[" services, all in accordance with the HIV/AIDS Specification"]
[]
["Fixed:_________ Value related:_________ Time"]
[" related:_________"]
[]
["C15.2\tAWARENESS WORKSHOPS","Item",0]
[]
["Selection and appointment of a competent Service Provider"]
[" approved by the principal agent, provision of a Service"]
[" Provider Workshop Plan and a suitable venue, conducting of"]
[" awareness workshops by means of traditional and/or modern"]
[" multi-media techniques, including follow-up courses, making"]
[" available all tuition material and performing assessment"]
[" procedures, all in accordance with the HIV/AIDS Specification."]
[]
["Fixed:_________ Value related:_________ Time"]
[" related:_________"]
[]
["C15.3\tPOSTERS, BOOKLETS, VIDEOS, ETC.","Item",0]
[]
["Provision, displaying, maintaining and replacing when"]
[" necessary of four plastic laminated posters, booklets and"]
[" educational videos, etc. for the duration of the construction"]
[" period, all in accordance with the HIV/AIDS Specification."]
[]
["Fixed:_________ Value related:_________ Time"]
[" related:________"]
[]
["C15.4 \tACCESS TO CONDOMS","Item",0]
[]
["Provision and maintenance of condom dispensers fixed in"]
[" position, including male and female condoms, replenishing"]
[" male and female condoms on a daily basis as required for the"]
[" duration of the construction period, all in accordance with the"]
[" HIV/AIDS Specification"]
[]
["Fixed:_________ Value related:_________ Time"]
[" related:_________"]
[]
["C15.5\tMONITORING","Item",0]
[]
["Monitoring HIV/AIDS awareness of workers, providing the"]
[" principal agent with access to information including making"]
[" available all reports, thoroughly completed and reflecting the"]
[" correct information, for the duration of the construction period"]
[" and close out, all in accordance with the HIV/AIDS"]
[" Specification."]
[]
["Fixed:_____________ Value related:____________ Time"]
[" related:______________"]
[]
["C16\tOCCUPATIONAL HEALTH AND SAFETY ACT","Item",0]
[]
["The contractor shall comply with all the requirements set out in"]
[" the Construction Regulations, 2003 issued under the"]
[" Occupational Health and Safety Act, 1993 (Act No 85 of 1993)."]
[]
["It is required of the contractor to thoroughly study the Health"]
[" and Safety Specification that must be read together with and is"]
[" deemed to be incorporated under this Section of the bills of"]
[" quantities."]
[]
["The contractor must take note that compliance with the"]
[" Occupational Health and Safety Act, Construction Regulations"]
[" and Health and Safety Specification is compulsory.  In the event"]
[" of partial or total non compliance, the principal agent,"]
[" notwithstanding the provisions of clause A31.0 of Section A or"]
[" any other clause to the contrary, reserves the right to delay"]
[" issuing any progress payment certificate until the contractor"]
[" provides satisfactory proof of compliance.  The contractor"]
[" shall not be entitled to any compensation of whatsoever nature,"]
[" including interest, due to such delay of payment."]
[]
["Provision for pricing of the Occupational Health and Safety Act,"]
[" Construction Regulations and Health and Safety Specification"]
[" is made under this clause and it is explicitly pointed out that all"]
[" requirements of the aforementioned are deemed to be priced"]
[" hereunder and no additional claims in this regard shall be"]
[" entertained."]
[]
["Fixed:_________ Value related:_________ Time"]
[" related:_________"]
[]
[" CARRIED TO FINAL SUMMARY"]

{"sheet":"ALT","index":2,"n_rows":209,"n_cols":5,"rows_kept":209,"hidden":true}
["DESCRIPTION","UNIT","QUANTITY","RATE","AMOUNT"]
[]
["BILL No. 2"]
[]
["EARTHWORKS"]
[]
["(CPAP Work Group No.102 Unless"]
[" Otherwise Stated)"]
[]
["NOTE:"]
[]
["The Standard Preambles and the Notes in the various trade"]
[" bills are to, and do, apply equally to this section."]
["---------------"]
["Tenderers are advised to visit the site and to inspect the works"]
[" in conjunction with the drawings in order to ascertain the exact"]
[" nature and extent of the work to be done as no claim will be"]
[" entertained on the grounds of ignorance of the conditions under"]
[" which the work was to be executed."]
[]
["The work is to be carried out in sections? in accordance with"]
[" the Architect's instructions in such a manner as to cause the"]
[" minimum of nuisance and delay and the various sections are to"]
[" be handed over for occupation as soon as they are completed"]
[" and Tenderers must allow accordingly for this in their pricing."]
[]
["The Contractor will be held solely responsible for checking all"]
[" floor levels and dimensions in the existing building in order that"]
[" the new extensions may be correctly lined up. Should any"]
[" discrepancies be found in the Architect's drawings he should be"]
[" asked for a decision before continuing with the work."]
[]
["The Contractor will be held solely responsible for any damage"]
[" to persons, property, equipment and for the safety of the new"]
[" and existing structure throughout the whole of the contract and"]
[" must make good at his own expense any damage that may"]
[" occur. He must allow for protecting all existing work liable to"]
[" suffer damage (ie. walls, finishes, floors, ceilings, windows,"]
[" doors, loose and fixed fittings, electrical equipment and"]
[" appliances, etc) during the building operations, alterations, etc."]
[" and provide all necessary materials in doing so."]
[]
["Old materials, which are to become the property of the"]
[" Contractor as they are pulled down, together with all building"]
[" debris from any cause whatsoever, are to be immediately"]
[" carted away and the site left clean and unencumbered. Allow"]
[" for watering the works sufficiently to prevent nuisance from"]
[" dust."]
[]
["Allow for giving notice to local or other authorities for"]
[" disconnecting electric light, water and drainage mains and"]
[" removing telephone wires, etc, and pay all fees in connection"]
[" therewith and afford every facility to the workmen carrying out"]
[" this work."]
[]
["Tenderers are advised that adjacent sections of the building will"]
[" be occupied during the building operations and the contractor is"]
[" to carry out the work with as little noise, dust and disturbance"]
[" as possible and access is to be given the staff and visitors?."]
[]
["All materials in this section are measured as new except where"]
[" old material is specifically mentioned as being re-used."]
[]
["Old materials, if sound and suitable and approved by the"]
[" Architect, may be re-used in the new structure. This applies"]
[" particularly to timber which may be re-used for joists,"]
[" brandering, fittings, etc and broken bricks and other similar"]
[" material which may be used as filling and hardcore."]
[]
["Wherever old materials are used instead of the new materials"]
[" measured, an adjustment will be made by the Quantity"]
[" Surveyor in the final settlement of accounts by deducting the"]
[" net cost of the new materials and crediting the Contractor with"]
[" the amount, if any, allowed by him for the old materials."]
[]
["Where door and window openings, etc, are specified to be filled"]
[" in, or where jambs, cills, etc are specified to be built up,"]
[" brickwork shall be of hard burnt clay stock bricks in 5.1 cement"]
[" mortar unless otherwise specified, cut, toothed and bonded into"]
[" existing brickwork and pinned up as required with slates or"]
[" other hard materials. Brickwork built to fair face or in facings is"]
[" to be of bricks and pointed to match existing. Plaster is to be"]
[" 5.1 cement plaster unless otherwise specified."]
[]
["Where lintols are specified as precast concrete the prices are"]
[" to include for breaking out brickwork over for and inserting"]
[" precast prestressed cement concrete (30MPa) lintol with"]
[" 230mm bearing on each end size 108 x 75mm deep for each"]
[" half brick thickness of wall."]
[]
["The term \"take out\" includes all work taken out, taken up, taken"]
[" down, taken off, etc ; the term \"break up\" includes all work"]
[" broken up, broken down, broken off, etc and the term \"hack off\""]
[" includes all work hacked off, hacked up, hacked down, etc."]
[]
["The term \"make good\" is to include all labour and material"]
[" required to match existing work."]
[]
["The terms \"take out and remove door\", \"take out and remove"]
[" window\", \"carefully take out, set aside for re-use and later refix"]
[" window in new position\", etc are to include all materials"]
[" connected with such door or window such as doors, windows,"]
[" fanlights, frames, ironmongery, glass, architraves, beads, fillets,"]
[" cramps, dowels, etc."]
[]
["The terms \"take out and remove sink unit\", \"take out and"]
[" remove lavatory basin\", \"carefully take out, set aside for re-use"]
[" and later refix W.C. suite in new position\", etc are to include all"]
[" materials connected with such sanitary fittings such as"]
[" brackets, cisterns, taps, traps, flushing valves, flush pipes, etc"]
[" and are to include for the cutting back and stopping off of"]
[" supply and waste pipes."]
[]
["Propping, strutting, shoring, etc. incidental to the alterations"]
[" shall be deemed to be included in the descriptions."]
["-----------------------------"]
["Temporary Barriers, Screens, Etc Of Painted Shutterboard,"]
[" Corrugated Iron Sheeting Or Other Equal Approved On Timber"]
[" Or Steel Framework To Provide Necessary Security"]
[" Appropriate To This Contract Including Removal And Making"]
[" Good All To Principal Agents Approval "]
[]
["Hack off tiles on plastered walls  and make good of the ","m2",50.85]
["physical look to receive new tiling as specified"]
[]
["Hack off floor tiles and prepare the surface to receive new","m2",92.72]
["tiles as specified "]
[]
["Take out and remove the existing Wash Hand Basin","No",7]
["at the existing ablutions and make good of physical look"]
["to receive new WHB as specified"]
[]
["Break Up And Remove Mass Concrete In"]
[]
["Surface bed, shower tray, etc.","m3",2]
[]
["3 x 40mm Deep sawcut in concrete surface bed preparatory to","m",4]
[" breaking up."]
[]
["Take out carefully and Vanish with Clear Vanish the existing "]
["doors and burgler gates and and install them to its origin"]
["position"]
[]
["Internal doors ","No",10]
[]
["External doors","No",2]
[]
["Burgler gates externally","No",2]
[]
["Break out all loose and friable material, clean out and fill crack","Item",1]
[" in concrete surface bed size 5mm wide x 30mm deep with abe"]
[" epidermic 395 or other equal approved two component"]
[" modified epoxy liquid."]
[]
["Break Down And Remove Brickwork, Etc In"]
[]
["Half brick wall ","m2",2.2]
[]
["Take Out And Remove Doors Or Windows Including"]
[" Thresholds, Cills, Etc. And Build Up Openings In Brickwork"]
[" Including Making Good Cement Plaster On Both Sides"]
[]
["Timber door and pressed steel frame size 813 x 2032mm high","No",2]
[" overall from half brick wall."]
[]
["Take Down And Remove Roofs, Floors, Panelling, Ceilings,"]
[" Partitions, Etc."]
[]
["Suspended Ceilings","m",92.72]
[]
["Allow for covering and maintaining existing roofs in perfectly","Item",1]
[" watertight condition during the alterations by means of heavy"]
[" tarpaulins, properly secured and maintained in position to the"]
[" approval of the Principal Agent and make good all work"]
[" damaged or disturbed after completion (total area of alterations"]
[" to roof coverings 100m2)."]
[]
[]
["Take Out And Remove Sundry Joinery Work, Etc. And Make"]
[" Good Plaster, Screeds, Etc"]
[]
["Timber cornices from ceilings","m",32]
[]
["Take Up And Remove Wooden Seating bench, Carpeting, Etc"]
[]
["Wooden seating bench ","No",3]
[]
[]
["Carefully take down and remove light fittings at ablutions"]
[" including cabling, etc and handover to Client. "]
[]
["Existing lights and wiring ","No",1]
[]
["Inspection and service to existing supply soil drainiage"]
[" services, fittings including excavations, compaction, KEFOW,"]
[" ramming, backfilling etc. "]
[]
["Servicing existing soil drainage pipes.","Item",1]
[]
["Take down gutters,fittings and downpipes clean, inspect and"]
[" re-use not damaged to Clients instruction. "]
[]
["Existing gutters fixed to fascias. (Provisional)","m",48]
[]
["Service existing extractor fan "]
[]
[]
[]
[" CARRIED TO FINAL SUMMARY"]

{"sheet":"MAS","index":3,"n_rows":27,"n_cols":5,"rows_kept":27}
["DESCRIPTION","UNIT","QUANTITY","RATE","AMOUNT"]
[]
["BILL No. 3"]
[]
["PREFAB STUCTURE"]
[]
["Prefab structure (6,98m X 7,060m) as per on the drawings placed floor footed with it original floor type and original covering on top of newly built renforced concrete slab. Modular sructures to be fitted with gutter and down pipes connected to 2500 liters JOJO tanks with plastic water taps, ","no",3]
[]
[]
["MASONRY "]
[]
["CONCRETE SLAB FOUNDATION"]
[]
["Eartworks, site clearance and compaction","m²",149.53]
[]
["110 mm thick reinforced concrete slab 25mpa","m³",16.45]
[" Stated"]
[]
["1,3m wide -10mpa concrete ramp in each door"]
[]
["Formwork for concrete slab edges","m",300.163]
[]
["cart away","m³",16.45]
[]
[]
[]
[" CARRIED TO FINAL SUMMARY"]

{"sheet":"WPROOFING","index":4,"n_rows":22,"n_cols":5,"rows_kept":22,"hidden":true}
["DESCRIPTION","UNIT","QUANTITY","RATE","AMOUNT"]
[]
["BILL No. 4"]
[]
[" "]
[]
["WATERPROOFING "]
[]
[" "]
[]
["(CPAP Work Group No. 120 Unless"]
[" Otherwise Stated) "]
[]
["DAMP PROOFING TO WALLS AND FLOORS"]
[]
["One Layer 375 Micron Embossed Dampproof Sheeting"]
[]
[]
[]
["On walls.","m2",2]
[]
[" CARRIED TO FINAL SUMMARY"]

{"sheet":"C&J","index":5,"n_rows":42,"n_cols":5,"rows_kept":42,"hidden":true}
["DESCRIPTION","UNIT","QUANTITY","RATE","AMOUNT"]
[]
["BILL No. 5"]
[]
["CARPENTRY & JOINERY "]
[]
["(CPAP Work Group No. 126 Unless"]
[" Otherwise Stated) "]
[]
["CARPENTRY"]
[]
[]
["SKIRTINGS"]
[]
["Wrot Red Meranti"]
[]
["19 x 69mm Angle rounded skirting, plugged and including","m",95]
[" 19mm quadrant bead planted on."]
[]
["JOINERY"]
[]
["All joinery unless otherwise specified, is to be wrot on all"]
[" surfaces and prices are to include for this, including leaving"]
[" clean, smooth, free from tool marks and for rounded arrises. "]
[]
["The sizes of all timbers for joinery are to hold to the full sizes"]
[" specified. "]
[]
["Commercial veneer shall refer to veneer to be painted. South"]
[" African Pine shall be referred to as Pine. "]
["--------------------"]
[]
["Seating bench at the change rooms","No",2]
[]
["DOORS, ETC"]
[]
["Internal heavy duty solid door "]
[]
["Door, (Hung) size 813 x 2032mm.","No",6]
[]
[]
["  CARRIED TO FINAL SUMMARY"]

{"sheet":"CPAF","index":6,"n_rows":37,"n_cols":5,"rows_kept":37,"hidden":true}
["DESCRIPTION","UNIT","QUANTITY","RATE","AMOUNT"]
[]
["BILL No. 6"]
[]
["CEILINGS, PARTITIONS AND ACCESS"]
[" FLOORING "]
[]
["NAILED UP CEILINGS"]
[]
["CPAP Work Group No 129 Unless Otherwise Stated"]
[]
["Note: "]
[]
["Prices for openings for light fittings, ventilation grilles, air"]
[" conditioning diffusers, etc are to include for any necessary"]
[" additional support, trimming around, etc"]
[]
["Brandering for timber ceiling at 450mm centres brandering - 38"]
[" x 50mm brandering max. 760mm truss centres"]
[]
["Tounge and grooved wrot pine ceilings in panels fixed in place "]
[]
["Horizontal ceilings fixed to and including 38 x 50mm sawn Pine","m2",94]
[" brandering at 600mm centres in one direction only and with"]
[" additional brandering at perimeter and along joints of ceiling"]
[" plates."]
[]
["Extra over ceilings for trapdoor size 900 x 900mm in clear","No",2]
[" including all sawn and wrot Pine framing, coverstrips, etc"]
[" covered with ceiling board and fitted flush with ceiling."]
[]
["Ceiling Insulation"]
[]
["100mm Thick Aerolite blanket type fibreglass insulation laid on","m2",94]
[" top of ceilings between roof timbers, etc."]
[]
[" CARRIED TO FINAL SUMMARY"]

{"sheet":"FCWL","index":7,"n_rows":49,"n_cols":5,"rows_kept":49,"hidden":true}
["DESCRIPTION","UNIT","QUANTITY","RATE","AMOUNT"]
[]
["BILL No. 7 "]
[]
["TILING "]
[]
[]
["(CPAP Work Group No. 144 Unless"]
[" Otherwise Stated) "]
[]
["Note:"]
[]
["All tiling is to be fixed with approved adhesive unless otherwise"]
[" described to screeded or plastered surfaces which are"]
[" elsewhere measured. All jointing is to be done with an approved"]
[" grout unless otherwise described."]
[]
["--------------------"]
[]
["FLOOR TILING","H3"]
[]
["Allow Prime Cost amount of R325.00/m2 for Full Bodied","H4"]
[" Porcelain Floor Tiles Size 1200 x 1200 x 8mm, Fix With"]
[" Adhesive And Joint And Point With 4mm Flush Joints In"]
[" Coloured Grout On Screed (Elsewhere Measured) "]
[]
["On floors and landings with continuous joints in both directions.","m2",92]
[]
["Allow Prime Cost amount of R265.00/m2 for Full Bodied","H4"]
[" Porcelain \"White\" Wall Tiles Size 200 x 200 x 5mm Thick, Fix"]
[" With Adhesive And Joint And Point With 4mm Flush Joints In"]
[" Coloured Anti-fungal Grout On Plaster (Elsewhere Measured) "]
[]
["On walls.","m2",179.2]
[]
["On narrow widths.","m2",12]
[]
["Sundries","H4"]
[]
["Kirk M-Trim ASE080 plugged to wall tiles.","m",21]
[]
["Kirk M-Trim ASE080 plugged to floor.","m",13]
[]
[]
[]
[]
[]
[]
[" CARRIED TO FINAL SUMMARY"]

{"sheet":"IRON","index":8,"n_rows":56,"n_cols":5,"rows_kept":56,"hidden":true}
["DESCRIPTION","UNIT","QUANTITY","RATE","AMOUNT"]
[]
["BILL No. 8"]
[]
["IRONMONGERY "]
[]
["(CPAP Work Group No. 132 Unless"]
[" Otherwise Stated) "]
[]
["Note:"]
[]
["Ironmongery is fixed to timber unless otherwise described."]
["--------------------"]
["IRONMONGERY TO DOORS, FRAMES, ETC"]
[]
["Hinges, Bolts, Etc"]
[]
["75 x 100mm Union 8352-100SB two ball bearing butt hinge.","No",6]
[]
["100mm Brass barrel bolt with keep fixed to steel.","No",6]
[]
["100mm Brass barrel bolt with keep set into floor screed.","No",2]
[]
["Union 37651AS paraplegic W.C. indicating bolt and keep.","No",2]
[]
["Locks, Etc"]
[]
["Union CZ682-24CH/2252-76SS 3 lever mortice lockset.","No",19]
[]
["Handles, Etc"]
[]
["Union CZ5105CH pull handle.","No",2]
[]
["Catches, Cabin Hooks, Etc"]
[]
["100mm Brass cabin hook and eye screwed to and including 69","No",2]
[" x 69 x 32mm chamfered Meranti block plugged to wall."]
[]
["Push Plates, Kicking Plates, Nameplates, Etc"]
[]
["Union AL5066-06ASE14 paraplegic indicator plate.","No",2]
[]
["Stops, Holders, Hooks, Etc"]
[]
["32mm Rubber door stop plugged to floor.","No",19]
[]
["Union AL8721AS hat and coat hook.","No",2]
[]
["BATHROOM FITTINGS"]
[]
["32mm Diameter Chairman Industries (Tel. 011 624-1222) code DL2 stainless steel side grab rail plugged and screwed to wall.","No",2]
[]
["Ditto, but code SR2 stainless steel rear grab rail plugged and screwed to wall.","No",2]
[]
[]
[" CARRIED TO FINAL SUMMARY"]

{"sheet":"PLUM","index":9,"n_rows":121,"n_cols":5,"rows_kept":121,"hidden":true}
["DESCRIPTION","UNIT","QUANTITY","RATE","AMOUNT"]
[]
["BILL No. 3"]
[]
["PLUMBING (PROVISIONAL) "]
[]
["(CPAP Work Group No. 148 Unless"]
[" Otherwise Stated) "]
[]
["SANITARY PLUMBING","H3",0]
[]
[]
[]
["uPVC Socketed Soil, Waste And Vent Piping And Fittings","H4",0]
[" (SABS 967) Including Short Lengths, Cutting, Jointing And"]
[" Holderbats "]
[]
["40mm Pipe and fixing to falls to walls, floors, in roofs, soffit of","m",12]
[" concrete slab, in chases (including chases and making good),"]
[" in concrete, etc."]
[]
["50mm Ditto.","m",7]
[]
["110mm Ditto.","m",9]
[]
["Extra For","H4"]
[]
["110mm \"GI Two-Way\" vent valve.","No",4]
[]
["50mm Reducer.","No",6]
[]
["40mm Bend.","No",10]
[]
["50mm Bend.","No",7]
[]
["50mm Access bend.","No",6]
[]
["110mm Access bend.","No",5]
[]
["110mm Access junction.","No",4]
[]
["110 x 40mm Boss connector.","No",5]
[]
["110 x 50mm Boss connector.","No",3]
[]
["110mm Pan collar and joint to outlet of W.C. pan.","No",6]
[]
["40mm P-Trap with joints to outlet of sanitary fitting including","No",2]
[" adaptor and to end of PVC pipe."]
[]
["Chromium Plated Brass","H4",0]
[]
["32 x 40mm Bottle trap as Cobra 350, joints to outlet of sanitary","No",2]
[" fitting and to end of PVC pipe and including adaptor."]
[]
["SANITARY FITTINGS","H3"]
[]
["NOTE:"]
[]
["All fittings butting up against wall or floor finishes are to be"]
[" sealed with an approved  silicone sealer to the Architects"]
[" satisfaction."]
[]
["--------------------"]
[]
[]
["White Glazed Vitreous China Fittings Including Assembling And","H4"]
[" Fixing In Position, Expanding Bolts And Mortices In Brick Or"]
[" Concrete Walls, Connecting Up, Etc. (Tap And Mixer Set"]
[" Reference Numbers Are Those Of Cobra Brassware)"]
[]
["Stainless Steel wash hand basin 3,5 long with (to be specified)","No",2]
[]
[]
["Vaal Parktown 90 degrees inlet code: to be specified W.C. ","No",14]
[]
[]
["Stainless steel hand dryer to be specified ","No",4]
[]
[]
["Disables W.C ","No",2]
[]
[]
["Disables WHB ","No",2]
[]
["Disabled stainless steel soap dispencer","No",2]
[]
["Stainless steel Hand Sanitazers holders ","No ",4]
[]
["Stainless Steel sanitary bins at Female ablutions","No",9]
[]
["Stainless Steel soap dispenser ","No",6]
[]
["FIRE SERVICE"]
[]
["Sundries"]
[]
["4.5 Kg DCP fire extinguisher complete with bracket and meranti","No",2]
[" board, fixed to wall with expanding bolts and including mortices"]
[" in brickwork."]
[]
["9 Kg DCP fire extinguisher fibreglass cabinet","No",2]
[]
["Fire blanket","No",1]
[]
["\"Chubb\" or other approved turnable hosereel bearing SABS","No",1]
[" mark and brackets with patent swivel joints, fitted with 30m"]
[" length of 19mm diameter SABS red PVC hose with gunmetal"]
[" 'shut-off' control nozzle and chromium plated wheelhead valve"]
[" and fix reel and nozzle bracket to plastered walls with and"]
[" including 6 x 76mm expanding bolts in mortices in wall."]
[]
["TESTING"]
[]
["Allow for testing all drains, sanitary plumbing, water supplies","Item",1]
[" and fire appliances and installations to the satisfaction of the"]
[" Architect and to Municipal requirements and supply all"]
[" necessary compliance certificates. All defective work is to be"]
[" taken out and replaced at the Contractor's expense."]
[]
[" CARRIED TO FINAL SUMMARY"]

{"sheet":"Glazing","index":10,"n_rows":33,"n_cols":5,"rows_kept":33,"hidden":true}
["DESCRIPTION","UNIT","QUANTITY","RATE","AMOUNT"]
[]
["BILL No. 10"]
[]
["GLAZING "]
[]
["(CPAP Work Group No. 150 Unless"]
[" Otherwise Stated) "]
[]
["NOTE:","H3",0]
[]
[]
[]
["Panes are in rectangular shapes unless described as irregular","H4",0]
[" shaped."]
[]
[]
["SUNDRIES","H3",0]
[]
[]
[]
["4mm Float Glass Silver Backed Mirror With Polished Edges All","H4",0]
[" Around"]
[]
[]
["Mirror size 3000 x 1000mm sixteen times holed for and screwed with","No",2]
[" chromium plated two piece cover headed screws to and"]
[" including hardwood plugs in wall."]
[]
[]
[]
[]
[" CARRIED TO FINAL SUMMARY"]

{"sheet":"PAINT","index":11,"n_rows":76,"n_cols":5,"rows_kept":76,"hidden":true}
["DESCRIPTION","UNIT","QUANTITY","RATE","AMOUNT"]
[]
["BILL No. 11"]
[]
["PAINTWORK "]
[]
["(CPAP Work Group No. 152 Unless"]
[" Otherwise Stated) "]
[]
["Descriptions "]
[]
["All plaster surfaces are smooth (floated) unless otherwise"]
[" described.  "]
[]
["Prices  "]
[]
["Paintwork shall include the preparation of surfaces, filling,"]
[" stopping, sanding and the spot priming of filling, stopping, nail"]
[" heads and screws"]
[]
["PAINT ON METAL "]
[]
["Remove All Traces Of Protective Coating From Galvanised"]
[" Surfaces With Galvanised Iron Cleaner, Prepare And Apply"]
[" One Coat Galvanised Iron Primer, One Undercoat And Two"]
[" Coats Enamel On "]
[]
["Steel windows with burglar bars (measured on flat over both","m2",15]
[" sides). "]
[]
["PAINT ON WOOD "]
[]
["Prime Or Oil "]
[]
["Backs of frames or linings not exceeding 300mm girth. ","m",35]
[]
["Prepare And Apply Three Coats Interior Quality Clear Varnish"]
[" On "]
[]
["Skirtings, cornices or rails not exceeding 300mm girth. ","m",17]
[]
["Doors. ","m2",16]
[]
["Prepare And Apply Three Coats Exterior Quality Clear Varnish",null,0]
[" On "]
[]
["Frames and linings. ","m2",9]
[]
["Doors. ","m2",16]
[]
["REDECORATION OF PREVIOUSLY PAINTED WOOD "]
[]
["Clean Down, Remove All Loose And Flaking Varnish, Prepare"]
[" And Apply Two Coats Interior Quality Clear Varnish On "]
[]
["Doors. ","m2",4]
[]
["Ceilings.","m2",19]
[]
["Clean Down, Remove All Loose And Flaking Varnish, Prepare",null,0]
[" And Apply Two Coats Exterior Quality Clear Varnish On "]
[]
[]
["Frames and linings. ","m2",3]
[]
["Windows (measured on flat over both sides). ","m2",13]
[]
["Windows with glazing bars (measured on flat over both sides). ","m2",6]
[]
["Clean Down, Remove All Loose And Flaking Paint, Prepare",null,0]
[" Surfaces And Apply Two Coats Roof Paint On "]
[]
["Steel roof covering (measured on flat).","m2",75]
[]
[]
[" CARRIED TO FINAL SUMMARY"]

{"sheet":"EST-ECPTA","index":12,"n_rows":4692,"n_cols":13,"rows_kept":4692,"hidden":true}
[null,"*","EST-ECPTA","2019-11-19","21:13:29",".","1.9.5.5"]
[null,"*","Thomas Baines Nature Reserve - Estimate"]
["COUNTER","ISC","SECTION","BILL","PAGE NO","ITEM NO","DOC REF","PAY REF","DESCRIPTION","UNIT","QUANTITY","RATE","AMOUNT"]
[1,4759,1,1,1,{"$nulls":3},"BILL No. 1","H1",0]
[]
[]
[]
[]
[]
[2,4760,1,1,1,{"$nulls":3},"PRELIMINARIES","H1",0]
[]
[]
[]
[3,4761,1,1,1,{"$nulls":3},"(CPAP Work Group No. 190 Unless Otherwise Stated)",null,0]
[]
[]
[]
[4,9028,1,1,1,null,1,null,"MEANING OF TERMS \"TENDER / TENDERER\" ","H2",0]
[]
[5,9029,1,1,1,null,1,null,"Any reference to the words \"Tender\" or \"Tenderer\" herein",null,0]
[{"$nulls":8}," and/or in any other documentation shall be construed to have"]
[{"$nulls":8}," the same meaning as the words \"Bid\" or \"Bidder\""]
[]
[{"$nulls":8}," "]
[]
[6,9030,1,1,1,null,1,null,"PRELIMINARIES ","H2",0]
[]
[7,9031,1,1,1,null,1,null,"The JBCC Preliminaries Code 2103, May 2005 edition for use",null,0]
[{"$nulls":8}," with the JBCC Principal Building Agreement Edition 4.1 Code"]
[{"$nulls":8}," 2101, March 2005 is taken to be incorporated herein. The"]
[{"$nulls":8}," tenderer is deemed to have referred to these documents for the"]
[{"$nulls":8}," full intent and meaning of each clause. These clauses are"]
[{"$nulls":8}," referred to by number and heading only. Where standard"]
[{"$nulls":8}," clauses or options are not applicable to the contract such"]
[{"$nulls":8}," modifications or corrections as are necessary are given under"]
[{"$nulls":8}," each relevant clause. Where an item is not relevant to this"]
[{"$nulls":8}," specific contract such item is marked. \"N/A\" signifying \"Not"]
[{"$nulls":8}," Applicable\"."]
[]
[{"$nulls":8}," "]
[]
[8,9032,1,1,1,null,1,null,"The Contract Data C1.2 shall have precedence in the",null,0]
[{"$nulls":8}," interpretation of any ambiguity or inconsistency between it and"]
[{"$nulls":8}," the Preliminaries"]
[]
[{"$nulls":8}," "]
[]
[9,9033,1,1,1,null,1,null,"PRICING OF PRELIMINARIES ","H2",0]
[]
[10,9034,1,1,1,null,1,null,"Should Option A, as set out in clause B10.3.1 hereinafter be",null,0]
[{"$nulls":8}," used for the adjustment of preliminaries then each item priced"]
[{"$nulls":8}," is to be allocated to one or more of the three categories Fixed,"]
[{"$nulls":8}," Value Related or Time Related and the respective amounts"]
[{"$nulls":8}," entered in the spaces provided under each item"]
[]
[{"$nulls":8}," "]
[]
[11,9035,1,1,1,null,1,null,"Items not priced in these Preliminaries shall be deemed to be",null,0]
[{"$nulls":8}," included elsewhere in these Bills of Quantities."]
[]
[{"$nulls":8}," "]
[]
[12,9037,1,1,2,null,2,null,"SECTION A: JBCC PRINCIPAL BUILDING","H2",0]
[{"$nulls":8}," AGREEMENT "]
[]
[13,9038,1,1,2,null,2,null,"DEFINITIONS ","H2",0]
[]
[14,9039,1,1,2,1,2.1,null,"A1.0\tDEFINITIONS AND INTERPRETATION","CONT",0]
[]
[{"$nulls":8}," "]
[]
[15,9040,1,1,2,null,2,null,"Clause 1.0","CONT",0]
[]
[{"$nulls":8}," "]
[]
[16,9041,1,1,2,null,2,null,"Clause 1.1 Definition of \"Commencement Date\" is added:","CONT",0]
[]
[{"$nulls":8}," "]
[]
[17,9042,1,1,2,null,2,null,"\"COMMENCEMENT DATE\" means the date that the","CONT",0]
[{"$nulls":8}," agreement, made in terms of the Form of Offer and"]
[{"$nulls":8}," Acceptance, comes into effect"]
[]
[{"$nulls":8}," "]
[]
[18,9043,1,1,2,null,2,null,"Clause 1.1 Definition of \"Construction Guarantee\" is","CONT",0]
[{"$nulls":8}," amended by replacing it with the following:"]
[]
[{"$nulls":8}," "]
[]
[19,9044,1,1,2,null,2,null,"\"CONSTRUCTION GUARANTEE\" means a guarantee at call","CONT",0]
[{"$nulls":8}," obtained by the contractor from an institution approved by the"]
[{"$nulls":8}," employer in terms of the employer's construction guarantee"]
[{"$nulls":8}," form as selected in the schedule"]
[]
[{"$nulls":8}," "]
[]
[20,9045,1,1,2,null,2,null,"Clause 1.1 Definition of \"Construction Period\" is amended by","CONT",0]
[{"$nulls":8}," replacing it with the following:"]
[]
[{"$nulls":8}," "]
[]
[21,9046,1,1,2,null,2,null,"\"CONSTRUCTION PERIOD\" means the period commencing","CONT",0]
[{"$nulls":8}," on the commencement date and ending on the date of"]
[{"$nulls":8}," practical completion"]
[]
[{"$nulls":8}," "]
[]
[22,9047,1,1,2,null,2,null,"Clause 1.1 Definition of \"Corrupt Practice\" is added:","CONT",0]
[]
[{"$nulls":8}," "]
[]
[23,9048,1,1,2,null,2,null,"\"CORRUPT PRACTICE\" means the offering, giving, receiving","CONT",0]
[{"$nulls":8}," or soliciting of anything of value to influence the action of a"]
[{"$nulls":8}," public official in the procurement process or in contract"]
[{"$nulls":8}," execution."]
[]
[{"$nulls":8}," "]
[]
[24,9049,1,1,2,null,2,null,"Clause 1.1 Definition of \"Fraudulent Practice\" is added:","CONT",0]
[]
[{"$nulls":8}," "]
[]
[25,9050,1,1,2,null,2,null,"\"FRAUDULENT PRACTICE\" means a misrepresentation of","CONT",0]
[{"$nulls":8}," facts in order to influence a procurement process or the"]
[{"$nulls":8}," execution of a contract to the detriment of any tenderer and"]
[{"$nulls":8}," includes collusive practice among tenderers (prior to or after"]
[{"$nulls":8}," the tender submission) designed to establish tender prices at"]
[{"$nulls":8}," artificial non-competitive levels and to deprive the tenderer of"]
[{"$nulls":8}," the benefits of free and open competition"]
[]
[{"$nulls":8}," "]
[]
[26,9051,1,1,2,null,3,null,"Clause 1.1 Definition of \"Interest\" is amended by replacing it","CONT",0]
[{"$nulls":8}," with the following:"]
[]
[{"$nulls":8}," "]
[]
[27,9052,1,1,3,null,3,null,"\"INTEREST\" means the interest rates applicable on this","CONT",0]
[{"$nulls":8}," contract, whether specifically indicated in the relevant clauses"]
[{"$nulls":8}," or not, will be the rate as determined by the Minister of Finance,"]
[{"$nulls":8}," from time to time, in terms of section 80(1)(b) of the Public"]
[{"$nulls":8}," Finance Management Act, 1999 (Act No.1 of 1999)."]
[]
[{"$nulls":8}," "]
[]
[28,9053,1,1,3,null,3,null,"Clause 1.1 Definition of \"Principal Agent\" is amended by","CONT",0]
[{"$nulls":8}," replacing it with the following:"]
[]
[{"$nulls":8}," "]
[]
[29,9054,1,1,3,null,3,null,"\"PRINCIPAL AGENT\" means the person or entity appointed by","CONT",0]
[{"$nulls":8}," the employer and named in the schedule.  In the event of a"]
[{"$nulls":8}," principal agent not being appointed, then all the duties and"]
[{"$nulls":8}," obligations of a principal agent as detailed in the agreement"]
[{"$nulls":8}," shall be fulfilled by a representative of the employer as named"]
[{"$nulls":8}," in the schedule"]
[]
[{"$nulls":8}," "]
[]
[30,9055,1,1,3,null,3,null,"Clause 1.1 Definition of \"Security\" is amended by replacing it","CONT",0]
[{"$nulls":8}," with the following:"]
[]
[{"$nulls":8}," "]
[]
[31,9056,1,1,3,null,3,null,"\"SECURITY\" means the form of security provided by the","CONT",0]
[{"$nulls":8}," employer or contractor, as stated in the schedule, from which"]
[{"$nulls":8}," the contractor or employer may recover expense or loss"]
[]
[{"$nulls":8}," "]
[]
[32,9057,1,1,3,null,3,null,"Clause 1.6 is amended by replacing the words \"prepaid","CONT",0]
[{"$nulls":8}," registered post, telefax or e-mail\" with \"prepaid registered post"]
[{"$nulls":8}," or telefax\""]
[]
[{"$nulls":8}," "]
[]
[33,9058,1,1,3,null,3,null,"Clause 1.6.4 is amended by replacing it with the following:","CONT",0]
[]
[{"$nulls":8}," "]
[]
[34,9059,1,1,3,null,3,null,"No clause","Item",0]
[]
[]
[]
[{"$nulls":8},"Fixed:____________ Value related:____________ Time"]
[{"$nulls":8}," related:____________"]
[]
[{"$nulls":8}," "]
[]
[35,9060,1,1,3,null,3,null,"OBJECTIVE AND PREPARATION ","H2",0]
[]
[36,9061,1,1,3,1,3.1,null,"A2.0\tOFFER, ACCEPTANCE AND PERFORMANCE","Item",0]
[]
[]
[]
[{"$nulls":8},"Clause 2.0"]
[]
[]
[]
[{"$nulls":8},"Fixed:__________ Value related:__________ Time"]
[{"$nulls":8}," related:__________"]
[]
[{"$nulls":8}," "]
[]
[37,9064,1,1,4,1,4.3,null,"A5.0\tEMPLOYER'S AGENTS ","Item",0]
[]
[]
[]
[{"$nulls":8},"Clause 5.0 "]
[]
[]
[]
[{"$nulls":8},"Clause 5.1.2 is amended to include clauses 32.6.3, 34.3, 34.4"]
[{"$nulls":8}," and 38.5.8"]
[]
[]
[]
[{"$nulls":8},"Fixed:____________ Value related:____________ Time"]
[{"$nulls":8}," related:____________"]
[]
[{"$nulls":8}," "]
[]
[38,9065,1,1,4,2,4.4,null,"A6.0\tSITE REPRESENTATIVE ","Item",1,null,{"v":181000,"d":"181,000.00"}]
[]
[]
[]
[{"$nulls":8},"Clause 6.0 "]
[]
[]
[]
[{"$nulls":8},"Fixed:_________ Value related:_________ Time"]
[{"$nulls":8}," related:_________"]
[]
[{"$nulls":8}," "]
[]
[39,9066,1,1,4,3,5.1,null,"A7.0\tCOMPLIANCE WITH REGULATIONS ","Item",0]
[]
[]
[]
[{"$nulls":8},"Clause 7.0 "]
[]
[]
[]
[{"$nulls":8},"Note: A separate clause has been included in Section C :"]
[{"$nulls":8}," Specific Preliminaries of the bills of quantities / lump sum"]
[{"$nulls":8}," document for the contractor to have the opportunity to price"]
[{"$nulls":8}," for all the reequirements of the Occupational Health and Safety"]
[{"$nulls":8}," Act, Construction Regulations and Health and Safety"]
[{"$nulls":8}," Specification "]
[]
[]
[]
[{"$nulls":8},"Fixed:  __________  Value related:____________ Time"]
[{"$nulls":8}," related:  ____________"]
[]
[{"$nulls":8}," "]
[]
[40,9067,1,1,4,4,5.2,null,"A8.0\tWORKS RISK ","Item",0]
[]
[]
[]
[{"$nulls":8},"Clause 8.0 "]
[]
[]
[]
[{"$nulls":8},"Fixed:____________ Value related:____________ Time"]
[{"$nulls":8}," related:____________"]
[]
[{"$nulls":8}," "]
[]
[41,9068,1,1,4,5,5.3,null,"A9.0\tINDEMNITIES ","Item",0]
[]
[]
[]
[{"$nulls":8},"Clause 9.0 "]
[]
[]
[]
[{"$nulls":8},"Fixed:____________ Value related:____________ Time"]
[{"$nulls":8}," related:____________"]
[]
[{"$nulls":8}," "]
[]
[42,9069,1,1,4,6,5.4,null,"A10.0\tWORKS INSURANCES ","CONT",0]
[]
[]
[]
[{"$nulls":8},"Clause 10.0 "]
[]
[]
[]
[{"$nulls":8},"Clause 10.0 is amended by the addition of the following"]
[{"$nulls":8}," clauses:"]
[]
[{"$nulls":8}," "]
[]
[43,9070,1,1,5,null,5,null,"10.5 Damage to the Works","CONT",0]
[]
[]
[]
[{"$nulls":8},"(a) \tWithout in any way limiting the contractor's"]
[{"$nulls":8}," obligations in terms of the contract, the contractor"]
[{"$nulls":8}," shall bear the full risk of damage to and/or destruction"]
[{"$nulls":8}," of the works by whatever cause during construction of"]
[{"$nulls":8}," the works and hereby indemnifies and holds harmless"]
[{"$nulls":8}," the employer against any such damage. The"]
[{"$nulls":8}," contractor shall take such precautions and security"]
[{"$nulls":8}," measures and other steps for the protection and"]
[{"$nulls":8}," security of the works as the contractor may deem"]
[{"$nulls":8}," necessary"]
[]
[{"$nulls":8}," "]
[]
[44,9071,1,1,5,null,6,null,"(b)\tThe contractor shall at all times proceed","CONT",0]
[{"$nulls":8}," immediately to remove or dispose of any debris arising"]
[{"$nulls":8}," from damage to or destruction of the works and to"]
[{"$nulls":8}," rebuild, restore, replace and/or repair the works"]
[]
[{"$nulls":8}," "]
[]
[45,9072,1,1,5,null,6,null,"(c)\tThe employer shall carry the risk of damage to or","CONT",0]
[{"$nulls":8}," destruction of the works and materials paid for by the"]
[{"$nulls":8}," employer that is the result of the excepted risks as set"]
[{"$nulls":8}," out in 10.6"]
[]
[{"$nulls":8}," "]
[]
[46,9073,1,1,5,null,6,null,"(d)\tWhere the employer bears the risk in terms of this","CONT",0]
[{"$nulls":8}," contract, the contractor shall, if requested to do so,"]
[{"$nulls":8}," reinstate any damage or destroyed portions of the"]
[{"$nulls":8}," works and the costs of such reinstatement shall be"]
[{"$nulls":8}," measured and valued in terms of 32.0 hereof"]
[]
[{"$nulls":8}," "]
[]
[47,9074,1,1,5,null,6,null,"10.6 Injury to Persons or loss of or damage to Properties","CONT",0]
[]
[]
[]
[{"$nulls":8},"(a)\tThe contractor shall be liable for and hereby"]
[{"$nulls":8}," indemnifies the employer against any liability, loss,"]
[{"$nulls":8}," claim or proceeding whether arising in common law or"]
[{"$nulls":8}," by statute, consequent upon personal injuries to or the"]
[{"$nulls":8}," death of any person whomsoever arising out of or in"]
[{"$nulls":8}," the course of or caused by the execution of the works"]
[{"$nulls":8}," unless due to any act or negligence of any person for"]
[{"$nulls":8}," whose actions the employer is legally liable"]
[]
[{"$nulls":8}," "]
[]
[48,9075,1,1,5,null,6,null,"(b)\tThe contractor shall be liable for and hereby","CONT",0]
[{"$nulls":8}," indemnifies the employer against any liability, loss,"]
[{"$nulls":8}," claim or proceeding consequent upon loss of or"]
[{"$nulls":8}," damage to any moveable or immovable or personal"]
[{"$nulls":8}," property or property contiguous to the site, whether"]
[{"$nulls":8}," belonging to or under the control of the employer or"]
[{"$nulls":8}," any other body or person, arising out of or in the course"]
[{"$nulls":8}," of or by reason of the execution of the works unless"]
[{"$nulls":8}," due to any act or negligence of any person for whose"]
[{"$nulls":8}," actions the employer is legally liable"]
[]
[{"$nulls":8}," "]
[]
[49,9076,1,1,6,null,6,null,"(c)\tThe contractor shall, upon receiving a contract","CONT",0]
[{"$nulls":8}," instruction from the principal agent, cause the same"]
[{"$nulls":8}," to be made good in a perfect and workmanlike manner"]
[{"$nulls":8}," at his own cost and in default thereof the employer"]
[{"$nulls":8}," shall be entitled to cause it to be made good and to"]
[{"$nulls":8}," recover the cost thereof from the contractor or to"]
[{"$nulls":8}," deduct the same from amounts due to the contractor"]
[]
[{"$nulls":8}," "]
[]
[50,9077,1,1,6,null,7,null,"(d)\tThe contractor shall be responsible for the","CONT",0]
[{"$nulls":8}," protection and safety of such portions of the premises"]
[{"$nulls":8}," placed under his control by the employer for the"]
[{"$nulls":8}," purpose of executing the works until the issue of the"]
[{"$nulls":8}," certificate of practical completion"]
[]
[{"$nulls":8}," "]
[]
[51,9078,1,1,6,null,7,null,"(e)\tWhere the execution of the works involves the risk","CONT",0]
[{"$nulls":8}," of removal of or interference with support to adjoining"]
[{"$nulls":8}," properties including land or structures or any structures"]
[{"$nulls":8}," to be altered or added to, the contractor shall obtain"]
[{"$nulls":8}," adequately insurance and will remain adequately"]
[{"$nulls":8}," insured or insured to the specific limit stated in the"]
[{"$nulls":8}," contract against the death of or injury to persons or"]
[{"$nulls":8}," damage to such property consequent on such removal"]
[{"$nulls":8}," or interference with the support until such portion of the"]
[{"$nulls":8}," works has been completed "]
[]
[{"$nulls":8}," "]
[]
[52,9079,1,1,6,null,7,null,"(f)\tThe contractor shall at all times proceed","CONT",0]
[{"$nulls":8}," immediately at his own cost to remove or dispose of"]
[{"$nulls":8}," any debris and to rebuild, restore, replace and/or repair"]
[{"$nulls":8}," such property and to execute the works"]
[]
[{"$nulls":8}," "]
[]
[53,9080,1,1,6,null,7,null,"10.7 High risk insurance ","CONT",0]
[]
[]
[]
[{"$nulls":8},"In the event of the project being executed in a geological area"]
[{"$nulls":8}," classified as a \"High Risk Area\", that is an area which is subject"]
[{"$nulls":8}," to highly unstable subsurface conditions that might result in"]
[{"$nulls":8}," catastrophic ground movement evident by sinkhole or doline"]
[{"$nulls":8}," formation the following will apply:"]
[]
[{"$nulls":8}," "]
[]
[54,9081,1,1,6,null,7,null,"10.7.1 Damage to the works","CONT",0]
[]
[]
[]
[{"$nulls":8},"The contractor shall, from the commencement date of the"]
[{"$nulls":8}," works until the date of the certificate of practical completion"]
[{"$nulls":8}," bear the full risk of and hereby indemnifies and holds harmless"]
[{"$nulls":8}," the employer against any damage to and/or destruction of the"]
[{"$nulls":8}," works consequent upon a catastrophic ground movement as"]
[{"$nulls":8}," mentioned above. The contractor shall take such precautions"]
[{"$nulls":8}," and security measures and other steps for the protection of the"]
[{"$nulls":8}," works as he may deem necessary"]
[]
[{"$nulls":8}," "]
[]
[55,9082,1,1,7,null,7,null,"When so instructed to do so by the principal agent, the","CONT",0]
[{"$nulls":8}," contractor shall proceed immediately to remove and/or"]
[{"$nulls":8}," dispose of any debris arising from damage to or destruction of"]
[{"$nulls":8}," the works and to rebuild, restore, replace and/or repair the"]
[{"$nulls":8}," works, at the contractor's own costs"]
[]
[{"$nulls":8}," "]
[]
[56,9083,1,1,7,null,8,null,"10.7.2 Injury to persons or loss of or damage to property","CONT",0]
[]
[]
[]
[{"$nulls":8},"The contractor shall be liable for and hereby indemnifies and"]
[{"$nulls":8}," holds harmless the employer against any liability, loss, claim or"]
[{"$nulls":8}," proceeding arising at any time during the period of the contract"]
[{"$nulls":8}," whether arising in common law or by statute, consequent upon"]
[{"$nulls":8}," personal injuries to or the death of any person whomsoever"]
[{"$nulls":8}," resulting from, arising out of or caused by a catastrophic"]
[{"$nulls":8}," ground movement as mentioned above"]
[]
[{"$nulls":8}," "]
[]
[57,9084,1,1,7,null,8,null,"The contractor shall be liable for and hereby indemnifies the","CONT",0]
[{"$nulls":8}," employer against any and all liability, loss, claim or proceeding"]
[{"$nulls":8}," consequent upon loss of or damage to any moveable or"]
[{"$nulls":8}," immovable or personal property or property contiguous to the"]
[{"$nulls":8}," site, whether belonging to or under the control of the employer"]
[{"$nulls":8}," or any other body or person whomsoever arising out of or"]
[{"$nulls":8}," caused by a catastrophic ground movement, as mentioned"]
[{"$nulls":8}," above, which occurred during the period of the contract"]
[]
[{"$nulls":8}," "]
[]
[58,9085,1,1,7,null,8,null,"10.7.3 It is the responsibility of the contractor to ensure that he","CONT",0]
[{"$nulls":8}," has adequate insurance to cover his risk and liability as"]
[{"$nulls":8}," mentioned in 10.7.1 and 10.7.2. Without limiting the"]
[{"$nulls":8}," contractor's obligations in terms of the contract, the"]
[{"$nulls":8}," contractor shall, within twenty-one (21) calendar days of the"]
[{"$nulls":8}," commencement date but before commencement of the works"]
[{"$nulls":8},", submit to the employer proof of such insurance policy, if"]
[{"$nulls":8}," requested to do so"]
[]
[{"$nulls":8}," "]
[]
[59,9086,1,1,7,null,8,null,"10.7.4 The employer shall be entitled to recover any and all","Item",0]
[{"$nulls":8}," losses and/or damages of whatever nature suffered or incurred"]
[{"$nulls":8}," consequent upon the contractor's default of his obligations as"]
[{"$nulls":8}," set out in 10.7.1; 10.7.2 and 10.7.3. Such losses or damages"]
[{"$nulls":8}," may be recovered from the contractor or by deducting the"]
[{"$nulls":8}," same from any amounts still due under this contract or under"]
[{"$nulls":8}," any other contract presently or hereafter existing between the"]
[{"$nulls":8}," employer and the contractor and for this purpose all these"]
[{"$nulls":8}," contracts shall be considered one indivisible whole "]
[]
[]
[]
[{"$nulls":8},"Fixed:  ____________   Value related:____________ Time"]
[{"$nulls":8}," related:____________"]
[]
[{"$nulls":8}," "]
[]
[60,9087,1,1,8,1,8.1,null,"A11.0\tLIABILITY INSURANCES","Item",0]
[]
[]
[]
[{"$nulls":8},"Clause 11.0"]
[]
[]
[]
[{"$nulls":8},"Fixed:_________ Value related:_________ Time"]
[{"$nulls":8}," related:_________"]
[]
[]
[]
[{"$nulls":8}," "]
[]
[61,9088,1,1,8,2,9.1,null,"A12.0\tEFFECTING INSURANCES","Item",0]
[]
[]
[]
[{"$nulls":8},"Clause 12.0"]
[]
[]
[]
[{"$nulls":8},"Fixed:___________ Value related:____________ Time"]
[{"$nulls":8}," related:____________"]
[]
[{"$nulls":8}," "]
[]
[62,9089,1,1,8,3,9.2,null,"A13.0\tNo clause","CONT",0]
[]
[{"$nulls":8}," "]
[]
[63,9090,1,1,8,4,9.3,null,"A14.0\tSECURITY","CONT",0]
[]
[]
[]
[{"$nulls":8},"Clause 14.0"]
[]
[]
[]
[{"$nulls":8},"Clauses 14.1 is amended by replacing them with the following:"]
[]
[{"$nulls":8}," "]
[]
[64,9091,1,1,8,null,9,null,"14.1 The employer shall choose the security to be provided.","CONT",0]
[{"$nulls":8}," The contractor shall provide the security required or chosen by"]
[{"$nulls":8}," the employee in the contract data C1.2.3."]
[]
[{"$nulls":8}," "]
[]
[65,9093,1,1,8,5,9.4,null,"Clause 14.4.1 is amended by replacing it with the following:","Item",0]
[]
[]
[]
[{"$nulls":8},"\"equal to 10 per cent (10%) of the contract sum\"."]
[]
[{"$nulls":8}," "]
[]
[66,9094,1,1,8,null,9,null,"EXECUTION ","H2",0]
[]
[67,9095,1,1,8,6,9.5,null,"A15.0\tPREPARATION FOR AND EXECUTION OF THE","CONT",0]
[{"$nulls":8}," WORKS"]
[]
[]
[]
[{"$nulls":8},"Clause 15.0"]
[]
[]
[]
[{"$nulls":8},"Clause 15.1.1 is amended by replacing it with:"]
[]
[]
[]
[{"$nulls":8},"No Clause"]
[]
[{"$nulls":8}," "]
[]
[68,9097,1,1,8,null,9,null,"Clause 15.1 is amended by the addition of the following clause: ","CONT",0]
[]
[]
[]
[{"$nulls":8},"15.1.4 An acceptable health and safety plan, required in terms"]
[{"$nulls":8}," of the Occupational Health and Safety Act, 1993 (Act 85 of"]
[{"$nulls":8}," 1993), within twenty-one (21) calendar days of"]
[{"$nulls":8}," commencement date"]
[]
[{"$nulls":8}," "]
[]
[69,9098,1,1,8,null,10,null,"Clause 15.2.1 is amended by replacing it with the following","Item",0]
[{"$nulls":8}," clause:"]
[]
[{"$nulls":8}," "]
[]
[70,9099,1,1,9,null,10,null,"Give the contractor possession of the site within ten (10)","Item",0]
[{"$nulls":8}," working days of the contractor complying with the terms of"]
[{"$nulls":8}," 15.1.4"]
[]
[]
[]
[{"$nulls":8},"Fixed:____________ Value related:____________ Time"]
[{"$nulls":8}," related:____________"]
[]
[{"$nulls":8}," "]
[]
[71,9100,1,1,9,1,10.1,null,"A16.0\tACCESS TO THE WORKS","Item",0]
[]
[]
[]
[{"$nulls":8},"Clause 16.0"]
[]
[]
[]
[{"$nulls":8},"Fixed:____________ Value related:____________ Time"]
[{"$nulls":8}," related:____________"]
[]
[{"$nulls":8}," "]
[]
[72,9102,1,1,9,2,10.3,null,"A18.0\tSETTING OUT OF THE WORKS","Item",0]
[]
[]
[]
[{"$nulls":8},"Clause 18.0"]
[]
[]
[]
[{"$nulls":8},"Fixed:___100%______ Value related:_________ Time"]
[{"$nulls":8}," related:_________"]
[]
[{"$nulls":8}," "]
[]
[73,9104,1,1,9,3,11.1,null,"A20.0\tNOMINATED SUB-CONTRACTORS","Item",0]
[]
[]
[]
[{"$nulls":8},"Clause 20.0"]
[]
[]
[]
[{"$nulls":8},"Clause 20.1.3 is amended by replacing it with the following: "]
[]
[]
[]
[{"$nulls":8},"No Clause"]
[]
[]
[]
[{"$nulls":8},"Note: See item B9.1 hereinafter for adjustment of attendance"]
[{"$nulls":8}," on nominated subcontractors executing work allowed for"]
[{"$nulls":8}," under provisional sums \t"]
[]
[]
[]
[{"$nulls":8},"Fixed:____________ Value related:____________ Time"]
[{"$nulls":8}," related:____________"]
[]
[{"$nulls":8}," "]
[]
[74,9105,1,1,9,4,11.2,null,"A21.0\tSELECTED SUBCONTRACTORS","Item",0]
[]
[]
[]
[{"$nulls":8},"Clause 21.0"]
[]
[]
[]
[{"$nulls":8},"Fixed:____________ Value related:____________ Time"]
[{"$nulls":8}," related:____________"]
[]
[{"$nulls":8}," "]
[]
[75,9106,1,1,9,5,11.3,null,"A22.0\tEMPLOYER'S DIRECT CONTRACTORS","Item",0]
[]
[]
[]
[{"$nulls":8},"Clause 22.0"]
[]
[]
[]
[{"$nulls":8},"Fixed:____________ Value related:____________ Time"]
[{"$nulls":8}," related:____________"]
[]
[{"$nulls":8}," "]
[]
[76,9107,1,1,10,1,11.4,null,"A23.0\tCONTRACTOR'S DOMESTIC SUBCONTRACTORS","Item",0]
[]
[]
[]
[{"$nulls":8},"Clause 23.0"]
[]
[]
[]
[{"$nulls":8},"Fixed:____________ Value related:____________ Time"]
[{"$nulls":8}," related:____________"]
[]
[{"$nulls":8}," "]
[]
[77,9108,1,1,10,null,11,null,"COMPLETION ","H2",0]
[]
[78,9109,1,1,10,2,11.5,null,"A24.0\tPRACTICAL COMPLETION","Item",0]
[]
[]
[]
[{"$nulls":8},"Clause 24.0"]
[]
[]
[]
[{"$nulls":8},"Fixed:____________ Value related:____________ Time"]
[{"$nulls":8}," related:____________"]
[]
[{"$nulls":8}," "]
[]
[79,9110,1,1,10,3,12.1,null,"A25.0\tWORKS COMPLETION","Item",0]
[]
[]
[]
[{"$nulls":8},"Clause 25.0"]
[]
[]
[]
[{"$nulls":8},"Fixed:____________ Value related:____________ Time"]
[{"$nulls":8}," related:____________"]
[]
[{"$nulls":8}," "]
[]
[80,9111,1,1,10,4,12.2,null,"A26.0\tFINAL COMPLETION","Item",0]
[]
[]
[]
[{"$nulls":8},"Clause 26.0"]
[]
[]
[]
[{"$nulls":8},"Clause 26.1.2 is amended by inserting \"#\" next to 26.1.2"]
[]
[]
[]
[{"$nulls":8},"Fixed:____________ Value related:____________ Time"]
[{"$nulls":8}," related:____________ \t"]
[]
[{"$nulls":8}," "]
[]
[81,9112,1,1,10,5,12.3,null,"A27.0\tLATENT DEFECTS LIABILITY PERIOD","Item",0]
[]
[]
[]
[{"$nulls":8},"Clause 27.0"]
[]
[]
[]
[{"$nulls":8},"Fixed:____________ Value related:____________ Time"]
[{"$nulls":8}," related:____________"]
[]
[{"$nulls":8}," "]
[]
[82,9113,1,1,10,6,12.4,null,"A28.0\tSECTIONAL COMPLETION","Item",0]
[]
[]
[]
[{"$nulls":8},"Clause 28.0"]
[]
[]
[]
[{"$nulls":8},"Fixed:____________ Value related:____________ Time"]
[{"$nulls":8}," related:____________"]
[]
[]
[]
[{"$nulls":8}," "]
[]
[83,9114,1,1,11,1,12.5,null,"A29.0\tREVISION OF DATE FOR PRACTICAL","Item",0]
[{"$nulls":8}," COMPLETION"]
[]
[]
[]
[{"$nulls":8},"Clause 29.0"]
[]
[]
[]
[{"$nulls":8},"Fixed:____________ Value related:____________ Time"]
[{"$nulls":8}," related:____________"]
[]
[{"$nulls":8}," "]
[]
[84,9115,1,1,11,2,12.6,null,"A30.0\tPENALTY FOR NON-COMPLETION","Item",0]
[]
[]
[]
[{"$nulls":8},"Clause 30.0"]
[]
[]
[]
[{"$nulls":8},"Fixed:____________ Value related:____________ Time"]
[{"$nulls":8}," related:____________"]
[]
[{"$nulls":8}," "]
[]
[85,9116,1,1,11,null,13,null,"PAYMENT ","H2",0]
[]
[86,9117,1,1,11,3,13.1,null,"A31.0\tINTERIM PAYMENT TO THE CONTRACTOR","CONT",0]
[]
[]
[]
[{"$nulls":8},"Clause 31.0"]
[]
[]
[]
[{"$nulls":8},"Clause 31.5.2 is amended by replacing \"14.7.1\" with \"14.0\""]
[]
[{"$nulls":8}," "]
[]
[87,9118,1,1,11,4,13.2,null,"A32.0\tADJUSTMENT TO THE CONTRACT VALUE","Item",0]
[]
[]
[]
[{"$nulls":8},"Clause 32.0"]
[]
[]
[]
[{"$nulls":8},"Clauses 32.5.1, 32.5.4 and 32.5.7 are amended by the addition"]
[{"$nulls":8}," of the following at the end of the sentence:"]
[]
[]
[]
[{"$nulls":8},"\"due to no fault of the contractor\""]
[]
[]
[]
[{"$nulls":8},"Fixed:____________ Value related:____________ Time"]
[{"$nulls":8}," related:____________"]
[]
[{"$nulls":8}," "]
[]
[88,9119,1,1,11,5,13.3,null,"A33.0\tRECOVERY OF EXPENSE AND LOSS","CONT",0]
[]
[]
[]
[{"$nulls":8},"Clause 33.0"]
[]
[{"$nulls":8}," "]
[]
[89,9120,1,1,11,null,13,null,"Fixed:____________ Value related:____________ Time","Item",0]
[{"$nulls":8}," related:____________"]
[]
[{"$nulls":8}," "]
[]
[90,9121,1,1,12,1,13.4,null,"A34.0 \tFINAL ACCOUNT AND FINAL PAYMENT","Item",0]
[]
[]
[]
[{"$nulls":8},"Clause 34.0"]
[]
[]
[]
[{"$nulls":8},"Clause 34.2 is amended by inserting \"#\" next to 34.2"]
[]
[]
[]
[{"$nulls":8},"Clause 34.8 is amended by deleting the words \"where security"]
[{"$nulls":8}," as a fixed construction guarantee in terms of 14.4 has been"]
[{"$nulls":8}," selected or where payment reduction has been applied in terms"]
[{"$nulls":8}," of 14.7.1\""]
[]
[]
[]
[{"$nulls":8},"Clause 34.13 is amended by replacing \"seven (7) calendar"]
[{"$nulls":8}," days\" with \"twenty-one (21) calendar days\"."]
[]
[]
[]
[{"$nulls":8},"Fixed:____________ Value related:____________ Time"]
[{"$nulls":8}," related:____________"]
[]
[{"$nulls":8}," "]
[]
[91,9122,1,1,12,2,14.1,null,"A35.0\tPAYMENT TO OTHER PARTIES","Item",0]
[]
[]
[]
[{"$nulls":8},"Clause 35.0"]
[]
[]
[]
[{"$nulls":8},"Fixed:____________ Value related:____________ Time"]
[{"$nulls":8}," related:____________"]
[]
[{"$nulls":8}," "]
[]
[92,9123,1,1,12,null,14,null,"CANCELLATION ","H2",0]
[]
[93,9124,1,1,12,3,14.2,null,"A36.0\tCANCELLATION BY EMPLOYER - CONTRACTOR'S","CONT",0]
[{"$nulls":8}," DEFAULT \t"]
[]
[]
[]
[{"$nulls":8},"Clause 36.0"]
[]
[]
[]
[{"$nulls":8},"Clause 36.1 is amended by the addition of the following"]
[{"$nulls":8}," clauses:"]
[]
[]
[]
[{"$nulls":8},"36.1.3 refuses or neglects to comply strictly with any of the"]
[{"$nulls":8}," conditions of contract"]
[]
[]
[]
[{"$nulls":8},"36.1.4 estate being sequestrated, liquidated or surrendered in"]
[{"$nulls":8}," terms of the insovency laws in force within the Republic of"]
[{"$nulls":8}," South Africa"]
[]
[]
[]
[{"$nulls":8},"36.1.5 in the judgement of the employer, has engaged in"]
[{"$nulls":8}," corrupt or fraudulent practices in competing for or in"]
[{"$nulls":8}," executing the contract"]
[]
[]
[]
[{"$nulls":8},"Clause 36.3 is amended by removing the reference to \"No"]
[{"$nulls":8}," clause\" and replacing the words \"principal agent\" with \""]
[{"$nulls":8},"employer\""]
[]
[{"$nulls":8}," "]
[]
[94,9125,1,1,12,null,14,null,"Clause 36.0 is amended by the addition of the following clause:","CONT",0]
[]
[{"$nulls":8}," "]
[]
[95,9126,1,1,13,null,14,null,"36.7 Notwithstanding any clause to the contrary, on cancellation","Item",0]
[{"$nulls":8}," of this agreement either by the employer or the contractor; or"]
[{"$nulls":8}," for any reason whatsoever, the contractor shall on written"]
[{"$nulls":8}," instruction, discontinue with the works on a date stated and"]
[{"$nulls":8}," withdraw himself from the site. The contractor shall not be"]
[{"$nulls":8}," entitled to refuse to withdraw from the works on the grounds of"]
[{"$nulls":8}," any lien or right of retention or on the grounds of any other right"]
[{"$nulls":8}," whatsoever"]
[]
[]
[]
[{"$nulls":8},"Fixed:____________ Value related:____________ Time"]
[{"$nulls":8}," related:____________"]
[]
[{"$nulls":8}," "]
[]
[96,9127,1,1,13,1,15.1,null,"A37.0\tCANCELLATION BY EMPLOYER - LOSS AND","CONT",0]
[{"$nulls":8}," DAMAGE"]
[]
[]
[]
[{"$nulls":8},"Clause 37.0"]
[]
[{"$nulls":8}," "]
[]
[97,9128,1,1,13,null,15,null,"Clause 37.0 is amended by the addition of the following clause:","Item",0]
[]
[]
[]
[{"$nulls":8},"37.5 Notwithstanding any clause to the contrary, on cancellation"]
[{"$nulls":8}," of this agreement either by the employer or the contractor; or"]
[{"$nulls":8}," for any reason whatsoever, the contractor shall on written"]
[{"$nulls":8}," instruction, discontinue with the works on a date stated and"]
[{"$nulls":8}," withdraw himself from the site. The contractor shall not be"]
[{"$nulls":8}," entitled to refuse to withdraw from the works on the grounds of"]
[{"$nulls":8}," any lien or right of retention or on the grounds of any other right"]
[{"$nulls":8}," whatsoever"]
[]
[]
[]
[{"$nulls":8},"Fixed:____________ Value related:____________ Time"]
[{"$nulls":8}," related:____________"]
[]
[{"$nulls":8}," "]
[]
[98,9129,1,1,13,2,15.2,null,"A38.0\tCANCELLATION BY CONTRACTOR - EMPLOYERS","CONT",0]
[{"$nulls":8}," DEFAULT"]
[]
[]
[]
[{"$nulls":8},"Clause 38.0"]
[]
[]
[]
[{"$nulls":8},"Clause 38.0 is amended by the addition of the following clause:"]
[]
[{"$nulls":8}," "]
[]
[99,9130,1,1,13,null,15,null,"38.7 Notwithstanding any clause to the contrary, on cancellation","Item",0]
[{"$nulls":8}," of this agreement either by the employer or the contractor; or"]
[{"$nulls":8}," for any reason whatsoever, the contractor shall on written"]
[{"$nulls":8}," instruction, discontinue with the works on a date stated and"]
[{"$nulls":8}," withdraw himself from the site. The contractor shall not be"]
[{"$nulls":8}," entitled to refuse to withdraw from the works on the grounds of"]
[{"$nulls":8}," any lien or right of retention or on the grounds of any other right"]
[{"$nulls":8}," whatsoever"]
[]
[]
[]
[{"$nulls":8},"Fixed:____________ Value related:____________ Time"]
[{"$nulls":8}," related:____________"]
[]
[{"$nulls":8}," "]
[]
[100,9131,1,1,14,1,15.3,null,"A39.0\tCANCELLATION - CESSATION OF THE WORKS","Item",0]
[]
[]
[]
[{"$nulls":8},"Clause 39.0"]
[]
[]
[]
[{"$nulls":8},"Fixed:____________ Value related:____________ Time"]
[{"$nulls":8}," related:____________"]
[]
[{"$nulls":8}," "]
[]
[101,9132,1,1,14,null,16,null,"DISPUTE ","H2",0]
[]
[102,9133,1,1,14,2,16.1,null,"A40.0\tDISPUTE SETTLEMENT ","Item",0]
[]
[]
[]
[{"$nulls":8},"Clause 40.0 "]
[]
[{"$nulls":8},"\t"]
[]
[{"$nulls":8},"Clause 40.2.2 is amended by replacing \"one (1) year\" with"]
[{"$nulls":8}," \"three (3) years\"  "]
[]
[]
[]
[{"$nulls":8},"Clause 40.6 is amended by removing the reference to:  "]
[]
[]
[]
[{"$nulls":8},"No clause \t"]
[]
[]
[]
[{"$nulls":8},"Clause 40.7.1 is amended by replacing \"(10)\" with \"(15)\" and by"]
[{"$nulls":8}," the addition of the following: "]
[]
[{"$nulls":8},"\t"]
[]
[{"$nulls":8},"Whether or not mediation resolves the dispute, the parties shall"]
[{"$nulls":8}," bear their own cost concerning the mediation and equally share"]
[{"$nulls":8}," the costs of the mediator and related costs \t"]
[]
[]
[]
[{"$nulls":8},"Fixed:____________ Value related:____________ Time"]
[{"$nulls":8}," related:____________ \t"]
[]
[{"$nulls":8}," "]
[]
[103,9134,1,1,14,null,16,null,"SUBSTITUTE PROVISIONS ","H2",0]
[]
[104,9135,1,1,14,3,16.2,null,"A41.0\tSTATE CLAUSES","Item",0]
[]
[]
[]
[{"$nulls":8},"Clause 41.0"]
[]
[]
[]
[{"$nulls":8},"Fixed:____________ Value related:____________ Time"]
[{"$nulls":8}," related:____________"]
[]
[{"$nulls":8}," "]
[]
[105,9136,1,1,14,null,16,null,"CONTRACT VARIABLES ","H2",0]
[]
[106,9137,1,1,15,null,16,null,"THE SCHEDULE (C1.2 CONTRACT DATA) ","H2",0]
[]
[107,9138,1,1,15,1,16.3,null,"A42.0\tPRE-TENDER INFORMATION","Item",0]
[]
[]
[]
[{"$nulls":8},"Clause 42.0"]
[]
[]
[]
[{"$nulls":8},"Tenderers are referred to the document C1.2 Contract Data for"]
[{"$nulls":8}," variables pertaining to this contract"]
[]
[]
[]
[{"$nulls":8},"Fixed:____________ Value related:____________ Time"]
[{"$nulls":8}," related:____________"]
[]
[{"$nulls":8}," "]
[]
[108,9139,1,1,15,null,17,null,"SECTION B: JBCC PRELIMINARIES ","H1",0]
[]
[109,9140,1,1,15,null,17,null,"B1.0\tDEFINITIONS AND INTERPRETATION","Item",0]
[]
[{"$nulls":8}," "]
[]
[110,9141,1,1,15,2,17.1,null,"B1.1\tDefinitions and interpretation","Item",0]
[]
[]
[]
[{"$nulls":8},"See also clause A1.0 of Section A for additional and/or"]
[{"$nulls":8}," amended definitions which shall apply equally to this Section"]
[]
[]
[]
[{"$nulls":8},"Fixed:____________ Value related:____________ Time"]
[{"$nulls":8}," related:____________"]
[]
[{"$nulls":8}," "]
[]
[111,9142,1,1,15,null,17,null,"B2.0\tDOCUMENTS","Item",0]
[]
[{"$nulls":8}," "]
[]
[112,9143,1,1,15,3,17.2,null,"B2.1\tChecking of documents","Item",0]
[]
[]
[]
[{"$nulls":8},"Fixed:____________ Value related:____________ Time"]
[{"$nulls":8}," related:____________"]
[]
[{"$nulls":8}," "]
[]
[113,9144,1,1,15,4,17.3,null,"B2.2\tProvisional bills of quantities","Item",0]
[]
[]
[]
[{"$nulls":8},"Fixed:____________ Value related:____________ Time"]
[{"$nulls":8}," related:____________"]
[]
[{"$nulls":8}," "]
[]
[114,9145,1,1,15,5,17.4,null,"B2.3\tAvailability of construction documentation","Item",0]
[]
[]
[]
[{"$nulls":8},"Fixed:____________ Value related:____________ Time"]
[{"$nulls":8}," related:____________"]
[]
[{"$nulls":8}," "]
[]
[115,9146,1,1,15,6,17.5,null,"B2.4\tInterests of agents","Item",0]
[]
[]
[]
[{"$nulls":8},"Fixed:____________ Value related:____________ Time"]
[{"$nulls":8}," related:____________"]
[]
[{"$nulls":8}," "]
[]
[116,9147,1,1,15,7,17.6,null,"B2.5\tPriced documents","Item",0]
[]
[]
[]
[{"$nulls":8},"Fixed:____________ Value related:____________ Time"]
[{"$nulls":8}," related:____________"]
[]
[{"$nulls":8}," "]
[]
[117,9148,1,1,16,1,17.7,null,"B2.6\tTender submission","Item",0]
[]
[]
[]
[{"$nulls":8},"Clause 2.6 is amended by replacing \"JBCC Form of Tender\""]
[{"$nulls":8}," with \"Form of Offer and Acceptance\""]
[]
[]
[]
[{"$nulls":8},"Fixed:____________ Value related:____________ Time"]
[{"$nulls":8}," related:____________"]
[]
[{"$nulls":8}," "]
[]
[118,9149,1,1,16,null,17,null,"B3.0\tTHE SITE","Item",0]
[]
[{"$nulls":8}," "]
[]
[119,9150,1,1,16,2,18.1,null,"B3.1\tDefined works area","Item",0]
[]
[]
[]
[{"$nulls":8},"Fixed:____________ Value related:____________ Time"]
[{"$nulls":8}," related:____________"]
[]
[{"$nulls":8}," "]
[]
[120,9151,1,1,16,3,18.2,null,"B3.2\tGeotechnical investigation","Item",0]
[]
[]
[]
[{"$nulls":8},"Fixed:____________ Value related:____________ Time"]
[{"$nulls":8}," related:____________"]
[]
[{"$nulls":8}," "]
[]
[121,9152,1,1,16,4,18.3,null,"B3.3\tInspection of the site","Item",0]
[]
[]
[]
[{"$nulls":8},"Tenderers shall complete the Site Inspection Certificate"]
[{"$nulls":8}," included in the tender documents and return the same with the"]
[{"$nulls":8}," tender submission."]
[]
[]
[]
[{"$nulls":8},"Fixed:____________ Value related:____________ Time"]
[{"$nulls":8}," related:____________"]
[]
[{"$nulls":8}," "]
[]
[122,9153,1,1,16,5,18.4,null,"B3.4\tExisting premises occupied","Item",0]
[]
[]
[]
[{"$nulls":8},"Fixed:____________ Value related:____________ Time"]
[{"$nulls":8}," related:____________"]
[]
[{"$nulls":8}," "]
[]
[123,9154,1,1,16,6,18.5,null,"B3.5\tPrevious work - dimensional accuracy","Item",0]
[]
[]
[]
[{"$nulls":8},"Fixed:____________ Value related:____________ Time"]
[{"$nulls":8}," related:____________"]
[]
[{"$nulls":8}," "]
[]
[124,9155,1,1,16,7,18.6,null,"B3.6\tPrevious work - defects","Item",0]
[]
[]
[]
[{"$nulls":8},"Fixed:____________ Value related:____________ Time"]
[{"$nulls":8}," related:____________"]
[]
[{"$nulls":8}," "]
[]
[125,9156,1,1,16,8,18.7,null,"B3.7\tServices - known","Item",0]
[]
[]
[]
[{"$nulls":8},"Fixed:____________ Value related:____________ Time"]
[{"$nulls":8}," related:____________"]
[]
[{"$nulls":8}," "]
[]
[126,9157,1,1,17,1,18.8,null,"B3.8\tServices - unknown","Item",0]
[]
[]
[]
[{"$nulls":8},"Fixed:____________ Value related:____________ Time"]
[{"$nulls":8}," related:____________"]
[]
[{"$nulls":8}," "]
[]
[127,9158,1,1,17,2,18.9,null,"B3.9\tProtection of trees","Item",0]
[]
[]
[]
[{"$nulls":8},"Fixed:____________ Value related:____________ Time"]
[{"$nulls":8}," related:____________"]
[]
[{"$nulls":8}," "]
[]
[128,9159,1,1,17,3,19.1,null,"B3.10\tArticles of value","Item",0]
[]
[]
[]
[{"$nulls":8},"Fixed:____________ Value related:____________ Time"]
[{"$nulls":8}," related:___________"]
[]
[{"$nulls":8}," "]
[]
[129,9160,1,1,17,4,19.2,null,"B3.11\tInspection of adjoining properties","Item",0]
[]
[]
[]
[{"$nulls":8},"Fixed:____________ Value related:____________ Time"]
[{"$nulls":8}," related:____________"]
[]
[{"$nulls":8}," "]
[]
[130,9161,1,1,17,null,19,null,"B4.0\tMANAGEMENT OF CONTRACT","Item",0]
[]
[{"$nulls":8}," "]
[]
[131,9162,1,1,17,5,19.3,null,"B4.1\tManagement of the works","Item",0]
[]
[]
[]
[{"$nulls":8},"Fixed:_________ Value related:_________ Time"]
[{"$nulls":8}," related:_________"]
[]
[{"$nulls":8}," "]
[]
[132,9163,1,1,17,6,19.4,null,"B4.2\tProgramme for the works","Item",0]
[]
[]
[]
[{"$nulls":8},"Fixed:  ____________ Value related:____________ Time"]
[{"$nulls":8}," related:____________"]
[]
[{"$nulls":8}," "]
[]
[133,9164,1,1,17,7,19.5,null,"B4.3\tProgress meetings","Item",0]
[]
[]
[]
[{"$nulls":8},"Fixed:____________ Value related:____________ Time"]
[{"$nulls":8}," related: ____________"]
[]
[{"$nulls":8}," "]
[]
[134,9165,1,1,17,8,19.6,null,"B4.4\tTechnical meetings","Item",0]
[]
[]
[]
[{"$nulls":8},"Fixed:____________ Value related:____________ Time"]
[{"$nulls":8}," related: ____________"]
[]
[{"$nulls":8}," "]
[]
[135,9166,1,1,17,9,19.7,null,"B4.5\tLabour and plant records","Item",0]
[]
[]
[]
[{"$nulls":8},"Fixed:____________ Value related:____________ Time"]
[{"$nulls":8}," related: ____________"]
[]
[{"$nulls":8}," "]
[]
[136,9167,1,1,17,null,19,null,"B5.0\tSAMPLES, SHOP DRAWINGS AND","Item",0]
[{"$nulls":8}," MANUFACTURERS' INSTRUCTIONS"]
[]
[{"$nulls":8}," "]
[]
[137,9168,1,1,18,1,19.8,null,"B5.1\tSamples of materials","Item",0]
[]
[]
[]
[{"$nulls":8},"Fixed:____________ Value related:____________ Time"]
[{"$nulls":8}," related:____________"]
[]
[{"$nulls":8}," "]
[]
[138,9169,1,1,18,2,20.1,null,"B5.2\tWorkmanship samples","Item",0]
[]
[]
[]
[{"$nulls":8},"Fixed:____________ Value related:____________ Time"]
[{"$nulls":8}," related:____________"]
[]
[{"$nulls":8}," "]
[]
[139,9170,1,1,18,3,20.2,null,"B5.3\tShop drawings","Item",0]
[]
[]
[]
[{"$nulls":8},"Fixed:____________ Value related:____________ Time"]
[{"$nulls":8}," related:____________"]
[]
[{"$nulls":8}," "]
[]
[140,9171,1,1,18,4,20.3,null,"B5.4\tCompliance with manufacturers' instructions","Item",0]
[]
[]
[]
[{"$nulls":8},"Fixed:____________ Value related:____________ Time"]
[{"$nulls":8}," related:____________"]
[]
[{"$nulls":8}," "]
[]
[141,9172,1,1,18,null,20,null,"B6.0\tTEMPORARY WORKS AND PLANT","Item",0]
[]
[{"$nulls":8}," "]
[]
[142,9173,1,1,18,5,20.4,null,"B6.1\tDeposits and fees","Item",0]
[]
[]
[]
[{"$nulls":8},"Fixed:____________ Value related:____________ Time"]
[{"$nulls":8}," related:____________"]
[]
[{"$nulls":8}," "]
[]
[143,9174,1,1,18,6,20.5,null,"B6.2\tEnclosure of the works","Item",0]
[]
[]
[]
[{"$nulls":8},"Fixed:____________ Value related:____________ Time"]
[{"$nulls":8}," related:____________"]
[]
[{"$nulls":8}," "]
[]
[144,9175,1,1,18,7,20.6,null,"B6.3\tAdvertising","Item",0]
[]
[]
[]
[{"$nulls":8},"Fixed:____________ Value related:____________ Time"]
[{"$nulls":8}," related:____________"]
[]
[{"$nulls":8}," "]
[]
[145,9176,1,1,18,8,20.7,null,"B6.4\tPlant, equipment, sheds and offices","Item",0]
[]
[]
[]
[{"$nulls":8},"Fixed:____33.33%_____ Value related:___66.67%______"]
[{"$nulls":8}," Time related:_________"]
[]
[{"$nulls":8}," "]
[]
[146,9177,1,1,18,9,20.8,null,"B6.5\tMain notice board","Item",0]
[]
[]
[]
[{"$nulls":8},"Fixed:_________ Value related:_________ Time"]
[{"$nulls":8}," related:_________"]
[]
[{"$nulls":8}," "]
[]
[147,9178,1,1,18,10,20.9,null,"B6.6\tSubcontractors' notice board","Item",0]
[]
[]
[]
[{"$nulls":8},"Fixed:____________ Value related:____________ Time"]
[{"$nulls":8}," related:____________"]
[]
[{"$nulls":8}," "]
[]
[148,9179,1,1,19,null,20,null,"B7.0\tTEMPORARY SERVICES","Item",0]
[]
[{"$nulls":8}," "]
[]
[149,9180,1,1,19,1,21.1,null,"B7.1\tLocation","Item",0]
[]
[]
[]
[{"$nulls":8},"Fixed:____________ Value related:____________ Time"]
[{"$nulls":8}," related:____________"]
[]
[{"$nulls":8}," "]
[]
[150,9181,1,1,19,2,21.2,null,"B7.2\tWater","Item",0]
[]
[]
[]
[{"$nulls":8},"Fixed:_________ Value related:_________ Time"]
[{"$nulls":8}," related:__100%_______"]
[]
[{"$nulls":8}," "]
[]
[151,9182,1,1,19,3,21.3,null,"B7.3\tElectricity","Item",0]
[]
[]
[]
[{"$nulls":8},"Fixed:_________ Value related:_________ Time"]
[{"$nulls":8}," related:__100%_______"]
[]
[{"$nulls":8}," "]
[]
[152,9183,1,1,19,4,21.4,null,"B7.4\tTelecommunication facilities","Item",0]
[]
[]
[]
[{"$nulls":8},"Fixed:_________ Value related:_________ Time"]
[{"$nulls":8}," related:_______"]
[]
[{"$nulls":8}," "]
[]
[153,9184,1,1,19,5,21.5,null,"B7.5\tAblution facilities","Item",0]
[]
[]
[]
[{"$nulls":8},"Fixed:_________ Value related:_________ Time"]
[{"$nulls":8}," related:_________"]
[]
[{"$nulls":8}," "]
[]
[154,9185,1,1,19,null,21,null,"B8.0\tPRIME COST AMOUNTS","Item",0]
[]
[{"$nulls":8}," "]
[]
[155,9186,1,1,19,6,21.6,null,"B8.1\tResponsibility for prime cost amounts","Item",0]
[]
[]
[]
[{"$nulls":8},"Fixed:____________ Value related:____________ Time"]
[{"$nulls":8}," related:____________"]
[]
[{"$nulls":8}," "]
[]
[156,9187,1,1,19,null,21,null,"B9.0\tATTENDANCE ON N/S SUBCONTRACTORS","Item",0]
[]
[{"$nulls":8}," "]
[]
[157,9188,1,1,19,7,21.7,null,"B9.1\tGeneral attendance","Item",0]
[]
[]
[]
[{"$nulls":8},"Fixed:____________ Value related:____________ Time"]
[{"$nulls":8}," related:____________"]
[]
[{"$nulls":8}," "]
[]
[158,9189,1,1,19,8,21.8,null,"B9.2\tSpecial attendance","Item",0]
[]
[]
[]
[{"$nulls":8},"Fixed:____________ Value related:____________ Time"]
[{"$nulls":8}," related:____________"]
[]
[{"$nulls":8}," "]
[]
[159,9190,1,1,19,9,21.9,null,"B9.3\tCommissioning - fuel, water and electricity","Item",0]
[]
[]
[]
[{"$nulls":8},"Fixed:____________ Value related:____________ Time"]
[{"$nulls":8}," related:____________"]
[]
[{"$nulls":8}," "]
[]
[160,9191,1,1,20,null,22,null,"B10.0\tFINANCIAL ASPECTS","Item",0]
[]
[{"$nulls":8}," "]
[]
[161,9192,1,1,20,1,22.1,null,"B10.1\tStatutory taxes, duties and levies","Item",0]
[]
[]
[]
[{"$nulls":8},"Fixed:____________ Value related:____________ Time"]
[{"$nulls":8}," related:____________"]
[]
[{"$nulls":8}," "]
[]
[162,9193,1,1,20,2,22.2,null,"B10.2\tPayment for preliminaries","Item",0]
[]
[]
[]
[{"$nulls":8},"Fixed:____________ Value related:____________ Time"]
[{"$nulls":8}," related:____________"]
[]
[{"$nulls":8}," "]
[]
[163,9194,1,1,20,3,22.3,null,"B10.3\tAdjustment of preliminaries","Item",0]
[]
[]
[]
[{"$nulls":8},"Clauses B10.3.1 and B10.3.2 are amended by replacing \"within"]
[{"$nulls":8}," fifteen (15) working days of taking possession of the site\" with"]
[{"$nulls":8}," \"when submitting his priced bills of quantities / lump sum"]
[{"$nulls":8}," document\""]
[]
[]
[]
[{"$nulls":8},"Fixed:____________ Value related:____________ Time"]
[{"$nulls":8}," related:____________"]
[]
[{"$nulls":8}," "]
[]
[164,9195,1,1,20,4,22.4,null,"B10.4\tPayment certificate cash flow","Item",0]
[]
[]
[]
[{"$nulls":8},"Fixed:____________ Value related:____________ Time"]
[{"$nulls":8}," related:____________"]
[]
[{"$nulls":8}," "]
[]
[165,9196,1,1,20,null,22,null,"B11.0\tGENERAL","Item",0]
[]
[{"$nulls":8}," "]
[]
[166,9197,1,1,20,5,22.5,null,"B11.1\tProtection of the works","Item",0]
[]
[]
[]
[{"$nulls":8},"Fixed:____________ Value related:____________ Time"]
[{"$nulls":8}," related:____________"]
[]
[{"$nulls":8}," "]
[]
[167,9198,1,1,20,6,22.6,null,"B11.2\tProtection / isolation of existing / sectionally","Item",0]
[{"$nulls":8}," occupied works"]
[]
[]
[]
[{"$nulls":8},"Fixed:____________ Value related:____________ Time"]
[{"$nulls":8}," related:____________"]
[]
[{"$nulls":8}," "]
[]
[168,9199,1,1,20,7,22.7,null,"B11.3\tSecurity of the works","Item",0]
[]
[]
[]
[{"$nulls":8},"Fixed:____________ Value related:____________ Time"]
[{"$nulls":8}," related: __100%__________"]
[]
[{"$nulls":8}," "]
[]
[169,9200,1,1,20,8,23.1,null,"B11.4\tNotice before covering work","Item",0]
[]
[]
[]
[{"$nulls":8},"Fixed:____________ Value related:____________ Time"]
[{"$nulls":8}," related:____________"]
[]
[{"$nulls":8}," "]
[]
[170,9201,1,1,21,1,23.2,null,"B11.5\tDisturbance","Item",0]
[]
[]
[]
[{"$nulls":8},"Fixed:____________ Value related:____________ Time"]
[{"$nulls":8}," related:____________"]
[]
[{"$nulls":8}," "]
[]
[171,9202,1,1,21,2,23.3,null,"B11.6\tEnvironmental disturbance","Item",0]
[]
[]
[]
[{"$nulls":8},"Fixed:____________ Value related:____________ Time"]
[{"$nulls":8}," related:____________"]
[]
[{"$nulls":8}," "]
[]
[172,9203,1,1,21,3,23.4,null,"B11.7\tWorks cleaning and clearing","Item",0]
[]
[]
[]
[{"$nulls":8},"Fixed:_________ Value related:_________ Time"]
[{"$nulls":8}," related:_________"]
[]
[{"$nulls":8}," "]
[]
[173,9204,1,1,21,4,23.5,null,"B11.8\tVermin","Item",0]
[]
[]
[]
[{"$nulls":8},"Fixed:____________ Value related:____________ Time"]
[{"$nulls":8}," related:____________"]
[]
[{"$nulls":8}," "]
[]
[174,9205,1,1,21,5,23.6,null,"B11.9\tOverhand work","Item",0]
[]
[]
[]
[{"$nulls":8},"Fixed:____________ Value related:____________ Time"]
[{"$nulls":8}," related:____________"]
[]
[{"$nulls":8}," "]
[]
[175,9206,1,1,21,6,23.7,null,"B11.10\tInstruction manuals and guarantees","Item",0]
[]
[]
[]
[{"$nulls":8},"Fixed:____________ Value related:____________ Time"]
[{"$nulls":8}," related:____________"]
[]
[{"$nulls":8}," "]
[]
[176,9207,1,1,21,7,23.8,null,"B11.11\tAs built information","Item",0]
[]
[]
[]
[{"$nulls":8},"Fixed:____________ Value related:____________ Time"]
[{"$nulls":8}," related:____________"]
[]
[{"$nulls":8}," "]
[]
[177,9208,1,1,21,8,23.9,null,"B11.12\tTenant installations","Item",0]
[]
[]
[]
[{"$nulls":8},"Fixed:____________ Value related:____________ Time"]
[{"$nulls":8}," related:____________"]
[]
[{"$nulls":8}," "]
[]
[178,9209,1,1,21,null,23,null,"B12.0\tSCHEDULE OF VARIABLES","Item",0]
[]
[{"$nulls":8}," "]
[]
[179,9210,1,1,21,9,24.1,null,"B12.1\tSchedule of variables","Item",0]
[]
[]
[]
[{"$nulls":8},"Fixed:____________ Value related:____________ Time"]
[{"$nulls":8}," related:____________"]
[]
[{"$nulls":8}," "]
[]
[180,9211,1,1,22,null,24,null,"This schedule contains all variables referred to in this",null,0]
[{"$nulls":8}," document and is divided into pre-tender and post-tender"]
[{"$nulls":8}," categories. The pre-tender category must be completed in full"]
[{"$nulls":8}," and included in the tender documents. Both the pre-tender and"]
[{"$nulls":8}," post-tender categories form part of these Preliminaries."]
[]
[{"$nulls":8}," "]
[]
[181,9212,1,1,22,null,24,null,"Spaces requiring information must be filled in, shown as \"not",null,0]
[{"$nulls":8}," applicable\" or deleted and not left blank. Where choices are"]
[{"$nulls":8}," offered, the non-applicable items are to be deleted.  Where"]
[{"$nulls":8}," insufficient space is provided the information should be"]
[{"$nulls":8}," annexed hereto and cross-referenced to the applicable clause"]
[{"$nulls":8}," of the schedule. Key cross reference clauses are italicised in ["]
[{"$nulls":8}," ] brackets"]
[]
[{"$nulls":8}," "]
[]
[182,9213,1,1,22,null,24,null,"12.1\tPRE-TENDER INFORMATION",null,0]
[]
[{"$nulls":8},"12.1.1\tProvisional Bills of Quantities"]
[]
[{"$nulls":8},"[2.2]\tThe quantities are provisional"]
[]
[{"$nulls":8},"YES"]
[]
[{"$nulls":8}," "]
[]
[183,9214,1,1,22,null,24,null,"12.1.2\tAvailability of construction documentation",null,0]
[]
[{"$nulls":8},"[2.3]\tConstruction documentation is complete"]
[]
[{"$nulls":8},"YES"]
[]
[{"$nulls":8}," "]
[]
[184,9215,1,1,22,null,24,null,"12.1.3\tInterest of agents",null,0]
[]
[{"$nulls":8},"[2.4]\tDetails:"]
[]
[{"$nulls":8},"NIL"]
[]
[{"$nulls":8}," "]
[]
[185,9216,1,1,22,null,24,null,"12.1.4\tDefined works area",null,0]
[]
[{"$nulls":8},"[3.1]\tDetails:"]
[]
[{"$nulls":8},"\tThe work area will be pointed out by the principal"]
[{"$nulls":8}," agent to the contractor who will sign written"]
[{"$nulls":8}," acknowledgement therefore before commencing"]
[{"$nulls":8}," operations."]
[]
[{"$nulls":8}," "]
[]
[186,9217,1,1,22,null,24,null,"12.1.5\tGeotechnical investigation",null,0]
[]
[{"$nulls":8},"[3.2]\tDetails:"]
[]
[{"$nulls":8},"\tTrail holes, soils investigation, etc have been carried"]
[{"$nulls":8},"\tout."]
[]
[{"$nulls":8}," "]
[]
[187,9218,1,1,22,null,25,null,"12.1.6\tExisting premises occupied",null,0]
[]
[{"$nulls":8},"[3.4]\tSpecific requirements:"]
[]
[{"$nulls":8},"\tThe premises will be in use and occupied during the"]
[{"$nulls":8}," course of this contract. The contractor shall execute"]
[{"$nulls":8}," the works in such a manner as will least interfere with"]
[{"$nulls":8}," the general routine of the occupants of the premises"]
[{"$nulls":8}," and shall minimise any nuisance from dust, noise or"]
[{"$nulls":8}," other causes."]
[]
[{"$nulls":8}," "]
[]
[188,9219,1,1,22,null,25,null,"12.1.7\tPrevious work - dimensional accuracy",null,0]
[]
[{"$nulls":8},"[3.5]\tDetails:"]
[]
[{"$nulls":8},"N/A"]
[]
[{"$nulls":8}," "]
[]
[189,9220,1,1,23,null,25,null,"12.1.8\tPrevious work - defects",null,0]
[]
[{"$nulls":8},"[3.6]\tDetails:"]
[]
[{"$nulls":8},"N/A"]
[]
[{"$nulls":8}," "]
[]
[190,9221,1,1,23,null,25,null,"12.1.9.\tServices - known",null,0]
[]
[{"$nulls":8},"[3.7]\tDetails:"]
[]
[{"$nulls":8},"\tShould the contractor encounter any existing services"]
[{"$nulls":8}," such as underground cables, pipes or sewer during the"]
[{"$nulls":8}," execution of the works he shall notify the principal"]
[{"$nulls":8}," agent immediatly and suspend all affected work in the"]
[{"$nulls":8}," immediate vicinity until instruction to proceed has been"]
[{"$nulls":8}," given by the principal agent."]
[]
[{"$nulls":8}," "]
[]
[191,9222,1,1,23,null,25,null,"12.1.10\tProtection of trees",null,0]
[]
[{"$nulls":8},"[3.9]\tSpecific requirements:"]
[]
[{"$nulls":8},"\tOnly those trees and shrubs indicated as such on the"]
[{"$nulls":8}," drawings shall be removed or cut down. The remainder"]
[{"$nulls":8}," of the trees and shrubs shall be left undamaged."]
[]
[{"$nulls":8}," "]
[]
[192,9223,1,1,23,null,25,null,"12.1.11\tInspection of adjoining properties",null,0]
[]
[{"$nulls":8},"[3.11]\tSpecific requirements:"]
[]
[{"$nulls":8},"N/A"]
[]
[{"$nulls":8}," "]
[]
[193,9224,1,1,23,null,25,null,"12.1.12\tEnclosure of the works",null,0]
[]
[{"$nulls":8},"[6.2]\tSpecific requirements:"]
[]
[{"$nulls":8},"\tThe contractor shall enclose the areas of work and"]
[{"$nulls":8}," mark areas with danger tape."]
[]
[{"$nulls":8}," "]
[]
[194,9225,1,1,23,null,25,null,"12.1.13\tOffices",null,0]
[]
[{"$nulls":8},"[6.4.3]\tSpecific requirements:"]
[]
[{"$nulls":8},"\tSee Scope of Works C3.1, Project Specification, item"]
[{"$nulls":8}," 4.14.3"]
[]
[{"$nulls":8}," "]
[]
[195,9226,1,1,23,null,26,null,"12.1.14\tMain notice board",null,0]
[]
[{"$nulls":8},"[6.5]\tSpecific requirements:"]
[]
[{"$nulls":8},"\tSee Scope of Works C3.1, Project Specification, item"]
[{"$nulls":8}," 4.14.6"]
[]
[{"$nulls":8}," "]
[]
[196,9227,1,1,23,null,26,null,"12.1.15\tSubcontractors' notice board",null,0]
[]
[{"$nulls":8},"[6.6]\tA notice board is required\t\t\t"]
[{"$nulls":8},"\t\t\t\t\t\t\tNO "]
[]
[{"$nulls":8},"\tSpecific requirements:"]
[]
[{"$nulls":8}," "]
[]
[197,9228,1,1,23,null,26,null,"12.1.16\tWater",null,0]
[]
[{"$nulls":8},"[7.2]\tOption A (by contractor)"]
[]
[{"$nulls":8},"YES"]
[]
[{"$nulls":8},"\tOption B (by employer - free of charge)"]
[]
[{"$nulls":8},"NO"]
[]
[{"$nulls":8},"\tOption C (by employer - metered)"]
[]
[{"$nulls":8},"NO"]
[]
[{"$nulls":8}," "]
[]
[198,9229,1,1,24,null,26,null,"12.1.17\tElectricity",null,0]
[]
[{"$nulls":8},"[7.3]\tOption A (by contractor)"]
[]
[{"$nulls":8},"YES"]
[]
[{"$nulls":8},"\tOption B (by employer - free of charge)"]
[]
[{"$nulls":8},"NO"]
[]
[{"$nulls":8},"\tOption C (by employer - metered)"]
[]
[{"$nulls":8},"NO"]
[]
[{"$nulls":8}," "]
[]
[199,9230,1,1,24,null,26,null,"12.1.18\tTelecommunications",null,0]
[]
[{"$nulls":8},"[7.4]\tTelephone"]
[]
[{"$nulls":8},"YES"]
[]
[{"$nulls":8},"\tFacsimile"]
[]
[{"$nulls":8},"YES"]
[]
[{"$nulls":8},"\tE-mail"]
[]
[{"$nulls":8},"YES"]
[]
[{"$nulls":8}," "]
[]
[200,9231,1,1,24,null,26,null,"12.1.19\tAblution facilities",null,0]
[]
[{"$nulls":8},"[7.5]\tOption A (by contractor)"]
[]
[{"$nulls":8},"YES"]
[]
[{"$nulls":8},"\tOption B (by employer)"]
[]
[{"$nulls":8},"NO"]
[]
[{"$nulls":8}," "]
[]
[201,9232,1,1,24,null,26,null,"12.1.20\tProtection of existing/sectionally occupied works ",null,0]
[]
[{"$nulls":8},"[11.2]\tProtection is required"]
[]
[{"$nulls":8},"YES"]
[]
[{"$nulls":8}," "]
[]
[202,9233,1,1,24,null,27,null,"12.1.21\tSpecial attendance",null,0]
[]
[{"$nulls":8},"[9.2]\tSubcontractor (1) details:"]
[]
[]
[]
[{"$nulls":8},"\tSubcontractor (2) details:"]
[]
[]
[]
[{"$nulls":8},"\tSubcontractor (3) details:"]
[]
[]
[]
[{"$nulls":8},"\tSubcontractor (4) details:"]
[]
[{"$nulls":8}," "]
[]
[203,9234,1,1,24,null,27,null,"12.1.22\tProtection of works",null,0]
[]
[{"$nulls":8},"[11.1]\tSpecific requirements:"]
[]
[{"$nulls":8},"N/A"]
[]
[{"$nulls":8}," "]
[]
[204,9235,1,1,24,null,27,null,"12.1.23\tDisturbance",null,0]
[]
[{"$nulls":8},"[11.5]\tSpecific requirements:"]
[]
[{"$nulls":8},"\tThe contractor shall keep the site, structures, etc well"]
[{"$nulls":8}," watered during operations to prevent dust and shall"]
[{"$nulls":8}," provide and erect and remove on completion of the"]
[{"$nulls":8}," works all necessary temporary dust screens all to the"]
[{"$nulls":8}," satisfaction of the principal agent"]
[]
[{"$nulls":8}," "]
[]
[205,9236,1,1,24,null,27,null,"12.1.24\tEnvironmental disturbance",null,0]
[]
[{"$nulls":8},"[11.6]\tSpecific requirements: "]
[]
[{"$nulls":8},"NONE"]
[]
[{"$nulls":8}," "]
[]
[206,9237,1,1,25,null,27,null,"12.2\tPOST-TENDER INFORMATION",null,0]
[]
[{"$nulls":8}," "]
[]
[207,9238,1,1,25,null,27,null,"12.2.1\tPayment of preliminaries",null,0]
[]
[]
[]
[{"$nulls":8},"[10.2]\tOption A (prorated)"]
[]
[{"$nulls":8},"YES/NO"]
[]
[{"$nulls":8},"\tOption B (calculated)"]
[]
[{"$nulls":8},"YES/NO"]
[]
[{"$nulls":8}," "]
[]
[208,9239,1,1,25,null,27,null,"12.2.2\tAdjustment of preliminaries",null,0]
[]
[{"$nulls":8},"[10.3]\tOption A (three categories)"]
[]
[{"$nulls":8},"YES/NO"]
[]
[{"$nulls":8},"\tOption B (detailed breakdown)"]
[]
[{"$nulls":8},"YES/NO"]
[]
[{"$nulls":8}," "]
[]
[209,9240,1,1,25,null,27,null,"12.2.3\tAdditional agreed preliminaries items",null,0]
[]
[{"$nulls":8},"\tDetails:"]
[]
[{"$nulls":8}," "]
[]
[210,9241,1,1,25,null,27,null,"SECTION C: SPECIFIC PRELIMINARIES ","H1",0]
[]
[211,9242,1,1,25,null,27,null,"Section C contains specific preliminary items which apply to","CONT",0]
[{"$nulls":8}," this contract except where N/A (Not Applicable) appears"]
[{"$nulls":8}," against an item"]
[]
[{"$nulls":8}," "]
[]
[212,9243,1,1,25,1,28.1,null,"C1\tCONTRACT DRAWINGS","Item",0]
[]
[]
[]
[{"$nulls":8},"The drawings issued with the tender documents do not"]
[{"$nulls":8}," comprise the complete set but serve as a guide only for"]
[{"$nulls":8}," tendering purposes and for indicating the scope of the work to"]
[{"$nulls":8}," enable the tenderer to acquaint himself with the nature and"]
[{"$nulls":8}," extent of the works and the manner in which they are to be"]
[{"$nulls":8}," executed."]
[]
[]
[]
[{"$nulls":8},"Should any part of the drawings not be clearly understood by"]
[{"$nulls":8}," the tenderer he shall, before submitting his tender, obtain"]
[{"$nulls":8}," clarification in writing from the principal agent."]
[]
[]
[]
[{"$nulls":8},"Fixed: ____________ Value related:____________ Time"]
[{"$nulls":8}," related:____________"]
[]
[{"$nulls":8}," "]
[]
[213,9244,1,1,25,2,28.2,null,"C2\tGENERAL PREAMBLES","Item",0]
[]
[]
[]
[{"$nulls":8},"The document \"Specification of Materials and Methods to be"]
[{"$nulls":8}," used (PW371)\" is obtainable on the Department's website ("]
[{"$nulls":8},"http://www.publicworks.gov.za/ under \"Consultants Guidelines\")"]
[]
[{"$nulls":8},"and shall be read in conjunction with the bills of quantities and"]
[{"$nulls":8}," be referred to for the full descriptions of work to be done and"]
[{"$nulls":8}," materials to be used"]
[]
[]
[]
[{"$nulls":8},"Fixed: ____________ Value related:____________ Time"]
[{"$nulls":8}," related:____________"]
[]
[{"$nulls":8}," "]
[]
[214,9245,1,1,26,1,28.3,null,"C3\tTRADE NAMES","Item",0]
[]
[]
[]
[{"$nulls":8},"Wherever a trade name for any product has been described in"]
[{"$nulls":8}," the bills of quantities, the tenderer's attention is drawn to the"]
[{"$nulls":8}," fact that any other product of equal quality may be used subject"]
[{"$nulls":8}," to the written approval of the principal agent being obtained"]
[{"$nulls":8}," prior to the closing date for submission of tenders."]
[]
[]
[]
[{"$nulls":8},"If prior written approval for an alternative product is not"]
[{"$nulls":8}," obtained, the product described shall be deemed to have been"]
[{"$nulls":8}," tendered for."]
[]
[]
[]
[{"$nulls":8},"Fixed: ____________ Value related:____________ Time"]
[{"$nulls":8}," related:____________"]
[]
[{"$nulls":8}," "]
[]
[215,9246,1,1,26,2,29.1,null,"C4        IMPORTED MATERIALS AND EQUIPMENT","Item",0]
[]
[]
[]
[{"$nulls":8},"Where imported items are listed in the tender documents, the"]
[{"$nulls":8}," tenderer shall provide all the information called for, failing which"]
[{"$nulls":8}," the price of any such item, materials or equipment shall be"]
[{"$nulls":8}," excluded from currency fluctuations. (refer to Schedule of"]
[{"$nulls":8}," Imported Materials and Equipment DPW-23(EC) to be"]
[{"$nulls":8}," completed by tenderer)."]
[]
[]
[]
[{"$nulls":8},"Notwithstanding any provisions elsewhere regarding the"]
[{"$nulls":8}," adjustment of contract prices, the price of any item, material or"]
[{"$nulls":8}," equipment listed in terms of this clause shall be excluded from"]
[{"$nulls":8}," the Contract Price Adjustment Provisions."]
[]
[]
[]
[{"$nulls":8},"Fixed: ____________ Value related:____________ Time"]
[{"$nulls":8}," related:____________"]
[]
[{"$nulls":8}," "]
[]
[216,9247,1,1,26,3,29.2,null,"C5        CONTRACT INSTRUCTIONS","Item",0]
[]
[]
[]
[{"$nulls":8},"Contract instructions issued on site are to be recorded in"]
[{"$nulls":8}," triplicate in a site instruction book which is to be maintained on"]
[{"$nulls":8}," site by the Contractor."]
[]
[]
[]
[{"$nulls":8},"Fixed: ____________ Value related:____________ Time"]
[{"$nulls":8}," related:____________"]
[]
[]
[]
[{"$nulls":8}," "]
[]
[217,9248,1,1,27,1,29.3,null,"C6        SITE LEVELS","Item",0]
[]
[]
[]
[{"$nulls":8},"Before commencement of the works the Contractor shall carry"]
[{"$nulls":8}," out and provide the Principal Agent for approval a survey of the"]
[{"$nulls":8}," existing site levels in sufficient detail to enable the preparation"]
[{"$nulls":8}," of a final account."]
[]
[]
[]
[{"$nulls":8},"Fixed: ____________ Value related:____________ Time"]
[{"$nulls":8}," related:____________"]
[]
[]
[]
[{"$nulls":8}," "]
[]
[218,9249,1,1,27,2,29.4,null,"C7        UNAUTHORISED PERSONS ON SITE","Item",0]
[]
[]
[]
[{"$nulls":8},"The Contractor shall not permit unauthorised persons onto and"]
[{"$nulls":8}," workmen to lodge on the site."]
[]
[]
[]
[{"$nulls":8},"Fixed: ____________ Value related:____________ Time"]
[{"$nulls":8}," related:____________"]
[]
[]
[]
[{"$nulls":8}," "]
[]
[219,9250,1,1,27,3,30.1,null,"C8       PLANT AND LABOUR RECORD","Item",0]
[]
[]
[]
[{"$nulls":8},"At the end of each week the Contractor shall provide the"]
[{"$nulls":8}," Principal Agent with a written record, in schedule form,"]
[{"$nulls":8}," reflecting the number and description of tradesmen and"]
[{"$nulls":8}," labourers employed by him and all subcontractors on the works"]
[{"$nulls":8}," each day and the number, type and capacity of all plant,"]
[{"$nulls":8}," excluding hand tools, currently used on the works."]
[]
[]
[]
[{"$nulls":8},"Fixed: ____________ Value related:____________ Time"]
[{"$nulls":8}," related:____________"]
[]
[]
[]
[{"$nulls":8}," "]
[]
[220,9251,1,1,28,1,30.2,null,"C9        USE OF LOCAL LABOUR FROM THE EMPLOYER'S","Item",0]
[{"$nulls":8}," AREA OF OPERATION"]
[]
[]
[]
[{"$nulls":8},"It is a requirement of the contract that the work be executed in"]
[{"$nulls":8}," such a manner as to maximise the use of local labour in order"]
[{"$nulls":8}," to provide the local community with employment opportunities."]
[{"$nulls":8}," It is a specific requirement of this tender that the successful"]
[{"$nulls":8}," tenderer employs, in consultation with the Employer's"]
[{"$nulls":8}," representative, unemployed persons from the ranks of the local"]
[{"$nulls":8}," communities and the immediate surroundings, who possess"]
[{"$nulls":8}," the appropriate skills required for a contract of this nature."]
[]
[{"$nulls":8},{"$f":"- In order to achieve the recruitment of local labour, the","v":{"$error":"#NAME?"}}]
[{"$nulls":8}," Employer' representative will establish, a database of"]
[{"$nulls":8}," unemployed persons, indicating their specialised training,"]
[{"$nulls":8}," previous experience and employment, etc. The successful"]
[{"$nulls":8}," tenderer will be required to directly employ suitable persons"]
[{"$nulls":8}," recruited from the employer's database and ensure that all"]
[{"$nulls":8}," legislative requirements regarding their employment are"]
[{"$nulls":8}," complied with and provide the Employer with the necessary"]
[{"$nulls":8}," documentary proof, if required."]
[]
[{"$nulls":8},{"$f":"- the Contractor is required to produce weekly records suitably","v":{"$error":"#NAME?"}}]
[{"$nulls":8}," detailed to enable the Employer's representative to monitor the"]
[{"$nulls":8}," achievement of the required local labour."]
[]
[{"$nulls":8},{"$f":"- the Contractor is required to provide informal skills training so","v":{"$error":"#NAME?"}}]
[{"$nulls":8}," that the required standard of workmanship is maintained."]
[]
[{"$nulls":8},{"$f":"- With respect to labour, the minimum rate for any and all","v":{"$error":"#NAME?"}}]
[{"$nulls":8}," workers contracted for this project shall be as stated in the"]
[{"$nulls":8}," latest published regulations from the Department of Labour."]
[]
[]
[]
[{"$nulls":8},"Fixed: ____________ Value related:____________ Time"]
[{"$nulls":8}," related:____________"]
[]
[]
[]
[{"$nulls":8}," "]
[]
[221,9252,1,1,29,1,31.1,null,"C10        COMMUNITY LIASON OFFICER","Item",0]
[]
[]
[]
[{"$nulls":8},"It is a requirement of this Contract that a Community Liaison"]
[{"$nulls":8}," Officer (CLO) be appointed for the contract. The function of the"]
[{"$nulls":8}," CLO shall be to represent the local community in matters"]
[{"$nulls":8}," concerning the use of local labour on the works and to assist"]
[{"$nulls":8}," with and facilitate communication between the Contractor, the"]
[{"$nulls":8}," Employer and the local communities. It must be noted that the"]
[{"$nulls":8}," date of commencement of temporary employment of the CLO"]
[{"$nulls":8}," shall be no later than the date of commencement of the"]
[{"$nulls":8}," Contract. The identification of the approved CLO to be"]
[{"$nulls":8}," appointed by the Contractor under the Contract shall be"]
[{"$nulls":8}," resolved by the Contractor and the particular Ward Councillors"]
[{"$nulls":8}," in collaboration with the Local Communities."]
[]
[{"$nulls":8},"It will be required, therefore, that the successful Tenderer (i.e."]
[{"$nulls":8}," the Contractor) enter into a contract for the employment of the"]
[{"$nulls":8}," above-mentioned CLO. The Contract must set out, inter alia,"]
[{"$nulls":8}," the agreement between the parties, the duties and conditions of"]
[{"$nulls":8}," employment of the CLO, etc. The said contract will be between"]
[{"$nulls":8}," the Contractor and the CLO."]
[]
[{"$nulls":8},"A separate item, subject to re-measurement, has been"]
[{"$nulls":8}," scheduled in - Provisional Sums - to cover the direct costs"]
[{"$nulls":8}," associated with the CLO. The sum allowed is not to be"]
[{"$nulls":8}," exceeded."]
[]
[]
[]
[{"$nulls":8},"Fixed: ____________ Value related:____________ Time"]
[{"$nulls":8}," related:___100%_________"]
[]
[]
[]
[{"$nulls":8}," "]
[]
[222,9253,1,1,29,2,31.2,null,"C11        GUARANTEES","Item",0]
[]
[]
[]
[{"$nulls":8},"Where guarantees are called for, the Contractor shall obtain a"]
[{"$nulls":8}," written guarantee, addressed to the Employer, from the firm"]
[{"$nulls":8}," supplying the materials and/or doing the work and shall deliver"]
[{"$nulls":8}," same to the Principal Agent no later than the works completion"]
[{"$nulls":8}," date. The guarantee shall state that workmanship, materials"]
[{"$nulls":8}," and installation are guaranteed for a specified period from the"]
[{"$nulls":8}," final completion dated and that any defects that may arise"]
[{"$nulls":8}," during the specified period shall be made good at the expense"]
[{"$nulls":8}," of the firm supplying the materials and/or doing the work, upon"]
[{"$nulls":8}," written notice from the Principal Agent to do so. This guarantee"]
[{"$nulls":8}," will not be enforced if the work is damaged by defects in the"]
[{"$nulls":8}," construction of the building in which case the responsibility for"]
[{"$nulls":8}," replacement shall rest entirely with the Contractor. The"]
[{"$nulls":8}," Principal Agent shall be the sole judge of the cause responsible"]
[{"$nulls":8}," for defect of the works and his decision shall be final and"]
[{"$nulls":8}," binding in terms of clause 40.2 of the agreement."]
[]
[]
[]
[{"$nulls":8},"Fixed: _____100%_______ Value related:____________ Time"]
[{"$nulls":8}," related:____________"]
[]
[]
[]
[{"$nulls":8}," "]
[]
[223,9254,1,1,30,1,32.1,null,"C12        WARRANTIES FOR MATERIAL AND","Item",0]
[{"$nulls":8}," WORKMANSHIP"]
[]
[]
[]
[{"$nulls":8},"Where warranties for materials and/or workmanship are called"]
[{"$nulls":8}," for, the Contractor shall obtain a written warranty, addressed to"]
[{"$nulls":8}," the Employer, from the firm supplying the materials and/or"]
[{"$nulls":8}," doing the work and shall deliver same to the Principal Agent on"]
[{"$nulls":8}," the certified practical completion of the contract The warranty"]
[{"$nulls":8}," shall state that workmanship, materials and installation are"]
[{"$nulls":8}," warranteed for a specified period from the date of final"]
[{"$nulls":8}," completion and that any defects that may arise during the"]
[{"$nulls":8}," specified period shall be made good at the expense of the firm"]
[{"$nulls":8}," supplying the materials and/or doing the work, upon written"]
[{"$nulls":8}," notice to do so. The warranty will not be enforced if the work is"]
[{"$nulls":8}," damaged by defects in the construction of the building in which"]
[{"$nulls":8}," case the responsibility for replacement shall rest entirely with"]
[{"$nulls":8}," the Contractor."]
[]
[]
[]
[{"$nulls":8},"Fixed: ____________ Value related:____________ Time"]
[{"$nulls":8}," related:____________"]
[]
[]
[]
[{"$nulls":8}," "]
[]
[224,9255,1,1,30,2,32.2,null,"C13        OVERTIME","Item",0]
[]
[]
[]
[{"$nulls":8},"Should overtime be required to be worked for any reason"]
[{"$nulls":8}," whatsoever, the costs of such overtime are to be borne by the"]
[{"$nulls":8}," Contractor unless the Principal Agent has specifically"]
[{"$nulls":8}," authorised, in writing, prior to execution thereof, that costs for"]
[{"$nulls":8}," such overtime are to be borne by the Employer."]
[]
[]
[]
[{"$nulls":8},"Fixed: ____________ Value related:____________ Time"]
[{"$nulls":8}," related:____________"]
[]
[]
[]
[{"$nulls":8}," "]
[]
[225,9256,1,1,30,3,33.1,null,"C14        CO-OPERATION OF CONTRACTOR FOR COST","Item",0]
[{"$nulls":8}," MANAGEMENT"]
[]
[]
[]
[{"$nulls":8},"It is specifically agreed that the Contractor accepts the"]
[{"$nulls":8}," obligation of assisting the agents in implementing proper cost"]
[{"$nulls":8}," management on this project. The Contractor will be advised by"]
[{"$nulls":8}," the Principal Agent of all cost management procedures which"]
[{"$nulls":8}," will be implemented to ensure that the final account does not"]
[{"$nulls":8}," exceed the budget."]
[]
[]
[]
[{"$nulls":8},"Fixed: _____16.67%_______ Value related:____________"]
[{"$nulls":8}," Time related:____83.33%________"]
[]
[]
[]
[{"$nulls":8}," "]
[]
[226,9257,1,1,31,null,33,null,"C15\tHIV/AIDS AWARENESS","CONT",0]
[]
[]
[]
[{"$nulls":8},"It is required of the contractor to thoroughly study the"]
[{"$nulls":8}," HIV/AIDS Specification (PW1544) of the Department that must"]
[{"$nulls":8}," be read together with and is deemed to be incorporated under"]
[{"$nulls":8}," this Section of the bills of quantities. Provision for pricing of"]
[{"$nulls":8}," HIV/AIDS awareness is made under items C15.1 to C15.5"]
[{"$nulls":8}," hereafter and it is explicitly pointed out that all requirements of"]
[{"$nulls":8}," the aforementioned specification are deemed to be priced"]
[{"$nulls":8}," hereunder, as the said items represent the only method of"]
[{"$nulls":8}," measurement and no additional items or extras to the contract"]
[{"$nulls":8}," in this regard shall be entertained"]
[]
[]
[]
[{"$nulls":8},"The contractor must take note that compliance with the"]
[{"$nulls":8}," HIV/AIDS Specification is compulsory. In the event of partial or"]
[{"$nulls":8}," total non-compliance, the principal agent, notwithstanding the"]
[{"$nulls":8}," provisions of Clause A 31.0 of Section A or any other clause to"]
[{"$nulls":8}," the contrary, reserves the right to delay issuing any progress"]
[{"$nulls":8}," payment certificate until the contractor provides satisfactory"]
[{"$nulls":8}," proof of compliance. The contractor shall not be entitled to any"]
[{"$nulls":8}," compensation of whatsoever nature, including interest, due to"]
[{"$nulls":8}," such delay of payment."]
[]
[{"$nulls":8}," "]
[]
[227,9258,1,1,31,1,33.2,null,"C15.1\tAWARENESS CHAMPION","Item",0]
[]
[]
[]
[{"$nulls":8},"Selection, appointment, briefing and making available of an"]
[{"$nulls":8}," Awareness Champion including provision of all relevant"]
[{"$nulls":8}," services, all in accordance with the HIV/AIDS Specification"]
[]
[]
[]
[{"$nulls":8},"Fixed:_________ Value related:_________ Time"]
[{"$nulls":8}," related:_________"]
[]
[{"$nulls":8}," "]
[]
[228,9259,1,1,31,2,34.1,null,"C15.2\tAWARENESS WORKSHOPS","Item",0]
[]
[]
[]
[{"$nulls":8},"Selection and appointment of a competent Service Provider"]
[{"$nulls":8}," approved by the principal agent, provision of a Service"]
[{"$nulls":8}," Provider Workshop Plan and a suitable venue, conducting of"]
[{"$nulls":8}," awareness workshops by means of traditional and/or modern"]
[{"$nulls":8}," multi-media techniques, including follow-up courses, making"]
[{"$nulls":8}," available all tuition material and performing assessment"]
[{"$nulls":8}," procedures, all in accordance with the HIV/AIDS Specification."]
[]
[]
[]
[{"$nulls":8},"Fixed:_________ Value related:_________ Time"]
[{"$nulls":8}," related:_________"]
[]
[{"$nulls":8}," "]
[]
[229,9260,1,1,32,1,34.2,null,"C15.3\tPOSTERS, BOOKLETS, VIDEOS, ETC.","Item",0]
[]
[]
[]
[{"$nulls":8},"Provision, displaying, maintaining and replacing when"]
[{"$nulls":8}," necessary of four plastic laminated posters, booklets and"]
[{"$nulls":8}," educational videos, etc. for the duration of the construction"]
[{"$nulls":8}," period, all in accordance with the HIV/AIDS Specification."]
[]
[]
[]
[{"$nulls":8},"Fixed:_________ Value related:_________ Time"]
[{"$nulls":8}," related:________"]
[]
[{"$nulls":8}," "]
[]
[230,9261,1,1,32,2,34.3,null,"C15.4\tACCESS TO CONDOMS","Item",0]
[]
[]
[]
[{"$nulls":8},"Provision and maintenance of condom dispensers fixed in"]
[{"$nulls":8}," position, including male and female condoms, replenishing"]
[{"$nulls":8}," male and female condoms on a daily basis as required for the"]
[{"$nulls":8}," duration of the construction period, all in accordance with the"]
[{"$nulls":8}," HIV/AIDS Specification"]
[]
[]
[]
[{"$nulls":8},"Fixed:_________ Value related:_________ Time"]
[{"$nulls":8}," related:_________"]
[]
[{"$nulls":8}," "]
[]
[231,9262,1,1,32,3,34.4,null,"C15.5\tMONITORING","Item",0]
[]
[]
[]
[{"$nulls":8},"Monitoring HIV/AIDS awareness of workers, providing the"]
[{"$nulls":8}," principal agent with access to information including making"]
[{"$nulls":8}," available all reports, thoroughly completed and reflecting the"]
[{"$nulls":8}," correct information, for the duration of the construction period"]
[{"$nulls":8}," and close out, all in accordance with the HIV/AIDS"]
[{"$nulls":8}," Specification."]
[]
[]
[]
[{"$nulls":8},"Fixed:_____________ Value related:____________ Time"]
[{"$nulls":8}," related:______________"]
[]
[{"$nulls":8}," "]
[]
[232,9263,1,1,33,null,35,null,"C16\tOCCUPATIONAL HEALTH AND SAFETY ACT","Item",0]
[]
[]
[]
[{"$nulls":8},"The contractor shall comply with all the requirements set out in"]
[{"$nulls":8}," the Construction Regulations, 2003 issued under the"]
[{"$nulls":8}," Occupational Health and Safety Act, 1993 (Act No 85 of 1993)."]
[]
[]
[]
[{"$nulls":8},"It is required of the contractor to thoroughly study the Health"]
[{"$nulls":8}," and Safety Specification that must be read together with and is"]
[{"$nulls":8}," deemed to be incorporated under this Section of the bills of"]
[{"$nulls":8}," quantities."]
[]
[]
[]
[{"$nulls":8},"The contractor must take note that compliance with the"]
[{"$nulls":8}," Occupational Health and Safety Act, Construction Regulations"]
[{"$nulls":8}," and Health and Safety Specification is compulsory.  In the event"]
[{"$nulls":8}," of partial or total non compliance, the principal agent,"]
[{"$nulls":8}," notwithstanding the provisions of clause A31.0 of Section A or"]
[{"$nulls":8}," any other clause to the contrary, reserves the right to delay"]
[{"$nulls":8}," issuing any progress payment certificate until the contractor"]
[{"$nulls":8}," provides satisfactory proof of compliance.  The contractor"]
[{"$nulls":8}," shall not be entitled to any compensation of whatsoever nature,"]
[{"$nulls":8}," including interest, due to such delay of payment."]
[]
[]
[]
[{"$nulls":8},"Provision for pricing of the Occupational Health and Safety Act,"]
[{"$nulls":8}," Construction Regulations and Health and Safety Specification"]
[{"$nulls":8}," is made under this clause and it is explicitly pointed out that all"]
[{"$nulls":8}," requirements of the aforementioned are deemed to be priced"]
[{"$nulls":8}," hereunder and no additional claims in this regard shall be"]
[{"$nulls":8}," entertained."]
[]
[]
[]
[{"$nulls":8},"Fixed:____66.67%_____ Value related:_________ Time"]
[{"$nulls":8}," related:__33.33%_______"]
[]
[{"$nulls":8}," "]
[]
[233,537,1,2,36,{"$nulls":3},"BILL No. 2","H1",0]
[]
[]
[]
[{"$nulls":8},"ALTERATIONS"]
[]
[]
[]
[{"$nulls":8},"(CPAP Work Group No.102 Unless"]
[{"$nulls":8}," Otherwise Stated)"]
[]
[]
[]
[234,538,1,2,36,{"$nulls":3},"NOTE:",null,0]
[]
[]
[]
[{"$nulls":8},"The Standard Preambles and the Notes in the various trade"]
[{"$nulls":8}," bills are to, and do, apply equally to this section."]
[]
[]
[]
[{"$nulls":8},"---------------"]
[]
[]
[]
[235,539,1,2,36,{"$nulls":3},"Tenderers are advised to visit the site and to inspect the works",null,0]
[{"$nulls":8}," in conjunction with the drawings in order to ascertain the exact"]
[{"$nulls":8}," nature and extent of the work to be done as no claim will be"]
[{"$nulls":8}," entertained on the grounds of ignorance of the conditions under"]
[{"$nulls":8}," which the work was to be executed."]
[]
[]
[]
[{"$nulls":8},"The work is to be carried out in sections? in accordance with"]
[{"$nulls":8}," the Architect's instructions in such a manner as to cause the"]
[{"$nulls":8}," minimum of nuisance and delay and the various sections are to"]
[{"$nulls":8}," be handed over for occupation as soon as they are completed"]
[{"$nulls":8}," and Tenderers must allow accordingly for this in their pricing."]
[]
[]
[]
[236,540,1,2,36,{"$nulls":3},"The Contractor will be held solely responsible for checking all",null,0]
[{"$nulls":8}," floor levels and dimensions in the existing building in order that"]
[{"$nulls":8}," the new extensions may be correctly lined up. Should any"]
[{"$nulls":8}," discrepancies be found in the Architect's drawings he should be"]
[{"$nulls":8}," asked for a decision before continuing with the work."]
[]
[]
[]
[237,541,1,2,36,{"$nulls":3},"The Contractor will be held solely responsible for any damage",null,0]
[{"$nulls":8}," to persons, property, equipment and for the safety of the new"]
[{"$nulls":8}," and existing structure throughout the whole of the contract and"]
[{"$nulls":8}," must make good at his own expense any damage that may"]
[{"$nulls":8}," occur. He must allow for protecting all existing work liable to"]
[{"$nulls":8}," suffer damage (ie. walls, finishes, floors, ceilings, windows,"]
[{"$nulls":8}," doors, loose and fixed fittings, electrical equipment and"]
[{"$nulls":8}," appliances, etc) during the building operations, alterations, etc."]
[{"$nulls":8}," and provide all necessary materials in doing so."]
[]
[]
[]
[238,542,1,2,36,{"$nulls":3},"Old materials, which are to become the property of the",null,0]
[{"$nulls":8}," Contractor as they are pulled down, together with all building"]
[{"$nulls":8}," debris from any cause whatsoever, are to be immediately"]
[{"$nulls":8}," carted away and the site left clean and unencumbered. Allow"]
[{"$nulls":8}," for watering the works sufficiently to prevent nuisance from"]
[{"$nulls":8}," dust."]
[]
[]
[]
[239,543,1,2,37,{"$nulls":3},"Allow for giving notice to local or other authorities for",null,0]
[{"$nulls":8}," disconnecting electric light, water and drainage mains and"]
[{"$nulls":8}," removing telephone wires, etc, and pay all fees in connection"]
[{"$nulls":8}," therewith and afford every facility to the workmen carrying out"]
[{"$nulls":8}," this work."]
[]
[]
[]
[240,3774,1,2,37,{"$nulls":3},"Tenderers are advised that adjacent sections of the building will",null,0]
[{"$nulls":8}," be occupied during the building operations and the contractor is"]
[{"$nulls":8}," to carry out the work with as little noise, dust and disturbance"]
[{"$nulls":8}," as possible and access is to be given the staff and visitors?."]
[]
[]
[]
[241,544,1,2,37,{"$nulls":3},"All materials in this section are measured as new except where",null,0]
[{"$nulls":8}," old material is specifically mentioned as being re-used."]
[]
[]
[]
[242,5359,1,2,37,{"$nulls":3},"Where face bricks are specified allow the prime cost of",null,0]
[{"$nulls":8}," ?R5,000.00 (five thousand rand) per thousand face bricks"]
[{"$nulls":8}," delivered to site."]
[]
[]
[]
[243,545,1,2,37,{"$nulls":3},"Old materials, if sound and suitable and approved by the",null,0]
[{"$nulls":8}," Architect, may be re-used in the new structure. This applies"]
[{"$nulls":8}," particularly to timber which may be re-used for joists,"]
[{"$nulls":8}," brandering, fittings, etc and broken bricks and other similar"]
[{"$nulls":8}," material which may be used as filling and hardcore."]
[]
[]
[]
[244,546,1,2,37,{"$nulls":3},"Wherever old materials are used instead of the new materials",null,0]
[{"$nulls":8}," measured, an adjustment will be made by the Quantity"]
[{"$nulls":8}," Surveyor in the final settlement of accounts by deducting the"]
[{"$nulls":8}," net cost of the new materials and crediting the Contractor with"]
[{"$nulls":8}," the amount, if any, allowed by him for the old materials."]
[]
[]
[]
[245,547,1,2,37,{"$nulls":3},"Where door and window openings, etc, are specified to be filled",null,0]
[{"$nulls":8}," in, or where jambs, cills, etc are specified to be built up,"]
[{"$nulls":8}," brickwork shall be of hard burnt clay stock bricks in 5.1 cement"]
[{"$nulls":8}," mortar unless otherwise specified, cut, toothed and bonded into"]
[{"$nulls":8}," existing brickwork and pinned up as required with slates or"]
[{"$nulls":8}," other hard materials. Brickwork built to fair face or in facings is"]
[{"$nulls":8}," to be of bricks and pointed to match existing. Plaster is to be"]
[{"$nulls":8}," 5.1 cement plaster unless otherwise specified."]
[]
[]
[]
[246,548,1,2,37,{"$nulls":3},"Where lintols are specified as precast concrete the prices are",null,0]
[{"$nulls":8}," to include for breaking out brickwork over for and inserting"]
[{"$nulls":8}," precast prestressed cement concrete (30MPa) lintol with"]
[{"$nulls":8}," 230mm bearing on each end size 108 x 75mm deep for each"]
[{"$nulls":8}," half brick thickness of wall."]
[]
[]
[]
[247,549,1,2,37,{"$nulls":3},"The term \"take out\" includes all work taken out, taken up, taken",null,0]
[{"$nulls":8}," down, taken off, etc ; the term \"break up\" includes all work"]
[{"$nulls":8}," broken up, broken down, broken off, etc and the term \"hack off\""]
[{"$nulls":8}," includes all work hacked off, hacked up, hacked down, etc."]
[]
[]
[]
[248,550,1,2,38,{"$nulls":3},"The term \"make good\" is to include all labour and material",null,0]
[{"$nulls":8}," required to match existing work."]
[]
[]
[]
[249,551,1,2,38,{"$nulls":3},"The terms \"take out and remove door\", \"take out and remove",null,0]
[{"$nulls":8}," window\", \"carefully take out, set aside for re-use and later refix"]
[{"$nulls":8}," window in new position\", etc are to include all materials"]
[{"$nulls":8}," connected with such door or window such as doors, windows,"]
[{"$nulls":8}," fanlights, frames, ironmongery, glass, architraves, beads, fillets,"]
[{"$nulls":8}," cramps, dowels, etc."]
[]
[]
[]
[250,552,1,2,38,{"$nulls":3},"The terms \"take out and remove sink unit\", \"take out and",null,0]
[{"$nulls":8}," remove lavatory basin\", \"carefully take out, set aside for re-use"]
[{"$nulls":8}," and later refix W.C. suite in new position\", etc are to include all"]
[{"$nulls":8}," materials connected with such sanitary fittings such as"]
[{"$nulls":8}," brackets, cisterns, taps, traps, flushing valves, flush pipes, etc"]
[{"$nulls":8}," and are to include for the cutting back and stopping off of"]
[{"$nulls":8}," supply and waste pipes."]
[]
[]
[]
[251,553,1,2,38,{"$nulls":3},"Propping, strutting, shoring, etc. incidental to the alterations",null,0]
[{"$nulls":8}," shall be deemed to be included in the descriptions."]
[]
[]
[]
[{"$nulls":8},"-----------------------------"]
[]
[]
[]
[252,7656,1,2,38,{"$nulls":3},"Temporary Barriers, Screens, Etc Of Painted Shutterboard,","H4",0]
[{"$nulls":8}," Corrugated Iron Sheeting Or Other Equal Approved On Timber"]
[{"$nulls":8}," Or Steel Framework To Provide Necessary Security"]
[{"$nulls":8}," Appropriate To This Contract Including Removal And Making"]
[{"$nulls":8}," Good All To Principal Agents Approval "]
[]
[253,559,1,2,38,1,null,null,"Dust screen 2400mm high formed of galvanised steel channel","m",35,{"v":1750,"d":"1,750.00"},{"v":61250,"d":"61,250.00"}]
[{"$nulls":8}," section rails and studs covered on one side with 12,7mm"]
[{"$nulls":8}," gypsum board panels and finished with two coats interior quality"]
[{"$nulls":8}," PVA emulsion paint on one side including corners, ends, etc"]
[]
[{"$nulls":8}," "]
[]
[254,7733,1,2,38,2,null,null,"External hoarding around site establishment area to a minimum","m",15,{"v":1750,"d":"1,750.00"},{"v":26250,"d":"26,250.00"}]
[{"$nulls":8}," height of 2.4m including flatwrap security mesh over, a vehicle"]
[{"$nulls":8}," gate and a pedestrian gate."]
[]
[255,7735,1,2,38,3,null,null,"Hoarding to door size 1000 x 2100mm high to prevent dust.","No",2,{"v":1100,"d":"1,100.00"},{"v":2200,"d":"2,200.00"}]
[]
[256,560,1,2,38,{"$nulls":3},"Break Up And Remove Mass Concrete In","H4",0]
[]
[]
[]
[257,561,1,2,38,4,null,null,"Surface bed, ramp, shower tray, etc.","m3",1,810,810]
[]
[258,7706,1,2,38,5,null,null,"3 x 40mm Deep sawcut in concrete surface bed preparatory to","m",7,110,770]
[{"$nulls":8}," breaking up."]
[]
[]
[]
[259,563,1,2,38,{"$nulls":3},"Break Up And Remove Reinforced Concrete In","H4",0]
[]
[]
[]
[260,569,1,2,38,6,null,null,"Slab.","m3",1,810,810]
[]
[]
[]
[261,7709,1,2,39,1,null,null,"Break out all loose and friable material, clean out and fill crack","m",28,50,{"v":1400,"d":"1,400.00"}]
[{"$nulls":8}," in concrete surface bed size 5mm wide x 30mm deep with abe"]
[{"$nulls":8}," epidermic 395 or other equal approved two component"]
[{"$nulls":8}," modified epoxy liquid."]
[]
[]
[]
[262,586,1,2,39,{"$nulls":3},"Break Down And Remove Brickwork, Etc In","H4",0]
[]
[]
[]
[263,590,1,2,39,2,null,null,"One brick wall below floor level.","m2",18,260,{"v":4680,"d":"4,680.00"}]
[]
[]
[]
[264,599,1,2,39,3,null,null,"Cut 230 x 600mm underpinning opening through one brick wall","No",6,{"v":1850,"d":"1,850.00"},{"v":11100,"d":"11,100.00"}]
[{"$nulls":8}," for steel props (elsewhere measured) and wedge up same with"]
[{"$nulls":8}," steel wedges."]
[]
[]
[]
[265,616,1,2,39,{"$nulls":3},"Take Out And Remove Doors Or Windows Including","H4",0]
[{"$nulls":8}," Thresholds, Cills, Etc. And Build Up Openings In Brickwork"]
[{"$nulls":8}," Including Making Good Cement Plaster On Both Sides"]
[]
[]
[]
[266,4935,1,2,39,4,null,null,"Timber door and pressed steel frame size 813 x 2032mm high","No",1,200,200]
[{"$nulls":8}," overall from half brick wall."]
[]
[]
[]
[267,630,1,2,39,{"$nulls":3},"Take Down And Remove Roofs, Floors, Panelling, Ceilings,","H4",0]
[{"$nulls":8}," Partitions, Doors, Etc."]
[]
[]
[]
[268,9320,1,2,39,5,null,null,"Timber panel wall","m",9,500,{"v":4500,"d":"4,500.00"}]
[]
[{"$nulls":8}," "]
[]
[269,3770,1,2,39,6,null,null,"Allow for covering and maintaining existing roofs in perfectly","Item",1,null,{"v":5000,"d":"5,000.00"}]
[{"$nulls":8}," watertight condition during the alterations by means of heavy"]
[{"$nulls":8}," tarpaulins, properly secured and maintained in position to the"]
[{"$nulls":8}," approval of the Principal Agent and make good all work"]
[{"$nulls":8}," damaged or disturbed after completion (total area of alterations"]
[{"$nulls":8}," to roof coverings 100m2)."]
[]
[{"$nulls":8}," "]
[]
[270,633,1,2,39,7,null,null,"Double pitched roof size 6000 x 4500 x 1200mm high overall","No",1,{"v":4750,"d":"4,750.00"},{"v":4750,"d":"4,750.00"}]
[{"$nulls":8}," including corrugated iron roof covering, timber trusses and"]
[{"$nulls":8}," purlins, gypsum ceilings and cornices, fibre cement eaves soffit"]
[{"$nulls":8}," covering, fascias, barge boards, PVC rainwater gutters and"]
[{"$nulls":8}," downpipes."]
[]
[{"$nulls":8}," "]
[]
[271,647,1,2,39,{"$nulls":3},"Take Out And Remove Sundry Joinery Work, Etc. And Make","H4",0]
[{"$nulls":8}," Good Plaster, Screeds, Etc"]
[]
[]
[]
[272,648,1,2,39,8,null,null,"Skirting and quadrant.","m",18,30,540]
[]
[]
[]
[273,649,1,2,39,9,null,null,"Timber cornices from timber panels.","m",18,60,{"v":1080,"d":"1,080.00"}]
[]
[{"$nulls":8}," "]
[]
[274,658,1,2,39,{"$nulls":3},"Take Out And Remove Sundry Joinery Work, Etc., And Set","H4",0]
[{"$nulls":8}," Aside For Re-use"]
[]
[]
[]
[275,659,1,2,39,10,null,null,"Timber shelving on steel brackets and steel wall bands fixed to","m",20,250,{"v":5000,"d":"5,000.00"}]
[{"$nulls":8}," wall."]
[]
[{"$nulls":8}," "]
[]
[276,660,1,2,40,1,null,null,"Projection screen size 2000 x 2000mm high overall, store and","No",1,500,500]
[{"$nulls":8}," later hand over to Client."]
[]
[{"$nulls":8}," "]
[]
[277,661,1,2,40,{"$nulls":3},"Take Up And Remove Vinyl Floor Coverings, Carpeting, Etc","H4",0]
[]
[]
[]
[278,663,1,2,40,2,null,null,"Vinyl sheet floor covering with welded joints including preparing","m2",133,40,{"v":5320,"d":"5,320.00"}]
[{"$nulls":8}," screed for new vinyl floor covering."]
[]
[]
[]
[279,9288,1,2,40,{"$nulls":3},"Carefully take down and remove projector at storeroom","H4",0]
[{"$nulls":8}," including cabling, etc and handover to Client. "]
[]
[280,9289,1,2,40,3,null,null,"Existing projector, wiring and remote control.","No",1,{"v":2000,"d":"2,000.00"},{"v":2000,"d":"2,000.00"}]
[]
[{"$nulls":8}," "]
[]
[281,9314,1,2,40,{"$nulls":3},"Take down existing fire extinguishers (new location as per","H4",0]
[{"$nulls":8}," Architect's design e/m) "]
[]
[282,9315,1,2,40,4,null,null,"Fire extinguisher fixed to walls","No",5,350,{"v":1750,"d":"1,750.00"}]
[]
[{"$nulls":8}," "]
[]
[283,9312,1,2,40,{"$nulls":3},"Inspection and service to existing supply soil drainiage","H4",0]
[{"$nulls":8}," services, fittings including excavations, compaction, KEFOW,"]
[{"$nulls":8}," ramming, backfilling etc. "]
[]
[284,9316,1,2,40,5,null,null,"Servicing existing soil drainage pipes.","Item",1,null,{"v":4500,"d":"4,500.00"}]
[]
[{"$nulls":8}," "]
[]
[285,9318,1,2,40,{"$nulls":3},"Alter existing soil drainage pipes to septic tanks including","H4",0]
[{"$nulls":8}," excavations, ramming compactions etc. "]
[]
[286,9317,1,2,40,6,null,null,"Replacing existing 50mm diameter soil drainage pipes to","m",20,425,{"v":8500,"d":"8,500.00"}]
[{"$nulls":8}," 110mm diameter. (Provisional)"]
[]
[{"$nulls":8}," "]
[]
[287,9313,1,2,40,{"$nulls":3},"Relocation of existing gas cage including dismantling structure","H4",0]
[{"$nulls":8}," and breaking up slab and make good. Re-route gas cable e/m "]
[]
[288,9319,1,2,40,7,null,null,"Existing gas cage fixed to concrete slab and wall.","Item",1,null,{"v":2200,"d":"2,200.00"}]
[]
[{"$nulls":8}," "]
[]
[289,9321,1,2,40,{"$nulls":3},"Take down gutters, clean, inspect and re-use not damaged to","H4",0]
[{"$nulls":8}," Architect's instruction. "]
[]
[290,9322,1,2,40,8,null,null,"Existing gutters fixed to fascias. (Provisional)","m",68,450,{"v":30600,"d":"30,600.00"}]
[]
[{"$nulls":8}," "]
[]
[291,9323,1,2,40,{"$nulls":3},"Service existing extractor fan ","H4",0]
[]
[292,9324,1,2,40,9,null,null,"Extractor hood","Item",1,null,{"v":9000,"d":"9,000.00"}]
[]
[]
[]
[{"$nulls":8}," "]
[]
[293,788,1,3,42,{"$nulls":3},"BILL No. 3 ","H1",0]
[]
[{"$nulls":8}," "]
[]
[{"$nulls":8},"FOUNDATIONS (PROVISIONAL) "]
[]
[294,4805,1,3,42,{"$nulls":3},"Standard Preambles","H4",0]
[]
[]
[]
[295,789,1,3,42,{"$nulls":3},"The Standard Preambles and the Notes in the various trade",null,0]
[{"$nulls":8}," bills are to apply equally to this section."]
[]
[]
[]
[296,4801,1,3,42,{"$nulls":3},"Nature Of Ground","H4",0]
[]
[]
[]
[297,4802,1,3,42,{"$nulls":3},"The nature of the ground is unknown and the contractor is to",null,0]
[{"$nulls":8}," make his own assessment and due allowance for same."]
[]
[]
[]
[{"$nulls":8}," "]
[]
[298,4806,1,3,42,{"$nulls":3},"Quantities","H4",0]
[]
[]
[]
[299,4807,1,3,42,{"$nulls":3},"The quantities of excavations and concrete shall be the net",null,0]
[{"$nulls":8}," sizes to be formed in accordance with the drawings and"]
[{"$nulls":8}," specifications and shall be not less than the horizontal area of"]
[{"$nulls":8}," the bottom of the relevant structures multiplied by the average"]
[{"$nulls":8}," depth or thickness."]
[]
[]
[]
[300,4803,1,3,42,{"$nulls":3},"Working Space","H4",0]
[]
[]
[]
[301,4804,1,3,42,{"$nulls":3},"Working space for any work requiring formwork, brick linings,",null,0]
[{"$nulls":8}," etc, has been determined by the following conditions and shall"]
[{"$nulls":8}," be measured where:"]
[]
[]
[]
[{"$nulls":8},"1.\tThe depth of the excavation does not exceed 1000mm"]
[{"$nulls":8}," and the distance from the finished face of the structure to the"]
[{"$nulls":8}," excavated face is less than 250mm for formwork or 600mm for"]
[{"$nulls":8}," brick linings and"]
[]
[]
[]
[{"$nulls":8},"2.\tThe depth of the excavation exceeds 1000mm and the"]
[{"$nulls":8}," distance from the finished face of the structure to the excavated"]
[{"$nulls":8}," face is less than 600mm."]
[]
[]
[]
[302,4799,1,3,42,{"$nulls":3},"Formwork","H4",0]
[]
[]
[]
[303,4800,1,3,42,{"$nulls":3},"Formwork to sides of footings, bases, pile caps, ground beams,",null,0]
[{"$nulls":8}," etc. will only be measured where it is prescribed by the"]
[{"$nulls":8}," engineer for design reasons."]
[]
[]
[]
[{"$nulls":8},"Formwork necessitated by irregularity or collapse of excavated"]
[{"$nulls":8}," faces will not be measured and the cost thereof shall be"]
[{"$nulls":8}," deemed to be included in the allowance for taking the risk of"]
[{"$nulls":8}," collapse of the sides of the excavations."]
[]
[]
[]
[304,790,1,3,43,{"$nulls":3},"EARTHWORKS","H2",0]
[]
[]
[]
[{"$nulls":8},"(CPAP Work Group No 104 Unless Otherwise"]
[{"$nulls":8}," Stated)"]
[]
[]
[]
[305,791,1,3,43,{"$nulls":3},"EXCAVATIONS, FILLING, ETC","H3",0]
[]
[]
[]
[306,4720,1,3,43,{"$nulls":3},"Excavation In Earth Not Exceeding 2m Deep For","H4",0]
[]
[]
[]
[307,4721,1,3,43,1,null,null,"Reducing levels under floors.","m3",5,50,250]
[]
[]
[]
[308,4722,1,3,43,2,null,null,"Surface trenches.","m3",15,90,{"v":1350,"d":"1,350.00"}]
[]
[309,4724,1,3,43,{"$nulls":3},"Extra Over Trench And Hole Excavations In Earth For","H4",0]
[{"$nulls":8}," Excavation In"]
[]
[]
[]
[310,4725,1,3,43,3,null,null,"Soft rock.","m3",2,400,800]
[]
[311,4726,1,3,43,4,null,null,"Hard rock.","m3",1,600,600]
[]
[312,4727,1,3,43,{"$nulls":3},"Extra Over All Excavations For Carting Away Of","H4",0]
[]
[]
[]
[313,3721,1,3,43,5,null,null,"Ditto, but spreading and leveling over site within 200m? radius.","m3",28,90,{"v":2520,"d":"2,520.00"}]
[]
[]
[]
[314,4729,1,3,43,{"$nulls":3},"Risk Of Collapse Of Excavations To","H4",0]
[]
[]
[]
[315,4730,1,3,43,6,null,null,"Sides of trench and base excavations not exceeding 1500mm","m2",55,25,{"v":1375,"d":"1,375.00"}]
[{"$nulls":8}," deep."]
[]
[]
[]
[316,4731,1,3,43,{"$nulls":3},"Keeping Excavations Free Of Water","H4",0]
[]
[]
[]
[317,4732,1,3,43,7,null,null,"Allow for keeping excavations free from water.","Item",1,null,500]
[]
[]
[]
[318,4733,1,3,43,{"$nulls":3},"Earth Filling Selected By The Contractor From The Excavated","H4",0]
[{"$nulls":8}," Material, Deposited In Layers Not Exceeding 150mm Thick,"]
[{"$nulls":8}," Watered And Consolidated In"]
[]
[]
[]
[319,4734,1,3,43,8,null,null,"Backfilling to trenches, bases, etc.","m3",4,130,520]
[]
[320,807,1,3,43,9,null,null,"Filling under floors, etc to 93% modified AASHTO density","m3",18,220,{"v":3960,"d":"3,960.00"}]
[{"$nulls":8}," including compaction tests."]
[]
[321,4735,1,3,43,{"$nulls":3},"Earth Filling Selected And Supplied By The Contractor,","H4",0]
[{"$nulls":8}," Deposited In Layers Not Exceeding 150mm Thick, Watered"]
[{"$nulls":8}," And Consolidated In"]
[]
[]
[]
[322,808,1,3,43,10,null,null,"G7 earth filling to 93% modified AASHTO density under floors,","m3",5,600,{"v":3000,"d":"3,000.00"}]
[{"$nulls":8}," etc including compaction density tests."]
[]
[323,4740,1,3,44,{"$nulls":3},"Scarify, Mix And Consolidate Top 150mm Of Subgrade","H4",0]
[]
[]
[]
[324,4741,1,3,44,1,null,null,"Under floors to 93% modified AASHTO density.","m2",5,180,900]
[]
[325,4742,1,3,44,{"$nulls":3},"Prescribed Density Tests As Check On Contractors Tests","H4",0]
[{"$nulls":8}," Included In Filling Above"]
[]
[]
[]
[326,4743,1,3,44,2,null,null,"Modified AASHTO density test and deliver the results to the","No",1,250,250]
[{"$nulls":8}," Architect within 24 hours of the tests being completed."]
[]
[]
[]
[327,4747,1,3,44,{"$nulls":3},"Termite Proofing Treatment Of Chlordane Or Aldrin Type To","H4",0]
[]
[]
[]
[328,3390,1,3,44,3,null,null,"Surfaces of ground under floors, etc including forming and","m2",30,40,{"v":1200,"d":"1,200.00"}]
[{"$nulls":8}," poisoning shallow furrows against foundation walls etc, filling in"]
[{"$nulls":8}," furrows and ramming."]
[]
[{"$nulls":8}," "]
[]
[329,5468,1,3,44,4,null,null,"Bottoms and sides of trenches, bases, etc.","m2",15,40,600]
[]
[{"$nulls":8}," "]
[]
[330,818,1,3,44,{"$nulls":3},"CONCRETE CAST AGAINST EXCAVATED","H2",0]
[{"$nulls":8}," SURFACES"]
[]
[]
[]
[331,825,1,3,44,{"$nulls":3},"Reinforced Cement Concrete (20MPa) In ","H4",0]
[]
[332,820,1,3,44,5,null,null,"Blinding under bases.","m3",2,{"v":1850,"d":"1,850.00"},{"v":3700,"d":"3,700.00"}]
[]
[333,823,1,3,44,6,null,null,"Footings.","m3",5,{"v":2160,"d":"2,160.00"},{"v":10800,"d":"10,800.00"}]
[]
[]
[]
[334,854,1,3,44,{"$nulls":3},"BRICKWORK","H2",0]
[]
[]
[]
[{"$nulls":8},"(CPAP Work Group No. 116 Unless Otherwise"]
[{"$nulls":8}," Stated)"]
[]
[]
[]
[335,855,1,3,44,{"$nulls":3},"Brickwork In Clay Bricks In 6:1 Cement Mortar In","H4",0]
[]
[]
[]
[336,861,1,3,44,7,null,null,"One brick wall.","m2",14,510,{"v":7140,"d":"7,140.00"}]
[]
[337,866,1,3,44,{"$nulls":3},"Brickwork Sundries","H4",0]
[]
[]
[]
[338,870,1,3,44,8,null,null,"Ditto, but 155mm wide.","m",55,7,385]
[]
[339,883,1,3,44,{"$nulls":3},"EXTERNAL PLASTER","H3",0]
[]
[]
[]
[340,884,1,3,44,{"$nulls":3},"4:1 Cement Plaster On Brickwork On","H4",0]
[]
[]
[]
[341,885,1,3,44,9,null,null,"Walls.","m2",22,40,880]
[]
[]
[]
[342,891,1,3,44,{"$nulls":3},"PAINTWORK","H2",0]
[]
[]
[]
[{"$nulls":8},"(CPAP Work Group No. 152 Unless Otherwise"]
[{"$nulls":8}," Stated)"]
[]
[]
[]
[343,892,1,3,45,{"$nulls":3},"PAINT ON PLASTER, FIBRE REINFORCED CEMENT, ETC","H3",0]
[]
[]
[]
[344,893,1,3,45,{"$nulls":3},"Prepare And One Coat Primer And Two Coats External Quality","H4",0]
[{"$nulls":8}," PVA Emulsion On "]
[]
[345,5205,1,3,45,{"$nulls":3},"Prepare And Apply One Coat Thinned 10% With Water And","H4",0]
[{"$nulls":8}," Two Full Coats Dulux Weatherguard Or Other Approved"]
[{"$nulls":8}," Textured Elastic Wall Coating On"]
[]
[]
[]
[346,894,1,3,45,1,null,null,"Plastered walls.","m2",22,40,880]
[]
[]
[]
[347,896,1,4,47,{"$nulls":3},"BILL No. 4 ","H1",0]
[]
[{"$nulls":8}," "]
[]
[{"$nulls":8},"CONCRETE, FORMWORK AND"]
[{"$nulls":8}," REINFORCEMENT "]
[]
[348,897,1,4,47,{"$nulls":3},"NOTE:",null,0]
[]
[]
[]
[{"$nulls":8},"All reinforced concrete is to be compacted with a mechanical"]
[{"$nulls":8}," vibrator. Prices are to include for striking off and curing."]
[]
[]
[]
[{"$nulls":8},"All formwork shall include for propping to not exceeding"]
[{"$nulls":8}," 3500mm high unless otherwise described. "]
[]
[]
[]
[{"$nulls":8},"Formwork to sides of walls and columns shall be to walls and"]
[{"$nulls":8}," columns not exceeding 3500mm high unless otherwise"]
[{"$nulls":8}," described."]
[]
[]
[]
[{"$nulls":8},"Formwork to soffits of solid slabs shall be to slabs not"]
[{"$nulls":8}," exceeding 250mm thick unless otherwise described."]
[]
[]
[]
[{"$nulls":8},"--------------------"]
[]
[]
[]
[349,898,1,4,47,{"$nulls":3},"CONCRETE TESTS ","H2",0]
[]
[{"$nulls":8}," "]
[]
[{"$nulls":8},"(CPAP Work Group No. 110 Unless Otherwise"]
[{"$nulls":8}," Stated) "]
[]
[350,899,1,4,47,{"$nulls":3},"NOTE: Should the strength required for the concrete in any",null,0]
[{"$nulls":8}," portion of the structure not be attained in the test cubes, or"]
[{"$nulls":8}," should any concrete whatsoever be defective the portion in"]
[{"$nulls":8}," question is to be demolished and replaced at the expense of"]
[{"$nulls":8}," the Contractor."]
[]
[]
[]
[{"$nulls":8},"--------------------"]
[]
[{"$nulls":8}," "]
[]
[351,900,1,4,47,1,null,null,"Set of three concrete test cubes size 150 x 150 x 150mm","Sets",1,150,150]
[{"$nulls":8}," overall including testing (Provisional)."]
[]
[]
[]
[352,901,1,4,47,{"$nulls":3},"CONCRETE","H2",0]
[]
[]
[]
[353,902,1,4,47,{"$nulls":3},"Cement Concrete (15MPa) In","H4",0]
[]
[]
[]
[354,903,1,4,47,2,null,null,"Surface beds on waterproof sheeting.","m3",32,{"v":1300,"d":"1,300.00"},{"v":41600,"d":"41,600.00"}]
[]
[]
[]
[355,908,1,4,47,{"$nulls":3},"Reinforced Cement Concrete (25MPa) In","H4",0]
[]
[]
[]
[356,909,1,4,47,3,null,null,"Slabs including beams and inverted beams.","m3",4,{"v":1650,"d":"1,650.00"},{"v":6600,"d":"6,600.00"}]
[]
[]
[]
[357,930,1,4,48,{"$nulls":3},"CONCRETE SUNDRIES","H3",0]
[]
[]
[]
[358,932,1,4,48,1,null,null,"Float top of concrete with a wood float and finish with a brushed","m2",32,25,800]
[{"$nulls":8}," non-skid surface whilst concrete is still green with the addition"]
[{"$nulls":8}," of 2.1 sand and cement as necessary."]
[]
[]
[]
[359,946,1,4,48,{"$nulls":3},"FORMWORK ","H2",0]
[]
[]
[]
[{"$nulls":8},"CPAP Work Group No. 111 Unless Otherwise"]
[{"$nulls":8}," Stated"]
[]
[]
[]
[360,947,1,4,48,{"$nulls":3},"Class F1 Rough Formwork To ","H4",0]
[]
[361,969,1,4,48,2,null,null,"Edges, risers, ends and reveals not exceeding 300mm high or","m",28,10,280]
[{"$nulls":8}," wide."]
[]
[]
[]
[362,989,1,4,48,{"$nulls":3},"MOVEMENT JOINTS, ETC","H3",0]
[]
[]
[]
[363,993,1,4,48,{"$nulls":3},"Slip Joints","H4",0]
[]
[]
[]
[364,994,1,4,48,3,null,null,"Joint not exceeding 300mm wide formed of two layers 375","m",3,15,45]
[{"$nulls":8}," micron DPC 1,2mm thick sheet iron with graphite grease"]
[{"$nulls":8}," between, on and including bed of 3.1 cement mortar, on brick"]
[{"$nulls":8}," walls as bearing under concrete slabs, beams, etc."]
[]
[{"$nulls":8}," "]
[]
[365,995,1,4,48,{"$nulls":3},"Saw Cut Joints","H4",0]
[]
[]
[]
[366,996,1,4,48,4,null,null,"4mm Wide x 50mm deep saw cut joint in top of concrete.","m",6,10,60]
[]
[]
[]
[367,999,1,4,48,{"$nulls":3},"REINFORCEMENT (PROVISIONAL) ","H2",0]
[]
[{"$nulls":8}," "]
[]
[{"$nulls":8},"(CPAP Work Group No. 114 Unless Otherwise"]
[{"$nulls":8}," Stated) "]
[]
[368,1003,1,4,48,{"$nulls":3},"High Tensile Steel Bar Reinforcement To Structural Concrete","H4",0]
[{"$nulls":8}," Work"]
[]
[]
[]
[369,1004,1,4,48,5,null,null,"8mm Diameter bars.","kg",86,13,{"v":1118,"d":"1,118.00"}]
[]
[370,1005,1,4,48,6,null,null,"10mm Diameter bars.","kg",121,13,{"v":1573,"d":"1,573.00"}]
[]
[371,1006,1,4,48,7,null,null,"12mm Diameter bars.","kg",138,13,{"v":1794,"d":"1,794.00"}]
[]
[372,3107,1,4,48,8,null,null,"32mm Diameter bars.","kg",78,13,{"v":1014,"d":"1,014.00"}]
[]
[373,1010,1,4,48,{"$nulls":3},"Fabric Reinforcement To Concrete Work","H4",0]
[]
[]
[]
[374,1011,1,4,48,9,null,null,"High tensile steel mesh Ref. 193 to concrete surface beds,","m2",31,220,{"v":6820,"d":"6,820.00"}]
[{"$nulls":8}," slabs, etc."]
[]
[375,1015,1,5,50,{"$nulls":3},"BILL No. 5 ","H1",0]
[]
[{"$nulls":8}," "]
[]
[{"$nulls":8},"MASONRY "]
[]
[376,1016,1,5,50,{"$nulls":3},"BRICKWORK","H2",0]
[]
[]
[]
[{"$nulls":8},"CPAP Work Group No. 116 Unless Otherwise"]
[{"$nulls":8}," Stated"]
[]
[]
[]
[377,1017,1,5,50,{"$nulls":3},"Brickwork In Clay Bricks In 6:1 Cement Mortar In","H3",0]
[]
[]
[]
[378,1020,1,5,50,1,null,null,"Half brick wall.","m2",2,320,640]
[]
[379,1024,1,5,50,2,null,null,"One brick wall.","m2",11,510,{"v":5610,"d":"5,610.00"}]
[]
[]
[]
[380,1033,1,5,50,{"$nulls":3},"Brickwork Sundries","H4",0]
[]
[]
[]
[381,1034,1,5,50,3,null,null,"Bag down face of brickwork with 4.1 cement slurry.","m2",11,50,550]
[]
[]
[]
[382,1043,1,5,50,{"$nulls":3},"Brick Reinforcement","H4",0]
[]
[]
[]
[383,1044,1,5,50,4,null,null,"Galvanised brick reinforcement 80mm wide.","m",7,5,35]
[]
[384,1045,1,5,50,5,null,null,"Ditto, but 155mm wide.","m",40,7,280]
[]
[385,1110,1,6,51,{"$nulls":3},"BILL No. 6 ","H1",0]
[]
[{"$nulls":8}," "]
[]
[{"$nulls":8},"WATERPROOFING "]
[]
[{"$nulls":8}," "]
[]
[{"$nulls":8},"(CPAP Work Group No. 120 Unless"]
[{"$nulls":8}," Otherwise Stated) "]
[]
[386,1111,1,6,51,{"$nulls":3},"DAMP PROOFING TO WALLS AND FLOORS","H3",0]
[]
[]
[]
[387,1112,1,6,51,{"$nulls":3},"One Layer 250 Micron Waterproof Sheeting","H4",0]
[]
[]
[]
[388,1113,1,6,51,1,null,null,"Under surface beds.","m2",32,30,960]
[]
[]
[]
[389,1114,1,6,51,2,null,null,"Vertically to walls.","m2",7,35,245]
[]
[]
[]
[390,1115,1,6,51,{"$nulls":3},"One Layer 375 Micron Embossed Dampproof Sheeting","H4",0]
[]
[]
[]
[391,1116,1,6,51,3,null,null,"On walls.","m2",69,15,{"v":1035,"d":"1,035.00"}]
[]
[]
[]
[392,1133,1,7,52,{"$nulls":3},"BILL No. 7 ","H1",0]
[]
[{"$nulls":8}," "]
[]
[{"$nulls":8},"ROOF COVERINGS, ETC. "]
[]
[{"$nulls":8}," "]
[]
[{"$nulls":8},"CPAP Work Group No. 122 Unless"]
[{"$nulls":8}," Otherwise Stated "]
[]
[393,1134,1,7,52,{"$nulls":3},"TILES","H2",0]
[]
[]
[]
[394,1135,1,7,52,{"$nulls":3},"Note:",null,0]
[]
[]
[]
[{"$nulls":8},"The sizes of all sawn and wrot timbers are to hold to the full"]
[{"$nulls":8}," sizes specified."]
[]
[{"$nulls":8},"South African Pine shall be referred to as Pine. "]
[]
[]
[]
[{"$nulls":8},"--------------------"]
[]
[]
[]
[395,1136,1,7,52,{"$nulls":3},"Coverland Double Roman Throughcolour Terracotta","H3",0]
[{"$nulls":8}," Concrete Roofing Tiles Size 420 x 330mm Laid On And"]
[{"$nulls":8}," Including One Layer Of 250 Micron Underlay?/Two-Ply"]
[{"$nulls":8}," Undertile Membrane?/Three-Ply Undertile"]
[{"$nulls":8}," Membrane?/Single-Sided RadenShield?/Double-Sided"]
[{"$nulls":8}," RadenShield?/Industrial RadenShield?/Climasential"]
[{"$nulls":8}," RadenShield?/Climaguard RadenShield With 150mm"]
[{"$nulls":8}," Lapped And Sealed? Joints And Fixed With Storm Clips"]
[{"$nulls":8}," And Non-Corrosive Tile Nails To And Including 38 x 38mm"]
[{"$nulls":8}," Sawn Pine Battens At ?mm Centres "]
[]
[396,1137,1,7,52,1,null,null,"Roof covering with pitch not exceeding 25 degrees.","m2",32,385,{"v":12320,"d":"12,320.00"}]
[]
[]
[]
[397,1140,1,7,52,2,null,null,"Extra over roof coverings for 38 x 50mm sawn Pine splayed","m",9,70,630]
[{"$nulls":8}," tilting fillet."]
[]
[]
[]
[398,7549,1,7,52,3,null,null,"V-ridge tiles bedded in coloured cement border.","m",5,120,600]
[]
[{"$nulls":8}," "]
[]
[399,1149,1,7,52,4,null,null,"Ridge starter tile bedded and pointed in 3.1 tinted cement","No",1,90,90]
[{"$nulls":8}," mortar."]
[]
[]
[]
[400,1152,1,7,52,5,null,null,"Intersection of hip, valley and two ridges.","No",1,180,180]
[]
[]
[]
[401,1306,1,7,52,{"$nulls":3},"Insulation","H3",0]
[]
[]
[]
[402,8707,1,7,52,6,null,null,"4mm Alucushion Bubblefoil FR or Alububble code 2906 ? fire","m2",34,70,{"v":2380,"d":"2,380.00"}]
[{"$nulls":8}," retardant grade white polyethylene coated single-sided"]
[{"$nulls":8}," aluminium foil insulation laid taut over steel purlins and fixed"]
[{"$nulls":8}," concurrently with roof covering, including white PVC coated"]
[{"$nulls":8}," straining wires at 383mm centres with 100mm side and end"]
[{"$nulls":8}," laps sealed with 48mm GDA double sided tape all in"]
[{"$nulls":8}," accordance to the manufacturer's recommendations. "]
[]
[403,1309,1,7,53,{"$nulls":3},"Rain Water Goods","H3",0]
[]
[]
[]
[404,1310,1,7,53,{"$nulls":3},"Pre-Painted Seamless Aluminium Ogee/Square? Gutters,","H4",0]
[{"$nulls":8}," Rainwater Pipes And Accessories In Long Lengths"]
[]
[]
[]
[405,1311,1,7,53,1,null,null,"125 x 85 x 0,6mm Eaves gutter fixed to fibre cement fascia.","m",28,200,{"v":5600,"d":"5,600.00"}]
[]
[]
[]
[406,1312,1,7,53,{"$nulls":3},"Extra for","H4",0]
[]
[]
[]
[407,1315,1,7,53,2,null,null,"External angle.","No",2,90,180]
[]
[408,1316,1,7,53,3,null,null,"Outlet with nozzle for 75 x 100mm? rainwater pipe.","No",1,30,30]
[]
[]
[]
[409,1317,1,7,53,{"$nulls":3},"(End Of Extra For)","H4",0]
[]
[]
[]
[410,1318,1,7,53,4,null,null,"50 x 75 x 0,6mm Rectangular section fluted rainwater pipe fixed","m",2,200,400]
[{"$nulls":8}," 25mm clear of walls with galvanised sheet iron ears screwed to"]
[{"$nulls":8}," and including 200 x 70 x 22mm chamfered and oiled hardwood"]
[{"$nulls":8}," blocks plugged to wall."]
[]
[]
[]
[411,1319,1,7,53,{"$nulls":3},"Extra For","H4",0]
[]
[]
[]
[412,1321,1,7,53,5,null,null,"Bend.","No",1,50,50]
[]
[]
[]
[413,1324,1,7,53,6,null,null,"Spreader and fixing to bottom of rainwater pipe.","No",1,50,50]
[]
[]
[]
[414,1325,1,7,53,{"$nulls":3},"(End Of Extra For)","H4",0]
[]
[]
[]
[415,1326,1,8,55,{"$nulls":3},"BILL No. 8 ","H1",0]
[]
[{"$nulls":8}," "]
[]
[{"$nulls":8},"CARPENTRY & JOINERY "]
[]
[{"$nulls":8}," "]
[]
[{"$nulls":8},"(CPAP Work Group No. 126 Unless"]
[{"$nulls":8}," Otherwise Stated) "]
[]
[416,1327,1,8,55,{"$nulls":3},"CARPENTRY","H2",0]
[]
[]
[]
[417,1328,1,8,55,{"$nulls":3},"ROOFS, ETC","H3",0]
[]
[]
[]
[418,1329,1,8,55,{"$nulls":3},"Sawn Pine","H4",0]
[]
[]
[]
[419,1330,1,8,55,1,null,null,"38 x 76mm Bracing (Provisional).","m",8,60,480]
[]
[]
[]
[420,1331,1,8,55,2,null,null,"38 x 114mm Bracing (Provisional).","m",4,60,240]
[]
[]
[]
[421,1332,1,8,55,3,null,null,"38 x 114mm Plate.","m",28,90,{"v":2520,"d":"2,520.00"}]
[]
[]
[]
[422,1335,1,8,55,4,null,null,"50 x 76mm Purlin.","m",22,90,{"v":1980,"d":"1,980.00"}]
[]
[]
[]
[423,3747,1,8,55,5,null,null,"38 x 50 x 114mm Fascia fixing sprocket twice countersunk","No",9,110,990]
[{"$nulls":8}," screwed with 5,5mm diameter x 63mm long brass screws."]
[]
[]
[]
[424,1349,1,8,55,{"$nulls":3},"Sundries","H4",0]
[]
[]
[]
[425,4093,1,8,55,6,null,null,"4mm Galvanised wire tie 450mm girth wrapped around rafter","No",8,35,280]
[{"$nulls":8}," and purlin with ends twisted together."]
[]
[]
[]
[426,8161,1,8,55,{"$nulls":3},"Roof Trusses","H4",0]
[]
[]
[]
[427,8162,1,8,56,{"$nulls":3},"NOTE:",null,0]
[]
[]
[]
[{"$nulls":8},"Truss prices are to include for the design, supply and erection"]
[{"$nulls":8}," of the trusses complete including bolts, connectors,"]
[{"$nulls":8}," connections, etc. and comply with SABS 0243 : The Design,"]
[{"$nulls":8}," Manufacture And Erection Of Timber Trusses"]
[]
[]
[]
[{"$nulls":8},"The truss fabricator or his design engineer will issue a"]
[{"$nulls":8}," certificate of compliance to the Principal Agent which confirms"]
[{"$nulls":8}," that:\t"]
[]
[]
[]
[{"$nulls":8},"(a) \tThe Manufacturer of the pre-fabricated trusses holds a"]
[{"$nulls":8}," certificate of competence issued by the Institute for Timber"]
[{"$nulls":8}," Construction.\t"]
[]
[{"$nulls":8},"\t"]
[]
[{"$nulls":8},"(b) \tThe design has been approved by a Registered"]
[{"$nulls":8}," Professional Engineer.\t"]
[]
[{"$nulls":8},"\t"]
[]
[{"$nulls":8},"(c) \tThe trusses have been manufactured to specification."]
[{"$nulls":8},"\t"]
[]
[{"$nulls":8},"\t"]
[]
[{"$nulls":8},"(d) \tThe trusses have been erected to specification.\t"]
[]
[]
[]
[{"$nulls":8},"The dimensions of the trusses given in the following"]
[{"$nulls":8}," descriptions are nominal and the actual measurements for the"]
[{"$nulls":8}," design and manufacture of the trusses must be taken from the"]
[{"$nulls":8}," working drawings."]
[]
[]
[]
[{"$nulls":8},"The truss spans given are measured horizontally between the"]
[{"$nulls":8}," outer faces of the wall plates and overhangs are measured"]
[{"$nulls":8}," from the external wall face."]
[]
[]
[]
[{"$nulls":8},"--------------------"]
[]
[]
[]
[428,8164,1,8,56,{"$nulls":3},"Sawn Pine","H4",0]
[]
[]
[]
[429,4619,1,8,56,1,null,null,"Roof construction to double pitch roof with two hipped ends size","No",5,{"v":4250,"d":"4,250.00"},{"v":21250,"d":"21,250.00"}]
[{"$nulls":8}," 9000mm span x 1250mm long to 25 degree pitch including 38 x"]
[{"$nulls":8}," 114mm wall plates, all necessary girders, hip and jack trusses"]
[{"$nulls":8}," and hangers, cleats, bolts, permanent bracing, etc and 50 x"]
[{"$nulls":8}," 76mm purlins at 760 mm centres."]
[]
[{"$nulls":8}," "]
[]
[430,1372,1,8,56,{"$nulls":3},"Nutec Medium Density Plain Fascia Cut To Lengths And Butt","H4",0]
[{"$nulls":8}," Jointed With Galvanised H-Profile Steel Jointing Strips And"]
[{"$nulls":8}," Fixed With Countersunk Brass Screws"]
[]
[]
[]
[431,1373,1,8,56,2,null,null,"12 x 225mm Fascia or bargeboard.","m",46,150,{"v":6900,"d":"6,900.00"}]
[]
[]
[]
[432,2841,1,8,56,{"$nulls":3},"SKIRTINGS","H3",0]
[]
[]
[]
[433,1378,1,8,57,{"$nulls":3},"Wrot Red Meranti","H4",0]
[]
[]
[]
[434,1380,1,8,57,1,null,null,"19 x 69mm Angle rounded skirting, plugged and including","m",26,130,{"v":3380,"d":"3,380.00"}]
[{"$nulls":8}," 19mm quadrant bead planted on."]
[]
[435,1382,1,8,57,{"$nulls":3},"JOINERY","H2",0]
[]
[]
[]
[436,1383,1,8,57,{"$nulls":3},"All joinery unless otherwise specified, is to be wrot on all",null,0]
[{"$nulls":8}," surfaces and prices are to include for this, including leaving"]
[{"$nulls":8}," clean, smooth, free from tool marks and for rounded arrises. "]
[]
[]
[]
[{"$nulls":8},"The sizes of all timbers for joinery are to hold to the full sizes"]
[{"$nulls":8}," specified. "]
[]
[]
[]
[{"$nulls":8},"Commercial veneer shall refer to veneer to be painted. South"]
[{"$nulls":8}," African Pine shall be referred to as Pine. "]
[]
[]
[]
[{"$nulls":8},"--------------------"]
[]
[]
[]
[437,5058,1,8,57,2,null,null,"Window size 2100 x 1500mm high, divided into four sections","No",2,{"v":3550,"d":"3,550.00"},{"v":7100,"d":"7,100.00"}]
[{"$nulls":8}," with three vertical mullions, each section filled in with two side"]
[{"$nulls":8}," hung outward opening sashes with central mullion between"]
[{"$nulls":8}," sashes, each sash divided into four panes with three horizontal"]
[{"$nulls":8}," glazing bars."]
[]
[{"$nulls":8}," "]
[]
[438,1384,1,8,57,{"$nulls":3},"DOORS, ETC","H3",0]
[]
[]
[]
[439,1385,1,8,57,{"$nulls":3},"Wrot Red Meranti","H4",0]
[]
[]
[]
[440,1390,1,8,57,3,null,null,"44mm Framed, ledged and braced batten door, (Hung) size","No",1,{"v":1350,"d":"1,350.00"},{"v":1350,"d":"1,350.00"}]
[{"$nulls":8}," 813 x 2032mm."]
[]
[441,1434,1,8,57,{"$nulls":3},"FRAMES, ETC","H3",0]
[]
[]
[]
[442,1435,1,8,57,{"$nulls":3},"Frames And Linings (Framed)","H3",0]
[]
[]
[]
[443,1436,1,8,57,{"$nulls":3},"Wrot Red Meranti","H4",0]
[]
[]
[]
[444,1442,1,8,57,4,null,null,"69 x 94mm Rebated and angle rounded frame for door size 813","No",1,400,400]
[{"$nulls":8}," x 2032mm."]
[]
[]
[]
[445,1445,1,8,57,{"$nulls":3},"Mouldings And Sundries","H3",0]
[]
[]
[]
[446,1446,1,8,57,{"$nulls":3},"Wrot Red Meranti","H4",0]
[]
[]
[]
[447,1447,1,8,57,5,null,null,"19mm Quadrant bead.","m",12,40,480]
[]
[{"$nulls":8}," "]
[]
[448,1468,1,9,59,{"$nulls":3},"BILL No. 9 ","H1",0]
[]
[{"$nulls":8}," "]
[]
[{"$nulls":8},"CEILINGS, PARTITIONS AND ACCESS"]
[{"$nulls":8}," FLOORING "]
[]
[449,1470,1,9,59,{"$nulls":3},"NAILED UP CEILINGS","H3",0]
[]
[]
[]
[{"$nulls":8},"CPAP Work Group No 129 Unless Otherwise Stated"]
[]
[]
[]
[450,8394,1,9,59,{"$nulls":3},"Note: ",null,0]
[]
[]
[]
[{"$nulls":8},"Prices for openings for light fittings, ventilation grilles, air"]
[{"$nulls":8}," conditioning diffusers, etc are to include for any necessary"]
[{"$nulls":8}," additional support, trimming around, etc"]
[]
[{"$nulls":8}," "]
[]
[451,8312,1,9,59,{"$nulls":3},"Brandering for timber ceiling at 450mm centres brandering - 38",null,0]
[{"$nulls":8}," x 50mm brandering max. 760mm truss centres"]
[]
[{"$nulls":8}," "]
[]
[452,1476,1,9,59,{"$nulls":3},"Tounge and grooved wrot pine ceilings in panels fixed in place ","H4",0]
[]
[453,1478,1,9,59,1,null,null,"Horizontal ceilings fixed to and including 38 x 50mm sawn Pine","m2",32,425,{"v":13600,"d":"13,600.00"}]
[{"$nulls":8}," brandering at 600mm centres in one direction only and with"]
[{"$nulls":8}," additional brandering at perimeter and along joints of ceiling"]
[{"$nulls":8}," plates."]
[]
[{"$nulls":8}," "]
[]
[454,1481,1,9,59,2,null,null,"Extra over ceilings for trapdoor size 900 x 900mm in clear","No",1,600,600]
[{"$nulls":8}," including all sawn and wrot Pine framing, coverstrips, etc"]
[{"$nulls":8}," covered with ceiling board and fitted flush with ceiling."]
[]
[455,1486,1,9,59,{"$nulls":3},"Ceiling Insulation","H4",0]
[]
[]
[]
[456,1487,1,9,59,3,null,null,"100mm Thick Aerolite blanket type fibreglass insulation laid on","m2",32,200,{"v":6400,"d":"6,400.00"}]
[{"$nulls":8}," top of ceilings between roof timbers, etc."]
[]
[{"$nulls":8}," "]
[]
[457,1518,1,10,60,{"$nulls":3},"BILL No. 10 ","H1",0]
[]
[{"$nulls":8}," "]
[]
[{"$nulls":8},"FLOOR COVERINGS, WALL LININGS,"]
[{"$nulls":8}," ETC "]
[]
[{"$nulls":8}," "]
[]
[{"$nulls":8},"(CPAP Work Group No. 130 Unless"]
[{"$nulls":8}," Otherwise Stated) "]
[]
[458,1519,1,10,60,{"$nulls":3},"Note:",null,0]
[]
[]
[]
[{"$nulls":8},"Floor coverings are laid on screeded surfaces and wall linings"]
[{"$nulls":8}," on plastered surfaces unless otherwise described."]
[]
[]
[]
[{"$nulls":8},"--------------------"]
[]
[]
[]
[459,1520,1,10,60,{"$nulls":3},"FLOOR COVERINGS","H3",0]
[]
[]
[]
[460,1521,1,10,60,{"$nulls":3},"Semi-Flexible Vinyl Floor Tiles Size 300 x 300 x 2,5mm Thick","H4",0]
[{"$nulls":8}," Of Specified Colour Laid With Adhesive To Pattern"]
[]
[]
[]
[461,1522,1,10,60,1,null,null,"On floors.","m2",187,280,{"v":52360,"d":"52,360.00"}]
[]
[462,1523,1,10,60,2,null,null,"On existing screeded floors including Pavelite levelling screed.","m2",133,110,{"v":14630,"d":"14,630.00"}]
[]
[463,1559,1,11,61,{"$nulls":3},"BILL No. 11 ","H1",0]
[]
[{"$nulls":8}," "]
[]
[{"$nulls":8},"IRONMONGERY "]
[]
[{"$nulls":8}," "]
[]
[{"$nulls":8},"(CPAP Work Group No. 132 Unless"]
[{"$nulls":8}," Otherwise Stated) "]
[]
[464,1560,1,11,61,{"$nulls":3},"Note:",null,0]
[]
[]
[]
[{"$nulls":8},"Ironmongery is fixed to timber unless otherwise described."]
[]
[]
[]
[{"$nulls":8},"--------------------"]
[]
[]
[]
[465,1561,1,11,61,{"$nulls":3},"IRONMONGERY TO DOORS, FRAMES, ETC","H3",0]
[]
[]
[]
[466,1562,1,11,61,{"$nulls":3},"Hinges, Bolts, Etc","H4",0]
[]
[]
[]
[467,5109,1,11,61,1,null,null,"75 x 100mm Union 8352-100SB two ball bearing butt hinge.","No",3,80,240]
[]
[]
[]
[468,1566,1,11,61,2,null,null,"100mm Brass barrel bolt with keep fixed to steel.","No",6,80,480]
[]
[]
[]
[469,1567,1,11,61,3,null,null,"100mm Brass barrel bolt with keep set into floor screed.","No",2,80,160]
[]
[]
[]
[470,1572,1,11,61,{"$nulls":3},"Locks, Etc","H4",0]
[]
[]
[]
[471,1581,1,11,61,4,null,null,"Union CZ682-24CH/2252-76SS 3 lever mortice lockset.","No",1,350,350]
[]
[]
[]
[472,1591,1,11,61,{"$nulls":3},"Catches, Cabin Hooks, Etc","H4",0]
[]
[]
[]
[473,1592,1,11,61,5,null,null,"100mm Brass cabin hook and eye screwed to and including 69","No",1,120,120]
[{"$nulls":8}," x 69 x 32mm chamfered Meranti block plugged to wall."]
[]
[]
[]
[474,1602,1,11,61,{"$nulls":3},"Stops, Holders, Hooks, Etc","H4",0]
[]
[]
[]
[475,1603,1,11,61,6,null,null,"32mm Rubber door stop plugged to floor.","No",1,40,40]
[]
[]
[]
[476,1607,1,11,61,7,null,null,"Union AL8721AS hat and coat hook.","No",1,60,60]
[]
[]
[]
[477,1634,1,12,62,{"$nulls":3},"BILL No. 12 ","H1",0]
[]
[{"$nulls":8}," "]
[]
[{"$nulls":8},"METALWORK "]
[]
[{"$nulls":8}," "]
[]
[{"$nulls":8},"(CPAP Work Group No 136 Unless"]
[{"$nulls":8}," Otherwise Stated) "]
[]
[478,1635,1,12,62,{"$nulls":3},"SUNDRY METALWORK","H3",0]
[]
[]
[]
[479,1878,1,12,62,{"$nulls":3},"HOT DIP GALVANISED STEEL ROLLER SHUTTER DOORS","H3",0]
[{"$nulls":8}," WITH CHROMADEK OR OTHER APPROVED PRE-PAINTED"]
[{"$nulls":8}," FINISH"]
[]
[]
[]
[480,7655,1,12,62,{"$nulls":3},"The Following In Hot Dipped Galvanised Mild Steel Framed","H4",0]
[{"$nulls":8}," And Welded Grille Gates And Screens Including All Hinges,"]
[{"$nulls":8}," Barrel And Padbolts, Lockbox, Housing For Bolt Of Lock"]
[{"$nulls":8}," Including All Welding, Cutting, Drilling, Screwing, Bolting,"]
[{"$nulls":8}," Grinding Smooth, Touching Up With Cold Galvanising, Etc And"]
[{"$nulls":8}," Fixing Complete In Position All As Attached Drawings "]
[]
[481,9311,1,12,62,1,null,null,"Steel Cage for Bottle Gas Cylinders suitable to Three Gas","Item",1,null,{"v":6680,"d":"6,680.00"}]
[{"$nulls":8}," Cylinders"]
[]
[{"$nulls":8}," "]
[]
[482,1892,1,12,62,{"$nulls":3},"NATURAL ANODISED ALUMINIUM WINDOWS, DOORS,","H3",0]
[{"$nulls":8}," ETC BY AAAMSA MEMBERS ONLY AND PROVIDE"]
[{"$nulls":8}," AAAMSA PERFORMANCE TEST CERTIFICATE "]
[]
[483,8140,1,12,62,{"$nulls":3},"Stained or similar approved Safety Glazed Natural Anodized","H4",0]
[{"$nulls":8}," Aluminium Shower Sides And Doors Fixed To Tiled Walls And"]
[{"$nulls":8}," Kerbs And Sealed All Around "]
[]
[484,1901,1,12,62,2,null,null,"Sliding shower door in single leaves to suit plain opening size","No",10,{"v":1100,"d":"1,100.00"},{"v":11000,"d":"11,000.00"}]
[{"$nulls":8}," 500 x 1800mm high."]
[]
[{"$nulls":8}," "]
[]
[485,4045,1,12,62,3,null,null,"Allow the sum of R 2,000,00 (Two Thousand Rand) for","Item",1,{"v":2000,"d":"2,000.00"},{"v":2000,"d":"2,000.00"}]
[{"$nulls":8}," Ironmongery supplied and fixed complete to aluminium doors."]
[]
[{"$nulls":8}," "]
[]
[486,5087,1,12,62,{"$nulls":3},"Sundries","H4",0]
[]
[]
[]
[487,4320,1,12,62,4,null,null,"Seal and point around aluminium window or door frames with","m",41,50,{"v":2050,"d":"2,050.00"}]
[{"$nulls":8}," an approved external quality sealing compound applied with a"]
[{"$nulls":8}," pressure caulking gun."]
[]
[488,2019,1,13,63,{"$nulls":3},"BILL No. 13 ","H1",0]
[]
[{"$nulls":8}," "]
[]
[{"$nulls":8},"PLUMBING (PROVISIONAL) "]
[]
[{"$nulls":8}," "]
[]
[{"$nulls":8},"(CPAP Work Group No. 148 Unless"]
[{"$nulls":8}," Otherwise Stated) "]
[]
[489,3341,1,13,63,{"$nulls":3},"RAINWATER TANKS, ETC","H3",0]
[]
[]
[]
[490,3342,1,13,63,1,null,null,"2500 Litre plastic seamless water storage tank complete with","No",1,600,600]
[{"$nulls":8}," fixing lugs and lid, fitted with and including 15mm brass bibtap"]
[{"$nulls":8}," with handle suitable for padlocking and setting in position on"]
[{"$nulls":8}," concrete tankstand (elsewhere measured) and tying down with"]
[{"$nulls":8}," 4mm diameter galvanised wire wrapped twice around centre of"]
[{"$nulls":8}," tank and secured to each corner of tank stand with a double"]
[{"$nulls":8}," strand of 4mm diameter galvanised wire embedded into"]
[{"$nulls":8}," concrete."]
[]
[491,3345,1,13,63,2,null,null,"Hole through top of tank lid for 100mm diameter pipe.","No",1,150,150]
[]
[492,5007,1,13,63,3,null,null,"30mm Union padlock with 20mm stainless steel shackle.","No",1,150,150]
[]
[493,9301,1,13,63,null,97,null,"FIRE SERVICE","H3",0]
[]
[]
[]
[494,9302,1,13,63,null,98,null,"Sundries","H4",0]
[]
[]
[]
[495,9303,1,13,63,4,98.3,null,"9 Kg CO2 type fire extinguisher complete with bracket and","No",5,{"v":3250,"d":"3,250.00"},{"v":16250,"d":"16,250.00"}]
[{"$nulls":8}," meranti board, fixed to wall with expanding bolts and including"]
[{"$nulls":8}," mortices in brickwork."]
[]
[{"$nulls":8}," "]
[]
[496,9304,1,13,63,5,null,null,"9 Kg DCP fire extinguisher complete with bracket and meranti","No",2,{"v":2000,"d":"2,000.00"},{"v":4000,"d":"4,000.00"}]
[{"$nulls":8}," board, fixed to wall with expanding bolts and including mortices"]
[{"$nulls":8}," in brickwork."]
[]
[{"$nulls":8}," "]
[]
[497,9305,1,13,63,6,null,null,"4.5 Kg DCP fire extinguisher complete with bracket and meranti","No",3,{"v":1650,"d":"1,650.00"},{"v":4950,"d":"4,950.00"}]
[{"$nulls":8}," board, fixed to wall with expanding bolts and including mortices"]
[{"$nulls":8}," in brickwork."]
[]
[{"$nulls":8}," "]
[]
[498,9306,1,13,63,7,null,null,"9 Kg DCP fire extinguisher fibreglass cabinet (Double)","No",1,{"v":3300,"d":"3,300.00"},{"v":3300,"d":"3,300.00"}]
[]
[{"$nulls":8}," "]
[]
[499,9307,1,13,63,8,null,null,"Fire blanket","No",2,650,{"v":1300,"d":"1,300.00"}]
[]
[{"$nulls":8}," "]
[]
[500,9308,1,13,63,9,98.5,null,"\"Chubb\" or other approved turnable hosereel bearing SABS","No",1,{"v":5500,"d":"5,500.00"},{"v":5500,"d":"5,500.00"}]
[{"$nulls":8}," mark and brackets with patent swivel joints, fitted with 30m"]
[{"$nulls":8}," length of 19mm diameter SABS red PVC hose with gunmetal"]
[{"$nulls":8}," 'shut-off' control nozzle and chromium plated wheelhead valve"]
[{"$nulls":8}," and fix reel and nozzle bracket to plastered walls with and"]
[{"$nulls":8}," including 6 x 76mm expanding bolts in mortices in wall."]
[]
[]
[]
[501,9309,1,13,64,null,98,null,"TESTING","H3",0]
[]
[]
[]
[502,9310,1,13,64,1,98.6,null,"Allow for testing all drains, sanitary plumbing, water supplies","Item",1,null,{"v":5000,"d":"5,000.00"}]
[{"$nulls":8}," and fire appliances and installations to the satisfaction of the"]
[{"$nulls":8}," Architect and to Municipal requirements and supply all"]
[{"$nulls":8}," necessary compliance certificates. All defective work is to be"]
[{"$nulls":8}," taken out and replaced at the Contractor's expense."]
[]
[503,2301,1,14,66,{"$nulls":3},"BILL No. 14 ","H1",0]
[]
[{"$nulls":8}," "]
[]
[{"$nulls":8},"PAINTWORK "]
[]
[{"$nulls":8}," "]
[]
[{"$nulls":8},"(CPAP Work Group No. 152 Unless"]
[{"$nulls":8}," Otherwise Stated) "]
[]
[504,2302,1,14,66,{"$nulls":3},"Descriptions ","H4",0]
[]
[505,8375,1,14,66,{"$nulls":3},"All plaster surfaces are smooth (floated) unless otherwise",null,0]
[{"$nulls":8}," described.  "]
[]
[506,8374,1,14,66,{"$nulls":3},"Prices  ","H4",0]
[]
[507,8376,1,14,66,{"$nulls":3},"Paintwork shall include the preparation of surfaces, filling,",null,0]
[{"$nulls":8}," stopping, sanding and the spot priming of filling, stopping, nail"]
[{"$nulls":8}," heads and screws"]
[]
[{"$nulls":8}," "]
[]
[508,2368,1,14,66,{"$nulls":3},"PAINT ON METAL ","H3",0]
[]
[509,2377,1,14,66,{"$nulls":3},"Remove All Traces Of Protective Coating From Galvanised","H4",0]
[{"$nulls":8}," Surfaces With Galvanised Iron Cleaner, Prepare And Apply"]
[{"$nulls":8}," One Coat Galvanised Iron Primer, One Undercoat And Two"]
[{"$nulls":8}," Coats Enamel On "]
[]
[510,2378,1,14,66,1,null,null,"Steel windows with burglar bars (measured on flat over both","m2",6,95,570]
[{"$nulls":8}," sides). "]
[]
[511,2405,1,14,66,{"$nulls":3},"PAINT ON WOOD ","H3",0]
[]
[512,2406,1,14,66,{"$nulls":3},"Prime Or Oil ","H4",0]
[]
[513,2407,1,14,66,2,null,null,"Backs of frames or linings not exceeding 300mm girth. ","m",22,70,{"v":1540,"d":"1,540.00"}]
[]
[514,2408,1,14,66,{"$nulls":3},"Prepare And Apply Two Coats Carbolinium Wood Preservative","H4",0]
[{"$nulls":8}," On "]
[]
[515,2409,1,14,66,3,null,null,"Wall plate. ","m2",32,120,{"v":3840,"d":"3,840.00"}]
[]
[516,2410,1,14,66,{"$nulls":3},"Prepare And Apply Three Coats Interior Quality Clear Varnish","H4",0]
[{"$nulls":8}," On "]
[]
[517,2415,1,14,66,4,null,null,"Skirtings, cornices or rails not exceeding 300mm girth. ","m",26,80,{"v":2080,"d":"2,080.00"}]
[]
[518,9293,1,14,66,5,null,null,"Doors. ","m2",9,150,{"v":1350,"d":"1,350.00"}]
[]
[519,2416,1,14,67,{"$nulls":3},"Prepare And Apply Three Coats Exterior Quality Clear Varnish","H4",0]
[{"$nulls":8}," On "]
[]
[520,2418,1,14,67,1,null,null,"Frames and linings. ","m2",2,90,180]
[]
[521,2423,1,14,67,2,null,null,"Doors. ","m2",9,150,{"v":1350,"d":"1,350.00"}]
[]
[522,2422,1,14,67,{"$nulls":3},"Prepare, Stop And Apply One Coat Pink Wood Primer, One","H4",0]
[{"$nulls":8}," Undercoat And Two Coats Enamel On "]
[]
[523,2427,1,14,67,3,null,null,"Verandah beams, rafters, etc.","m2",15,65,975]
[]
[{"$nulls":8}," "]
[]
[524,2429,1,14,67,4,null,null,"Exposed timbers at eaves and verges. ","m2",7,110,770]
[]
[525,2432,1,14,67,{"$nulls":3},"REDECORATION OF PREVIOUSLY PAINTED WOOD ","H3",0]
[]
[526,2433,1,14,67,{"$nulls":3},"Clean Down, Remove All Loose And Flaking Varnish, Prepare","H4",0]
[{"$nulls":8}," And Apply Two Coats Interior Quality Clear Varnish On "]
[]
[527,9291,1,14,67,5,null,null,"Timber panels to walls","m2",66,100,{"v":6600,"d":"6,600.00"}]
[]
[{"$nulls":8}," "]
[]
[528,2434,1,14,67,6,null,null,"Doors. ","m2",4,50,200]
[]
[529,9295,1,14,67,7,null,null,"Ceilings.","m2",72,150,{"v":10800,"d":"10,800.00"}]
[]
[{"$nulls":8}," "]
[]
[530,2435,1,14,67,8,null,null,"Frames and linings. ","m2",3,60,180]
[]
[531,2436,1,14,67,9,null,null,"Sash doors, fanlights, etc (measured on flat over both sides). ","m2",3,60,180]
[]
[532,2438,1,14,67,10,null,null,"Skirtings, cornices or rails not exceeding 300mm girth. ","m",18,30,540]
[]
[533,2439,1,14,67,{"$nulls":3},"Clean Down, Remove All Loose And Flaking Varnish, Prepare","H4",0]
[{"$nulls":8}," And Apply Two Coats Exterior Quality Clear Varnish On "]
[]
[534,9292,1,14,67,11,null,null,"Timber panels to walls","m2",80,80,{"v":6400,"d":"6,400.00"}]
[]
[{"$nulls":8}," "]
[]
[535,2440,1,14,67,12,null,null,"Doors. ","m2",4,50,200]
[]
[536,2441,1,14,67,13,null,null,"Frames and linings. ","m2",3,60,180]
[]
[537,5229,1,14,67,14,null,null,"Windows (measured on flat over both sides). ","m2",6,60,360]
[]
[538,5230,1,14,67,15,null,null,"Windows with glazing bars (measured on flat over both sides). ","m2",2,90,180]
[]
[539,9296,1,14,67,null,82,null,"Clean Down, Remove All Loose And Flaking Paint, Prepare","H4",0]
[{"$nulls":8}," Surfaces And Apply Two Coats Roof Paint On "]
[]
[540,9297,1,14,67,16,82.2,null,"Concrete roof tile roof covering (measured on flat).","m2",140,65,{"v":9100,"d":"9,100.00"}]
[]
[{"$nulls":8}," "]
[]
[541,9298,1,14,67,null,47,null,"THE FOLLOWING IN PLYWOOD CUPBOARDS ","H3",0]
[]
[542,9299,1,14,68,{"$nulls":3},"Prepare, Stop And Apply One Coat Pink Wood Primer, One","H4",0]
[{"$nulls":8}," Undercoat And Two Coats Plascon Wall And All As Per"]
[{"$nulls":8}," Architect Specification "]
[]
[543,9300,1,14,68,1,null,null,"Shutterply wood. as Page.Item 82.9","m2",19,100,{"v":1900,"d":"1,900.00"}]
[]
[{"$nulls":8}," "]
[]
[544,2454,1,15,70,{"$nulls":3},"BILL No. 15 ","H1",0]
[]
[{"$nulls":8}," "]
[]
[{"$nulls":8},"EXTERNAL WORKS (PROVISIONAL) "]
[]
[545,2455,1,15,70,{"$nulls":3},"NOTE: ",null,0]
[]
[{"$nulls":8}," "]
[]
[{"$nulls":8},"The Standard Preambles and the Notes in the various trade"]
[{"$nulls":8}," bills are to, and do, apply equally to this section. "]
[]
[{"$nulls":8}," "]
[]
[{"$nulls":8}," -------------------- "]
[]
[546,8965,1,15,70,{"$nulls":3},"Before commencing any works under \"Site Excavations\", cross",null,0]
[{"$nulls":8}," sections shall be taken by the contractor and these levels shall"]
[{"$nulls":8}," be compared with those given on the drawings. Failure by the"]
[{"$nulls":8}," contractor to report any discrepancy between the physical"]
[{"$nulls":8}," levels and those shown on the drawings will be construed as"]
[{"$nulls":8}," acceptance of the latter by him."]
[]
[{"$nulls":8}," "]
[]
[547,2456,1,15,70,{"$nulls":3},"SITE EXCAVATIONS ","H2",0]
[]
[548,2457,1,15,70,{"$nulls":3},"EARTHWORKS ","H3",0]
[]
[{"$nulls":8}," "]
[]
[{"$nulls":8},"(CPAP Work Group No. 104 Unless Otherwise Stated) "]
[]
[549,2458,1,15,70,{"$nulls":3},"Demolitions ","H4",0]
[]
[550,9290,1,15,70,1,null,null,"Take down and remove 2500L water tank including water tank","No",1,{"v":5500,"d":"5,500.00"},{"v":5500,"d":"5,500.00"}]
[{"$nulls":8}," base structure."]
[]
[{"$nulls":8}," "]
[]
[551,2475,1,15,70,{"$nulls":3},"Site Clearance ","H4",0]
[]
[552,2476,1,15,70,2,null,null,"Allow for clearing the site of all shrubs and trees not exceeding","m2",40,30,{"v":1200,"d":"1,200.00"}]
[{"$nulls":8}," 200mm girth, rubbish, debris, vegetation, drains, etc, that may"]
[{"$nulls":8}," be encountered and roughly level site. "]
[]
[553,2482,1,15,70,{"$nulls":3},"Excavations, Filling, Etc As SANS 1200 D ","H4",0]
[]
[554,2483,1,15,70,3,null,null,"Soft excavation to open face over site to reduce levels. ","m3",1,60,60]
[]
[555,2512,1,15,70,{"$nulls":3},"CONCRETE ","H3",0]
[]
[{"$nulls":8}," "]
[]
[{"$nulls":8},"(CPAP Work Group No. 110 Unless Otherwise Stated) "]
[]
[556,4909,1,15,70,4,null,null,"Set of three concrete test cubes size 150 x 150 x 150mm","Sets",1,250,250]
[{"$nulls":8}," overall including testing (Provisional). "]
[]
[557,2513,1,15,71,{"$nulls":3},"Concrete ","H4",0]
[]
[558,2515,1,15,71,1,null,null,"Cement concrete (15MPa) in apron paving, walkways, etc cast","m3",2,{"v":1900,"d":"1,900.00"},{"v":3800,"d":"3,800.00"}]
[{"$nulls":8}," in panels not exceeding 5m2. "]
[]
[559,2517,1,15,71,{"$nulls":3},"Concrete Sundries ","H4",0]
[]
[560,2518,1,15,71,2,null,null,"Float top of concrete to falls with a wood float and finish with a","m2",17,40,680]
[{"$nulls":8}," brushed non-skid surface whilst concrete is still green with the"]
[{"$nulls":8}," addition of 2.1 sand and cement as necessary. "]
[]
[561,2519,1,15,71,{"$nulls":3},"FORMWORK ","H3",0]
[]
[{"$nulls":8}," "]
[]
[{"$nulls":8},"(CPAP Work Group No. 111 Unless Otherwise Stated) "]
[]
[562,2520,1,15,71,{"$nulls":3},"Class F1 Rough Formwork To ","H4",0]
[]
[563,2521,1,15,71,3,null,null,"Edges, risers, ends and reveals not exceeding 300mm high or","m",7,30,210]
[{"$nulls":8}," wide. "]
[]
[564,2522,1,15,71,{"$nulls":3},"Movement Joints, Etc ","H4",0]
[]
[565,2523,1,15,71,4,null,null,"Expansion joint not exceeding 300mm high or wide formed of","m",5,40,200]
[{"$nulls":8}," one layer 10mm thick bitumen impregnated softboard joint filler"]
[{"$nulls":8}," set between vertical concrete or brick surfaces. "]
[]
[566,2624,1,15,71,{"$nulls":3},"BOUNDARY, SCREEN WALLS, WATER TANK","H2",0]
[{"$nulls":8}," BASES, ETC "]
[]
[567,2625,1,15,71,{"$nulls":3},"EARTHWORKS ","H3",0]
[]
[{"$nulls":8}," "]
[]
[{"$nulls":8},"(CPAP Work Group No. 104 Unless Otherwise Stated) "]
[]
[568,2626,1,15,71,5,null,null,"Excavate in earth for surface trenches not exceeding 2000mm","m3",5,60,300]
[{"$nulls":8}," deep. "]
[]
[569,2627,1,15,71,6,null,null,"Extra over excavation in earth to bases and trenches for","m3",1,65,65]
[{"$nulls":8}," excavation in soft rock. "]
[]
[570,2628,1,15,71,7,null,null,"Ditto, but in hard rock. ","m3",0.3,70,21]
[]
[571,2629,1,15,71,8,null,null,"Extra over all excavations for carting away from the site all","m3",2,45,90]
[{"$nulls":8}," surplus excavated material. "]
[]
[572,2630,1,15,71,9,null,null,"Allow for risk of collapse to sides of trench and base","m2",14,20,280]
[{"$nulls":8}," excavations not exceeding 1500mm deep. "]
[]
[573,2631,1,15,71,10,null,null,"Allow for keeping excavations free from water. ","Item",1,null,500]
[]
[574,2632,1,15,72,1,null,null,"Earth filling, selected by the Contractor from the excavated","m3",3,45,135]
[{"$nulls":8}," material, deposited in layers not exceeding 150mm thick,"]
[{"$nulls":8}," watered and consolidated as backfilling to trenches, bases, etc."]
[{"$nulls":8}," "]
[]
[575,4149,1,15,72,2,null,null,"Earth filling, selected and supplied by the Contractor, deposited","m3",1,200,200]
[{"$nulls":8}," in layers not exceeding 150mm thick, watered and consolidated"]
[{"$nulls":8}," as filling under floors, etc including compaction density tests."]
[]
[{"$nulls":8}," "]
[]
[576,2634,1,15,72,{"$nulls":3},"CONCRETE ","H3",0]
[]
[{"$nulls":8}," "]
[]
[{"$nulls":8},"(CPAP Work Group No. 110 Unless Otherwise Stated) "]
[]
[577,4911,1,15,72,3,null,null,"Set of three concrete test cubes size 150 x 150 x 150mm","Sets",1,250,250]
[{"$nulls":8}," overall including testing (Provisional). "]
[]
[578,2635,1,15,72,{"$nulls":3},"Concrete ","H4",0]
[]
[579,4148,1,15,72,4,null,null,"Reinforced cement concrete (25MPa) in water tank base. ","m3",1,{"v":1300,"d":"1,300.00"},{"v":1300,"d":"1,300.00"}]
[]
[580,2637,1,15,72,{"$nulls":3},"Concrete Cast Against Excavated Surfaces ","H4",0]
[]
[581,2639,1,15,72,5,null,null,"Reinforced cement concrete (20MPa) in footings. ","m3",1,{"v":1300,"d":"1,300.00"},{"v":1300,"d":"1,300.00"}]
[]
[582,2640,1,15,72,{"$nulls":3},"FORMWORK ","H3",0]
[]
[{"$nulls":8}," "]
[]
[{"$nulls":8},"(CPAP Work Group No. 111 Unless Otherwise Stated) "]
[]
[583,2641,1,15,72,{"$nulls":3},"Class F1 Rough Formwork To ","H4",0]
[]
[584,2642,1,15,72,6,null,null,"Edge, risers, ends and reveals not exceeding 300mm high or","m",8,15,120]
[{"$nulls":8}," wide. "]
[]
[585,2643,1,15,72,{"$nulls":3},"REINFORCEMENT ","H3",0]
[]
[{"$nulls":8}," "]
[]
[{"$nulls":8},"(CPAP Work Group No. 114 Unless Otherwise Stated) "]
[]
[586,2644,1,15,72,{"$nulls":3},"High Tensile Steel Bar Reinforcement To Structural Concrete","H4",0]
[{"$nulls":8}," Work "]
[]
[587,2645,1,15,72,7,null,null,"10mm Diameter bars. ","kg",50,9.5,475]
[]
[588,2646,1,15,72,8,null,null,"12mm Diameter bars. ","kg",50,9.5,475]
[]
[589,3862,1,15,72,{"$nulls":3},"Fabric Reinforcement To Concrete Work ","H4",0]
[]
[590,4697,1,15,72,9,null,null,"High tensile steel mesh Ref. 193 to concrete surface beds,","m2",4,95,380]
[{"$nulls":8}," slabs, etc. "]
[]
[591,2649,1,15,73,{"$nulls":3},"BRICKWORK ","H3",0]
[]
[{"$nulls":8}," "]
[]
[{"$nulls":8},"(CPAP Work Group No. 116 Unless Otherwise Stated) "]
[]
[592,2650,1,15,73,{"$nulls":3},"Brickwork In Clay Bricks In 6:1 Cement Mortar In ","H3",0]
[]
[593,2655,1,15,73,1,null,null,"One brick wall. ","m2",9,345,{"v":3105,"d":"3,105.00"}]
[]
[594,2665,1,15,73,{"$nulls":3},"Reinforcement ","H4",0]
[]
[595,2666,1,15,73,2,null,null,"Galvanised brick reinforcement 155mm wide. ","m",106,7,742]
[]
[596,2686,1,15,73,{"$nulls":3},"PLASTERING ","H3",0]
[]
[{"$nulls":8}," "]
[]
[{"$nulls":8},"(CPAP Work Group No. 142 Unless Otherwise Stated) "]
[]
[597,4150,1,15,73,{"$nulls":3},"Untinted Grano On Concrete ","H4",0]
[]
[598,4151,1,15,73,3,null,null,"25mm Thick on floors. ","m2",4,55,220]
[]
[599,4152,1,15,73,4,null,null,"25mm Thick on narrow widths. ","m2",1,70,70]
[]
[600,2757,1,16,75,{"$nulls":3},"BILL No. 16 ","H1",0]
[]
[{"$nulls":8}," "]
[]
[{"$nulls":8},"PROVISIONAL SUMS "]
[]
[601,8692,1,16,75,{"$nulls":3},"SUPPLEMENTARY PREAMBLES ","H3",0]
[]
[602,8693,1,16,75,{"$nulls":3},"General ","H4",0]
[]
[603,8694,1,16,75,{"$nulls":3},"Work for which budgetary allowances are provided will be",null,0]
[{"$nulls":8}," measured and valued in accordance with clause 32 of the"]
[{"$nulls":8}," Principal Building Agreement and deducted in whole or in part if"]
[{"$nulls":8}," not required without any compensation for loss or profit on the"]
[{"$nulls":8}," said allowances."]
[]
[{"$nulls":8}," "]
[]
[604,8695,1,16,75,{"$nulls":3},"Prime cost amounts and provisional sums are net.  Prime cost",null,0]
[{"$nulls":8}," amounts include for delivery to site of all articles concerned. "]
[]
[{"$nulls":8}," "]
[]
[{"$nulls":8},"Provisional sums are for material and equipment supplied and"]
[{"$nulls":8}," installed complete by firms of specialists. "]
[]
[605,8696,1,16,75,{"$nulls":3},"Profit ","H4",0]
[]
[606,8697,1,16,75,{"$nulls":3},"Where stated, the contractor may allow for profit if required.",null,0]
[]
[{"$nulls":8}," "]
[]
[607,8698,1,16,75,{"$nulls":3},"General Attendance On Nominated/Selected Subcontractors ","H4",0]
[]
[608,8699,1,16,75,{"$nulls":3},"The item \"Attendance\" which follows each provisional sum for",null,0]
[{"$nulls":8}," nominated/selected subcontractors' work, shall be deemed to"]
[{"$nulls":8}," cover all the contractor's costs incurred in providing free of"]
[{"$nulls":8}," charge to the nominated/selected subcontractors, the following:"]
[]
[{"$nulls":8}," "]
[]
[609,8700,1,16,75,{"$nulls":3},"1\tThe services as set out in clause B9.1 of the",null,0]
[{"$nulls":8}," Preliminaries."]
[]
[]
[]
[{"$nulls":8},"2\tMaking good in all trades and cleaning down and"]
[{"$nulls":8}," removal of rubbish on completion."]
[]
[{"$nulls":8}," "]
[]
[610,8701,1,16,75,{"$nulls":3},"Special Attendance On Nominated/Selected Subcontractors ","H4",0]
[]
[611,8702,1,16,75,{"$nulls":3},"Where stated special attendance will be described in detail in",null,0]
[{"$nulls":8}," the Schedule for Variables in the Preliminaries for the services"]
[{"$nulls":8}," as set out in clause B9.2."]
[]
[{"$nulls":8}," "]
[]
[612,2758,1,16,75,{"$nulls":3},"The Following Nominated/Selected Sub-Contract Amounts Are",null,0]
[{"$nulls":8}," For Work To Be Carried Out By Nominated Sub-Contractors:"]
[]
[{"$nulls":8}," "]
[]
[613,8703,1,16,76,{"$nulls":3},"Builder's Work ","H4",0]
[]
[614,8704,1,16,76,{"$nulls":3},"Builder's work in connection with specialist services is given",null,0]
[{"$nulls":8}," elsewhere in these bills of quantities."]
[]
[{"$nulls":8}," "]
[]
[615,8705,1,16,76,{"$nulls":3},"                              ------------------------------",null,0]
[]
[{"$nulls":8}," "]
[]
[616,8675,1,16,76,{"$nulls":3},"PROVISIONAL SUMS FOR NOMINATED OR","H2",0]
[{"$nulls":8}," SELECTED SUB-CONTRACT  WORKS "]
[]
[617,8610,1,16,76,{"$nulls":3},"AUDIO VISUAL ","H3",0]
[]
[618,3252,1,16,76,1,null,null,"Provide the sum of R 290,000.00 ( Two Hundred Eighty Nine","Item",1,{"v":290000,"d":"290,000.00"},{"v":290000,"d":"290,000.00"}]
[{"$nulls":8}," Thousand Rand) for Audio Visual Equipment installation and"]
[{"$nulls":8}," fittings supplied and fixed complete."]
[]
[{"$nulls":8}," "]
[]
[619,3253,1,16,76,2,null,null,"Allow for general attendance on ditto.","Item",1,null,{"v":14500,"d":"14,500.00"}]
[]
[]
[]
[620,3254,1,16,76,3,null,null,"Allow for profit if required.","Item",1,null,{"v":14500,"d":"14,500.00"}]
[]
[]
[]
[621,8628,1,16,76,{"$nulls":3},"PVC DECK ","H3",0]
[]
[622,3269,1,16,76,4,null,null,"Provide the sum of R 22,000.00 (Twenty Two Thousand Rand)","Item",1,{"v":22000,"d":"22,000.00"},{"v":22000,"d":"22,000.00"}]
[{"$nulls":8}," for Hard Durable PVC Deck installation supplied and installed"]
[{"$nulls":8}," complete."]
[]
[{"$nulls":8}," "]
[]
[623,3270,1,16,76,5,null,null,"Allow for general attendance on ditto.","Item",1,null,{"v":1100,"d":"1,100.00"}]
[]
[624,3271,1,16,76,6,null,null,"Allow for profit if required.","Item",1,null,{"v":1100,"d":"1,100.00"}]
[]
[625,8629,1,16,76,{"$nulls":3},"DECK BENCH ","H3",0]
[]
[626,3291,1,16,76,7,null,null,"Provide the sum of R 12,500.00 (Twelve Thousand Five","Item",1,{"v":12500,"d":"12,500.00"},{"v":12500,"d":"12,500.00"}]
[{"$nulls":8}," Hundred Rand) for Bench supplied and fixed complete."]
[]
[{"$nulls":8}," "]
[]
[627,3292,1,16,76,8,null,null,"Allow for general attendance on ditto.","Item",1,null,625]
[]
[]
[]
[628,3293,1,16,76,9,null,null,"Allow for profit if required.","Item",1,null,625]
[]
[]
[]
[629,8630,1,16,76,{"$nulls":3},"KITCHEN EQUIPMENT ","H3",0]
[]
[630,3294,1,16,76,10,null,null,"Provide the sum of R 11,000.00 (Eleven Thousand Rand) for","Item",1,{"v":11000,"d":"11,000.00"},{"v":11000,"d":"11,000.00"}]
[{"$nulls":8}," Kitchen Equipment supplied and fixed complete."]
[]
[{"$nulls":8}," "]
[]
[631,3295,1,16,76,11,null,null,"Allow for general attendance on ditto.","Item",1,null,550]
[]
[]
[]
[632,3296,1,16,76,12,null,null,"Allow for profit if required.","Item",1,null,550]
[]
[]
[]
[633,8634,1,16,77,{"$nulls":3},"TV ","H3",0]
[]
[634,2785,1,16,77,1,null,null,"Provide the sum of R 22,000.00 (Twenty Two Thousand Rand)","Item",1,{"v":22000,"d":"22,000.00"},{"v":22000,"d":"22,000.00"}]
[{"$nulls":8}," for TV installation supplied and fixed complete. (2No. 50 Inche)"]
[]
[{"$nulls":8}," "]
[]
[635,3192,1,16,77,2,null,null,"Allow for general attendance on ditto.","Item",1,null,{"v":1100,"d":"1,100.00"}]
[]
[]
[]
[636,3193,1,16,77,3,null,null,"Allow for profit if required.","Item",1,null,{"v":1100,"d":"1,100.00"}]
[]
[]
[]
[637,8635,1,16,77,{"$nulls":3},"EXTRACTOR FAN ","H3",0]
[]
[638,2786,1,16,77,4,null,null,"Provide the sum of R 8,500.00 (Eight Thousand Five Hundred","Item",1,{"v":8500,"d":"8,500.00"},{"v":8500,"d":"8,500.00"}]
[{"$nulls":8}," Rand) for Extractor installation supplied and fixed complete."]
[]
[{"$nulls":8}," "]
[]
[639,3194,1,16,77,5,null,null,"Allow for general attendance on ditto.","Item",1,null,425]
[]
[]
[]
[640,3195,1,16,77,6,null,null,"Allow for profit if required.","Item",1,null,425]
[]
[]
[]
[641,8636,1,16,77,{"$nulls":3},"STOVE ","H3",0]
[]
[642,2787,1,16,77,7,null,null,"Provide the sum of R 23,000.00 (Twenty Three Thousand","Item",1,{"v":23000,"d":"23,000.00"},{"v":23000,"d":"23,000.00"}]
[{"$nulls":8}," Rand) for Industrial Gas Stove supplied and fixed complete."]
[]
[{"$nulls":8}," "]
[]
[643,3196,1,16,77,8,null,null,"Allow for general attendance on ditto.","Item",1,null,{"v":1150,"d":"1,150.00"}]
[]
[644,3197,1,16,77,9,null,null,"Allow for profit if required.","Item",1,null,{"v":1150,"d":"1,150.00"}]
[]
[645,8641,1,16,77,{"$nulls":3},"SIGNAGE ","H3",0]
[]
[646,2788,1,16,77,10,null,null,"Provide the sum of R 5,000.00 (Five Thousand Rand) for","Item",1,{"v":5000,"d":"5,000.00"},{"v":5000,"d":"5,000.00"}]
[{"$nulls":8}," Signage supplied and fixed complete."]
[]
[{"$nulls":8}," "]
[]
[647,2789,1,16,77,11,null,null,"Allow for general attendance on ditto.","Item",1,null,250]
[]
[]
[]
[648,2790,1,16,77,12,null,null,"Allow for profit if required.","Item",1,null,250]
[]
[]
[]
[649,8642,1,16,77,{"$nulls":3},"ARTWORK, FEATURES, THEMING ","H3",0]
[]
[650,3245,1,16,77,13,null,null,"Provide the sum of R 8,000.00  (Eight Thousand Rand) for Art","Item",1,{"v":8000,"d":"8,000.00"},{"v":8000,"d":"8,000.00"}]
[{"$nulls":8}," Work/Features/Theming supplied and installed complete."]
[]
[{"$nulls":8}," "]
[]
[651,3246,1,16,77,14,null,null,"Allow for general attendance on ditto.","Item",1,null,400]
[]
[]
[]
[652,3247,1,16,77,15,null,null,"Allow for profit if required.","Item",1,null,400]
[]
[]
[]
[653,8643,1,16,77,{"$nulls":3},"FURNITURE ","H3",0]
[]
[654,3319,1,16,77,16,null,null,"Provide the sum of R 35,000.00  (Thirty Five Thousand Rand)","Item",1,{"v":35000,"d":"35,000.00"},{"v":35000,"d":"35,000.00"}]
[{"$nulls":8}," for Furniture supplied and installed complete."]
[]
[{"$nulls":8}," "]
[]
[655,3320,1,16,77,17,null,null,"Allow for general attendance on ditto.","Item",1,null,{"v":1750,"d":"1,750.00"}]
[]
[]
[]
[656,3321,1,16,78,1,null,null,"Allow for profit if required.","Item",1,null,{"v":1750,"d":"1,750.00"}]
[]
[]
[]
[657,8644,1,16,78,{"$nulls":3},"TIMBER FITTINGS ","H3",0]
[]
[658,2791,1,16,78,2,null,null,"Provide the sum of R 15,000.00 ( Fifteen Thousand Rand) for","Item",1,{"v":20000,"d":"20,000.00"},{"v":20000,"d":"20,000.00"}]
[{"$nulls":8}," Timber Fittings supplied and fixed complete."]
[]
[{"$nulls":8}," "]
[]
[659,2792,1,16,78,3,null,null,"Allow for general attendance on ditto.","Item",1,null,{"v":1000,"d":"1,000.00"}]
[]
[]
[]
[660,2793,1,16,78,4,null,null,"Allow for profit if required.","Item",1,null,{"v":1000,"d":"1,000.00"}]
[]
[]
[]
[661,8653,1,16,78,{"$nulls":3},"WINDOW BLINDS ","H3",0]
[]
[662,2800,1,16,78,5,null,null,"Provide the sum of R 15,000.00 (Fifteen Thousand Rand) forl","Item",1,{"v":15000,"d":"15,000.00"},{"v":15000,"d":"15,000.00"}]
[{"$nulls":8}," Window Blinds supplied and fixed complete."]
[]
[{"$nulls":8}," "]
[]
[663,2801,1,16,78,6,null,null,"Allow for general attendance on ditto.","Item",1,null,750]
[]
[664,2802,1,16,78,7,null,null,"Allow for profit if required.","Item",1,null,750]
[]
[665,8655,1,16,78,{"$nulls":3},"LANDSCAPING ","H3",0]
[]
[666,2803,1,16,78,8,null,null,"Provide the sum of R 13,000.00 (Thirteen Thousand Rand) for","Item",1,{"v":13000,"d":"13,000.00"},{"v":13000,"d":"13,000.00"}]
[{"$nulls":8}," Landscaping executed complete."]
[]
[{"$nulls":8}," "]
[]
[667,2804,1,16,78,9,null,null,"Allow for general attendance on ditto.","Item",1,null,650]
[]
[]
[]
[668,2805,1,16,78,10,null,null,"Allow for profit if required.","Item",1,null,650]
[]
[]
[]
[669,513,1,17,80,1,null,null,"Preliminaries"]
[]
[{"$nulls":9},"Page","-35-",0,{"v":181000,"d":"181,000.00"}]
[]
[670,9286,1,17,80,2,null,null,"Alterations ","Page","-41-",0,{"v":194710,"d":"194,710.00"}]
[]
[671,515,1,17,80,3,null,null,"Foundations (Provisional)"]
[]
[{"$nulls":9},"Page","-46-",0,{"v":41610,"d":"41,610.00"}]
[]
[672,516,1,17,80,4,null,null,"Concrete, Formwork & Reinforcement"]
[]
[{"$nulls":9},"Page","-49-",0,{"v":61854,"d":"61,854.00"}]
[]
[673,518,1,17,80,5,null,null,"Masonry"]
[]
[{"$nulls":9},"Page","-50-",0,{"v":7115,"d":"7,115.00"}]
[]
[674,519,1,17,80,6,null,null,"Waterproofing"]
[]
[{"$nulls":9},"Page","-51-",0,{"v":2240,"d":"2,240.00"}]
[]
[675,520,1,17,80,7,null,null,"Roof Coverings, Etc"]
[]
[{"$nulls":9},"Page","-54-",0,{"v":22510,"d":"22,510.00"}]
[]
[676,521,1,17,80,8,null,null,"Carpentry & Joinery"]
[]
[{"$nulls":9},"Page","-58-",0,{"v":47350,"d":"47,350.00"}]
[]
[677,522,1,17,80,9,null,null,"Ceiling & Partitions"]
[]
[{"$nulls":9},"Page","-59-",0,{"v":20600,"d":"20,600.00"}]
[]
[678,9287,1,17,80,10,null,null,"Floor Coverings, Etc ","Page","-60-",0,{"v":66990,"d":"66,990.00"}]
[]
[679,524,1,17,80,11,null,null,"Ironmongery"]
[]
[{"$nulls":9},"Page","-61-",0,{"v":1450,"d":"1,450.00"}]
[]
[680,525,1,17,80,12,null,null,"Metalwork"]
[]
[{"$nulls":9},"Page","-62-",0,{"v":21730,"d":"21,730.00"}]
[]
[681,528,1,17,80,13,null,null,"Plumbing & Drainage (Provisional)"]
[]
[{"$nulls":9},"Page","-65-",0,{"v":41200,"d":"41,200.00"}]
[]
[682,530,1,17,80,14,null,null,"Paintwork"]
[]
[{"$nulls":9},"Page","-69-",0,{"v":49475,"d":"49,475.00"}]
[]
[683,531,1,17,80,15,null,null,"External Works (Provisional)"]
[]
[{"$nulls":9},"Page","-74-",0,{"v":21928,"d":"21,928.00"}]
[]
[684,532,1,17,80,16,null,null,"Provisional Sums"]
[]
[{"$nulls":9},"Page","-79-",0,{"v":533500,"d":"533,500.00"}]
[]
[685,533,1,17,80,{"$nulls":3},"TOTAL OF BUILDING WORKS","ST",0,null,"Sub Total"]
[]
[]
[]
[686,8908,1,17,80,{"$nulls":3},"ELECTRICAL INSTALLATION ","H4",0]
[]
[687,8909,1,17,80,{"$nulls":3},"Electrical Installation","Item",1,{"v":27546,"d":"27,546.00"},{"v":27546,"d":"27,546.00"}]
[]
[{"$nulls":8},"(See seperate document)"]
[]
[{"$nulls":8},"(Value Added Tax Excluded)"]
[]
[]
[]
[{"$nulls":8}," "]
[]
[688,8911,1,17,81,{"$nulls":3},"MECHANICAL INSTALLATION ","H4",0]
[]
[689,8912,1,17,81,{"$nulls":3},"Mechanical Installation","Item",1,{"v":208021.64,"d":"208,021.64"},{"v":208021.64,"d":"208,021.64"}]
[]
[{"$nulls":8},"(See seperate document)"]
[]
[{"$nulls":8},"(Value Added Tax Excluded)"]
[]
[]
[]
[{"$nulls":8}," "]
[]
[690,8916,1,17,81,{"$nulls":3},"TOTAL OF BUILDING WORKS, ELECTRICAL","ST",0,null,"Sub Total"]
[{"$nulls":8}," INSTALLATIONS & MECHANICAL INSTALLATIONS"]
[]
[{"$nulls":8}," "]
[]
[691,8676,1,17,81,{"$nulls":3},"CONTINGENCIES ","H4",0]
[]
[692,534,1,17,81,{"$nulls":3},"Provide the Sum of R 100,000.00 ( One Hundred Thousand","Item",1,{"v":100000,"d":"100,000.00"},{"v":100000,"d":"100,000.00"}]
[{"$nulls":8}," Rand) for Contingencies to be deducted in part or all if not"]
[{"$nulls":8}," required."]
[]
[{"$nulls":8}," "]
[]
[693,535,1,17,81,{"$nulls":3},"TOTAL OF BUILDING WORKS & CONTINGENCIES","ST",0,null,"Sub Total"]
[]
[{"$nulls":8}," "]
[]
[694,8910,1,17,81,{"$nulls":3},"SUB-TOTAL","ST",0,null,"Sub Total"]
[]
[{"$nulls":8}," "]
[]
[695,536,1,17,81,{"$nulls":3},"VAT at the rate of 15%","VAT",15,null,{"v":247624.45,"d":"247,624.45"}]
[]
[{"$nulls":8}," "]
[]
[null,"*","TOTAL ITEMS",695,"MSD ITEMS",335,"QUANTITY#",3158.3,"RATE#",898709.64]
[null,"*","END","ASCII"]

{"sheet":"PROV","index":13,"n_rows":90,"n_cols":5,"rows_kept":90}
["DESCRIPTION","UNIT","QUANTITY","RATE","AMOUNT"]
[]
["BILL No. 4"]
[]
["PROVISIONAL SUMS "]
[]
["SUPPLEMENTARY PREAMBLES "]
[]
["General "]
[]
["Work for which budgetary allowances are provided will be"]
[" measured and valued in accordance with clause 32 of the"]
[" Principal Building Agreement and deducted in whole or in part if"]
[" not required without any compensation for loss or profit on the"]
[" said allowances."]
[]
["Prime cost amounts and provisional sums are net.  Prime cost"]
[" amounts include for delivery to site of all articles concerned. "]
[]
["Provisional sums are for material and equipment supplied and"]
[" installed complete by firms of specialists. "]
[]
["Profit "]
[]
["Where stated, the contractor may allow for profit if required."]
[]
["General Attendance On Nominated/Selected Subcontractors "]
[]
["The item \"Attendance\" which follows each provisional sum for"]
[" nominated/selected subcontractors' work, shall be deemed to"]
[" cover all the contractor's costs incurred in providing free of"]
[" charge to the nominated/selected subcontractors, the following:"]
[]
["1\tThe services as set out in clause B9.1 of the"]
[" Preliminaries."]
[]
["2\tMaking good in all trades and cleaning down and"]
[" removal of rubbish on completion."]
[]
["Special Attendance On Nominated/Selected Subcontractors "]
[]
["Where stated special attendance will be described in detail in"]
[" the Schedule for Variables in the Preliminaries for the services"]
[" as set out in clause B9.2."]
[]
["The Following Nominated/Selected Sub-Contract Amounts Are"]
[" For Work To Be Carried Out By Nominated Sub-Contractors:"]
[]
["Builder's Work "]
[]
["Builder's work in connection with specialist services is given"]
[" elsewhere in these bills of quantities."]
["                              ------------------------------"]
["PROVISIONAL SUMS FOR NOMINATED OR"]
[" SELECTED SUB-CONTRACT  WORKS "]
[]
["ELECTRICAL"]
[]
["Provide for Electrical installation, Fittings, Lightening Protection ","Item",1]
["including Access Control and Door Security Systems. "]
[" "]
["Certificate of Compliance (CoC)","Item",1]
[]
["Allow for general attendance on ditto.","Item",1]
[]
["Allow for profit if required.","Item",1]
[]
[]
["AIRCONDITIONERS"]
[]
["Provide for Airconditioner installation supplied and fixed complete. Intallation in all classrooms","Item",6]
[]
[]
["Allow for general attendance on ditto.","Item",1]
[]
["Allow for profit if required.","Item",1]
[]
[]
["SIGNAGE "]
[]
["Provide  for OHS Signage supplied and fixed complete","Item",1]
[]
["Provide and install lockable notice boards (1,2 high X 1.6 wide with lockable glass door)","item",3]
[]
["Allow for general attendance on ditto.","Item",1]
[]
["Allow for profit if required.","Item",1]
[]
[]
["CARRIED TO FINAL SUMMARY"]